All 10k+ Cities in North America - Statistics

General Stats
  • This quiz has been taken 26 times
  • The average score is 321 of 6066
Answers on the Map
Answers color-coded by a green-red scale on the quiz's map according to % correct below.
 
Answer Stats
Country Population answer % Correct
USA 8,804,190 New York
81%
Canada 5,647,656 Toronto
81%
USA 206922 Columbus
71%
USA 50,474 Columbus
71%
USA 24,084 Columbus
71%
USA 24,028 Columbus
71%
USA 905,748 Columbus
71%
USA 31,309 Jackson
71%
USA 153,701 Jackson
71%
USA 15,481 Jackson
71%
USA 68,205 Jackson
71%
USA 10,760 Jackson
71%
USA 14,385 Jacksonville
71%
USA 949,611 Jacksonville
71%
USA 17,616 Jacksonville
71%
USA 72,723 Jacksonville
71%
USA 13,997 Jacksonville
71%
USA 689,545 Washington
71%
USA 16,071 Washington
71%
USA 12,017 Washington
71%
USA 14,500 Washington
71%
USA 13,176 Washington
71%
USA 27,993 Washington
71%
USA 26,174 Austin
67%
USA 961,855 Austin
67%
USA 2,746,388 Chicago
67%
USA 14042 Dallas
67%
USA 16,854 Dallas
67%
USA 1,304,379 Dallas
67%
USA 2,304,580 Houston
67%
USA 442,241 Miami
67%
USA 12,969 Miami
67%
USA 68,408 Portland
67%
USA 652,503 Portland
67%
USA 13,156 Portland
67%
USA 20,383 Portland
67%
USA 678,815 El Paso
62%
USA 641,903 Las Vegas
62%
USA 13,166 Las Vegas
62%
Honduras 11,270 Las Vegas
62%
Canada 423,369 London
62%
USA 10,279 London
62%
USA 11,469 Mexico
62%
USA 429,954 Minneapolis
62%
Canada 3,675,219 Montréal
62%
Canada 733,156 Québec
62%
USA 1,386,932 San Diego
62%
USA 873,965 San Francisco
62%
Canada 2,426,160 Vancouver
62%
USA 190,915 Vancouver
62%
USA 675,647 Boston
57%
USA 17,286 Charleston
57%
USA 150,227 Charleston
57%
USA 48,864 Charleston
57%
USA 478,961 Colorado Springs
57%
USA 715,522 Denver
57%
USA 639,111 Detroit
57%
USA 27,475 Green
57%
Cuba 2,137,847 Havana
57%
USA 156,607 Kansas City
57%
USA 508,090 Kansas City
57%
USA 3,898,747 Los Angeles
57%
Mexico 12,151 Los Ángeles
57%
USA 21,226 Louisville
57%
USA 633,045 Louisville/Jefferson County
57%
USA 383997 New Orleans
57%
USA 1,608,139 Phoenix
57%
USA 199,723 Salt Lake City
57%
USA 1,013,240 San Jose
57%
Costa Rica 1,453,500 San José
57%
Guatemala 23,887 San José
57%
USA 62,559 Spring
57%
USA 114,394 Springfield
57%
USA 155,929 Springfield
57%
USA 169,176 Springfield
57%
USA 58,662 Springfield
57%
USA 61,851 Springfield
57%
USA 18,782 Springfield
57%
USA 31,339 Springfield
57%
USA 301,578 St. Louis
57%
USA 291,247 Anchorage
52%
USA 498715 Atlanta
52%
USA 200,733 Birmingham
52%
USA 21,813 Birmingham
52%
USA 309,317 Cincinnati
52%
Mexico 8,843,706 Ciudad de México
52%
Canada 1,151,635 Edmonton
52%
USA 14,044 Indiana
52%
USA 887,642 Indianapolis
52%
Cuba 13,609 La Fe
52%
USA 633,104 Memphis
52%
USA 577,222 Milwaukee
52%
Canada 1,068,821 Ottawa
52%
USA 18,840 Ottawa
52%
USA 12,625 Ottawa
52%
USA 1,603,797 Philadelphia
52%
Haiti 875,978 Port-au-Prince
52%
USA 44,480 Salem
52%
USA 11,915 Salem
52%
USA 175,535 Salem
52%
USA 25,346 Salem
52%
USA 1,434,625 San Antonio
52%
Panama 10,261 San Antonio
52%
USA 87,505 Santa Fe
52%
USA 12,735 Santa Fe
52%
Cuba 15,846 Santo Domingo
52%
Dominican Republic 2,752,784 Santo Domingo
52%
USA 737,015 Seattle
52%
Mexico 1,810,645 Tijuana
52%
Canada 758,515 Winnipeg
52%
USA 44,800 York
52%
USA 20,271 Albany
48%
USA 69647 Albany
48%
USA 99,224 Albany
48%
USA 56,472 Albany
48%
USA 564,559 Albuquerque
48%
USA 16,896 Anna
48%
USA 585,708 Baltimore
48%
Mexico 888,797 Cancún
48%
USA 874,579 Charlotte
48%
Guatemala 923,392 Ciudad de Guatemala
48%
Panama 1,132,969 Ciudad de Panamá
48%
USA 11,199 Cleveland
48%
USA 372,624 Cleveland
48%
USA 47,356 Cleveland
48%
USA 918,915 Fort Worth
48%
Canada 44,058 Georgetown
48%
USA 11916 Georgetown
48%
USA 37,086 Georgetown
48%
USA 67,176 Georgetown
48%
Cayman Islands 34,921 George Town
48%
USA 29,670 Greenville
48%
USA 87,521 Greenville
48%
USA 12,786 Greenville
48%
USA 70,720 Greenville
48%
USA 28,164 Greenville
48%
Canada 348,634 Halifax
48%
Canada 729,560 Hamilton
48%
USA 63,399 Hamilton
48%
Canada 127,943 Kingston
48%
USA 24,069 Kingston
48%
USA 13,349 Kingston
48%
Jamaica 584,627 Kingston
48%
USA 36,379 Manchester
48%
USA 18,333 Manchester
48%
USA 115,644 Manchester
48%
USA 12,212 Manchester
48%
USA 12,129 Manchester
48%
USA 200,603 Montgomery
48%
USA 20,262 Montgomery
48%
USA 10,853 Montgomery
48%
Bahamas 296732 Nassau
48%
USA 47,529 Newark
48%
USA 30,601 Newark
48%
USA 311,549 Newark
48%
USA 49,934 Newark
48%
USA 440,646 Oakland
48%
USA 12,748 Oakland
48%
USA 76,416 Pittsburg
48%
USA 20,646 Pittsburg
48%
USA 116,448 Richmond
48%
USA 35,720 Richmond
48%
USA 34,585 Richmond
48%
USA 11,627 Richmond
48%
USA 226,610 Richmond
48%
USA 35,294 San Juan
48%
Puerto Rico 322,854 San Juan
48%
Trinidad and Tobago 15,772 San Juan
48%
USA 311,527 St. Paul
48%
USA 12,066 St. Peter
48%
USA 384,959 Tampa
48%
USA 12455 Baker
43%
USA 403,455 Bakersfield
43%
Canada 1,305,550 Calgary
43%
USA 10,999 Columbia
43%
USA 104,681 Columbia
43%
USA 126,254 Columbia
43%
USA 10,207 Columbia
43%
USA 136,632 Columbia
43%
USA 41,690 Columbia
43%
USA 125,410 Concord
43%
USA 17,668 Concord
43%
USA 43,976 Concord
43%
USA 105,240 Concord
43%
USA 25,313 Franklin
43%
USA 10,176 Franklin
43%
USA 11,690 Franklin
43%
USA 83,454 Franklin
43%
USA 36,816 Franklin
43%
USA 121,054 Hartford
43%
USA 15,626 Hartford
43%
USA 32,255 Juneau
43%
USA 25,391 Lafayette
43%
USA 30,411 Lafayette
43%
USA 70,783 Lafayette
43%
USA 121374 Lafayette
43%
USA 49,757 Lincoln
43%
USA 13,288 Lincoln
43%
USA 291,082 Lincoln
43%
USA 187,041 Mobile
43%
Mexico 1,142,952 Monterrey
43%
USA 689,447 Nashville
43%
USA 681,054 Oklahoma City
43%
USA 307,573 Orlando
43%
USA 302,971 Pittsburgh
43%
USA 10,214 Plymouth
43%
USA 81,026 Plymouth
43%
USA 190,934 Providence
43%
El Salvador 316,090 San Salvador
43%
Canada 264,637 Saskatoon
43%
USA 57,732 St. Peters
43%
USA 258,308 St. Petersburg
43%
USA 542,629 Tucson
43%
USA 10,341 Alexandria
38%
USA 45275 Alexandria
38%
USA 14,335 Alexandria
38%
USA 159,467 Alexandria
38%
USA 40,812 Annapolis
38%
USA 18,899 Augusta
38%
USA 227470 Baton Rouge
38%
USA 73,622 Bismarck
38%
USA 16,168 Buffalo
38%
USA 278,349 Buffalo
38%
USA 13,096 Cambridge
38%
USA 118,403 Cambridge
38%
USA 10,089 Cambridge
38%
USA 95,558 Carson
38%
USA 65,132 Cheyenne
38%
USA 214,133 Des Moines
38%
USA 32,888 Des Moines
38%
USA 39,403 Dover
38%
USA 32,741 Dover
38%
USA 18,460 Dover
38%
USA 13,112 Dover
38%
USA 30,038 Erie
38%
USA 94,831 Erie
38%
USA 18957 Fayetteville
38%
USA 208,501 Fayetteville
38%
USA 20,296 Frankfort
38%
USA 16,715 Frankfort
38%
USA 28,602 Frankfort
38%
USA 542,107 Fresno
38%
USA 24,486 Fresno
38%
Mexico 1,385,621 Guadalajara
38%
USA 20,914 Helena
38%
USA 32,091 Helena
38%
USA 34,454 Lexington
38%
USA 10,348 Lexington
38%
USA 19,632 Lexington
38%
USA 23,568 Lexington
38%
USA 56,933 Madison
38%
USA 12,357 Madison
38%
USA 27,747 Madison
38%
USA 16,937 Madison
38%
USA 269,840 Madison
38%
USA 14,150 Newport
38%
USA 10,256 Newport
38%
USA 25,163 Newport
38%
USA 486,051 Omaha
38%
USA 467,665 Raleigh
38%
USA 264,165 Reno
38%
USA 13,035 Rochester
38%
USA 121,395 Rochester
38%
USA 32,492 Rochester
38%
USA 211,328 Rochester
38%
USA 524,943 Sacramento
38%
USA 62,956 Santa Cruz
38%
Jamaica 10,423 Santa Cruz
38%
Mexico 43,019 Santiago
38%
USA 147780 Savannah
38%
USA 20,303 St. John
38%
USA 196,169 Tallahassee
38%
Canada 363,222 Victoria
38%
USA 10,546 Victoria
38%
USA 65,534 Victoria
38%
USA 459,470 Virginia Beach
38%
USA 397,532 Wichita
38%
USA 70,898 Wilmington
38%
USA 23,349 Wilmington
38%
USA 115,451 Wilmington
38%
USA 12,664 Wilmington
38%
USA 200,393 Amarillo
33%
USA 46,308 Arlington
33%
USA 14,549 Arlington
33%
USA 394,266 Arlington
33%
USA 238,643 Arlington
33%
USA 19,868 Arlington
33%
USA 25,406 Athens
33%
USA 23,849 Athens
33%
USA 14,084 Athens
33%
USA 12,857 Athens
33%
USA 386,261 Aurora
33%
USA 180,542 Aurora
33%
USA 17,239 Aurora
33%
USA 32,515 Fairbanks
33%
USA 125,990 Fargo
33%
USA 18,967 Harrisburg
33%
USA 50,099 Harrisburg
33%
USA 13233 Jefferson
33%
USA 10633 Jefferson
33%
Nicaragua 177,270 León
33%
Canada 14,956 Paris
33%
USA 10,171 Paris
33%
USA 10,316 Paris
33%
USA 24,476 Paris
33%
USA 310,227 Santa Ana
33%
Mexico 12,372 Santa Ana
33%
El Salvador 198,251 Santa Ana
33%
USA 109,707 Santa Maria
33%
USA 228,989 Spokane
33%
USA 148,620 Syracuse
33%
USA 32,141 Syracuse
33%
USA 413,066 Tulsa
33%
USA 38,497 Atlantic City
29%
Belize 65,222 Belize
29%
USA 117,116 Billings
29%
USA 23,982 Burlington
29%
USA 17,318 Burlington
29%
USA 26,377 Burlington
29%
USA 57,303 Burlington
29%
USA 44,743 Burlington
29%
USA 11,047 Burlington
29%
USA 38,633 Calexico
29%
USA 58,639 Carson City
29%
Mexico 925,762 Chihuahua
29%
USA 15,153 Dayton
29%
USA 137,644 Dayton
29%
USA 72,589 Dublin
29%
USA 16074 Dublin
29%
USA 49,328 Dublin
29%
USA 31873 Duluth
29%
USA 86,697 Duluth
29%
USA 81,252 Flint
29%
USA 263,886 Fort Wayne
29%
USA 198,917 Grand Rapids
29%
USA 11,126 Grand Rapids
29%
USA 299,035 Greensboro
29%
Cuba 217,135 Guantánamo
29%
USA 17,022 Huntington
29%
USA 19,645 Huntington
29%
USA 13,749 Huntington
29%
USA 46,842 Huntington
29%
USA 28,215 Kent
29%
USA 136,588 Kent
29%
USA 255,205 Laredo
29%
Mexico 921,771 Mérida
29%
USA 504,258 Mesa
29%
Mexico 854,186 Mexicali
29%
USA 134,023 New Haven
29%
USA 15,583 New Haven
29%
USA 24,955 Norfolk
29%
USA 238,005 Norfolk
29%
USA 55,605 Olympia
29%
USA 175,265 Ontario
29%
USA 11,645 Ontario
29%
USA 22,069 Oxford
29%
USA 25,416 Oxford
29%
USA 23,035 Oxford
29%
USA 138,699 Pasadena
29%
USA 32,979 Pasadena
29%
USA 151,950 Pasadena
29%
USA 14,091 Pierre
29%
USA 115,162 Provo
29%
USA 74,703 Rapid City
29%
Canada 224,996 Regina
29%
USA 37713 Rome
29%
USA 32,127 Rome
29%
USA 35,257 San Luis
29%
Cuba 34,997 San Luis
29%
Dominican Republic 29,057 San Luis
29%
Mexico 49,490 San Pedro
29%
Belize 16,117 San Pedro
29%
USA 127,647 Santa Clara
29%
USA 11,239 Santa Clara
29%
Cuba 211,925 Santa Clara
29%
USA 192,517 Sioux Falls
29%
USA 219,346 Tacoma
29%
Honduras 1,132,000 Tegucigalpa
29%
USA 270,871 Toledo
29%
USA 126,587 Topeka
29%
USA 18,544 Trenton
29%
USA 90,871 Trenton
29%
USA 13,021 Trenton
29%
Mexico 405,952 Veracruz
29%
Mexico 132,011 Veracruz
29%
El Salvador 43,806 Veracruz
29%
Panama 18,679 Veracruz
29%
USA 138,486 Waco
29%
Canada 19,673 Yellowknife
29%
USA 16,254 Aberdeen
24%
USA 28,495 Aberdeen
24%
USA 17,013 Aberdeen
24%
USA 190,469 Akron
24%
USA 123,851 Ann Arbor
24%
USA 31,753 Bangor
24%
Belize 21,974 Belmopan
24%
USA 124,321 Berkeley
24%
USA 137,710 Cedar Rapids
24%
USA 317,863 Corpus Christi
24%
USA 66,850 Davis
24%
USA 11,147 Durham
24%
USA 283,506 Durham
24%
USA 137,298 Elizabeth
24%
USA 176,654 Eugene
24%
USA 11,597 Farmington
24%
USA 23,632 Farmington
24%
USA 18,217 Farmington
24%
USA 46,624 Farmington
24%
USA 24,531 Farmington
24%
USA 40,184 Florence
24%
USA 26,785 Florence
24%
USA 31,946 Florence
24%
USA 39,899 Florence
24%
USA 69,093 Gary
24%
USA 248,325 Glendale
24%
USA 196,543 Glendale
24%
USA 13,357 Glendale
24%
USA 107,395 Green Bay
24%
USA 27,981 Henderson
24%
USA 317,610 Henderson
24%
USA 15,060 Henderson
24%
USA 13,271 Henderson
24%
Mexico 855,563 Hermosillo
24%
USA 215,006 Huntsville
24%
USA 45,941 Huntsville
24%
USA 28,712 Jamestown
24%
USA 15,849 Jamestown
24%
USA 43,228 Jefferson City
24%
USA 292,449 Jersey City
24%
Mexico 1,501,551 Juárez
24%
USA 29,076 Lansing
24%
USA 11,239 Lansing
24%
USA 112,644 Lansing
24%
USA 111,385 Las Cruces
24%
USA 49,370 Lawrence
24%
USA 94,934 Lawrence
24%
USA 89,143 Lawrence
24%
USA 466,742 Long Beach
24%
USA 16,780 Long Beach
24%
USA 35,029 Long Beach
24%
USA 257,141 Lubbock
24%
Canada 26,246 Midland
24%
USA 42,547 Midland
24%
USA 132,524 Midland
24%
USA 73,489 Missoula
24%
Jamaica 110,115 Montego Bay
24%
USA 139,911 Orange
24%
USA 14,280 Orange
24%
USA 19,324 Orange
24%
USA 21,956 Portsmouth
24%
USA 18,252 Portsmouth
24%
USA 97,915 Portsmouth
24%
USA 111,876 Pueblo
24%
USA 314,998 Riverside
24%
USA 24,474 Riverside
24%
USA 100,011 Roanoke
24%
Mexico 845,941 San Luis Potosí
24%
USA 94,833 San Marcos
24%
USA 67,553 San Marcos
24%
Mexico 13,650 San Marcos
24%
Mexico 13,872 San Marcos
24%
El Salvador 60,028 San Marcos
24%
Guatemala 47,063 San Marcos
24%
Nicaragua 22,003 San Marcos
24%
El Salvador 155,958 San Miguel
24%
USA 88,665 Santa Barbara
24%
Guatemala 17,172 Santa Bárbara
24%
Honduras 30,690 Santa Bárbara
24%
USA 93,076 Santa Monica
24%
USA 241,361 Scottsdale
24%
USA 85,797 Sioux City
24%
USA 103,453 South Bend
24%
USA 95,342 St. George
24%
Canada 239,316 St. John's
24%
USA 320,804 Stockton
24%
Canada 95,266 Thunder Bay
24%
Canada 128,057 Trois-Rivières
24%
Canada 33,228 Whitehorse
24%
USA 125,182 Abilene
19%
USA 16,481 Ada
19%
Mexico 863,893 Aguascalientes
19%
USA 104,627 Allen
19%
USA 346,824 Anaheim
19%
Canada 20,779 Beaumont
19%
USA 53,036 Beaumont
19%
USA 115,282 Beaumont
19%
USA 33,559 Bell
19%
USA 99,178 Bend
19%
USA 49,449 Biloxi
19%
USA 24,339 Bloomington
19%
USA 78,680 Bloomington
19%
USA 79,168 Bloomington
19%
USA 89,987 Bloomington
19%
USA 108,250 Boulder
19%
USA 72,294 Bowling Green
19%
USA 30,808 Bowling Green
19%
USA 148,654 Bridgeport
19%
USA 60,833 Bristol
19%
USA 27,147 Bristol
19%
USA 17,219 Bristol
19%
USA 11,359 Brooklyn
19%
USA 16,583 Brownsville
19%
USA 186,738 Brownsville
19%
USA 107,337 Burbank
19%
USA 29,439 Burbank
19%
USA 71,791 Camden
19%
USA 181,099 Chattanooga
19%
USA 32,605 Chester
19%
USA 23,414 Chester
19%
USA 22,333 Clarksville
19%
USA 166,722 Clarksville
19%
USA 117,292 Clearwater
19%
USA 101,724 Davenport
19%
USA 10,000 Fairfield
19%
USA 119,881 Fairfield
19%
USA 44,907 Fairfield
19%
USA 169,810 Fort Collins
19%
USA 182,760 Fort Lauderdale
19%
USA 230,504 Fremont
19%
USA 27,141 Fremont
19%
USA 15,930 Fremont
19%
USA 141,085 Gainesville
19%
USA 42296 Gainesville
19%
USA 17,394 Gainesville
19%
USA 18,112 Gainesville
19%
USA 246,018 Garland
19%
USA 59,166 Grand Forks
19%
USA 65,560 Grand Junction
19%
USA 137,148 Hampton
19%
USA 13,964 Hidalgo
19%
Mexico 16,057 Hidalgo
19%
USA 74,828 Iowa City
19%
USA 307,670 Irvine
19%
USA 256,684 Irving
19%
USA 73,598 Kalamazoo
19%
Canada 181,380 Kelowna
19%
Canada 522,888 Kitchener
19%
USA 190,740 Knoxville
19%
USA 173,516 Lancaster
19%
USA 10,027 Lancaster
19%
USA 40,552 Lancaster
19%
USA 58,039 Lancaster
19%
USA 41,275 Lancaster
19%
Mexico 250,141 La Paz
19%
Honduras 32,450 La Paz
19%
Costa Rica 65,300 Limón
19%
USA 142,210 McAllen
19%
USA 47,717 Middletown
19%
USA 23,192 Middletown
19%
USA 30,345 Middletown
19%
USA 50,987 Middletown
19%
USA 50,558 Milford
19%
USA 11,190 Milford
19%
USA 26,971 Milford
19%
Canada 119,785 Moncton
19%
USA 19,115 Naples
19%
USA 91,322 Nashua
19%
USA 186,247 Newport News
19%
USA 48,671 Niagara Falls
19%
USA 262,527 North Las Vegas
19%
USA 102,773 Norwalk
19%
USA 91,184 Norwalk
19%
USA 12,799 Norwalk
19%
USA 17,068 Norwalk
19%
USA 87,321 Ogden
19%
USA 202,063 Oxnard
19%
USA 32,939 Panama City
19%
USA 58,512 Parker
19%
USA 13,407 Parker
19%
USA 190,985 Peoria
19%
USA 113,150 Peoria
19%
Trinidad and Tobago 37,074 Port of Spain
19%
Guatemala 180,706 Quetzaltenango
19%
Canada 99,846 Red Deer
19%
USA 93,611 Redding
19%
Mexico 864,431 Saltillo
19%
USA 222,101 San Bernardino
19%
USA 228,673 Santa Clarita
19%
USA 178,127 Santa Rosa
19%
Mexico 21,180 Santa Rosa
19%
Cuba 431,272 Santiago de Cuba
19%
Canada 242,460 St. Catharines
19%
USA 58,964 St. Cloud
19%
USA 68,881 St. Cloud
19%
USA 94,324 Suffolk
19%
USA 36,193 Texarkana
19%
USA 65,283 Utica
19%
USA 82,823 Warwick
19%
USA 90,911 Westminster
19%
USA 116,317 Westminster
19%
USA 20,126 Westminster
19%
USA 15,425 Williamsburg
19%
Canada 306,519 Windsor
19%
USA 26,344 Windsor
19%
USA 32,716 Windsor
19%
USA 206,518 Worcester
19%
USA 95,548 Yuma
19%
USA 125,845 Allentown
14%
Mexico 10,271 Antúnez
14%
USA 124,402 Arvada
14%
USA 94,589 Asheville
14%
USA 23,823 Ashland
14%
USA 21,625 Ashland
14%
USA 19,225 Ashland
14%
USA 21,360 Ashland
14%
USA 76,143 Auburn
14%
USA 13,776 Auburn
14%
USA 13,412 Auburn
14%
USA 24,061 Auburn
14%
USA 26,866 Auburn
14%
USA 87,256 Auburn
14%
St Kitts and Nevis 11,400 Basseterre
14%
USA 13,792 Bedford
14%
USA 13,149 Bedford
14%
USA 49,928 Bedford
14%
USA 11,582 Bethel
14%
USA 68,056 Bethesda
14%
USA 42,670 Beverly
14%
USA 32,701 Beverly Hills
14%
USA 10,584 Beverly Hills
14%
USA 23,377 Brookings
14%
USA 64,317 Burnsville
14%
USA 12,947 California
14%
Cuba 300,958 Camagüey
14%
Canada 30,960 Cape Breton
14%
USA 59,038 Casper
14%
USA 275,987 Chandler
14%
USA 249,422 Chesapeake
14%
USA 275,487 Chula Vista
14%
USA 24,469 Clinton
14%
USA 38,760 Clinton
14%
USA 28,100 Clinton
14%
USA 10,056 Clinton
14%
USA 23,386 Clinton
14%
USA 120,124 Clovis
14%
USA 38,567 Clovis
14%
Mexico 146,965 Colima
14%
USA 95,740 Compton
14%
USA 157,136 Corona
14%
USA 14192 Covington
14%
USA 40,961 Covington
14%
USA 11564 Covington
14%
USA 20,777 Covington
14%
USA 19,076 Cumberland
14%
USA 109,976 Dearborn
14%
USA 57,938 Decatur
14%
USA 24928 Decatur
14%
USA 70,522 Decatur
14%
USA 114,355 Downey
14%
USA 19,071 Durango
14%
USA 100,243 Edinburg
14%
USA 26,512 Eureka
14%
USA 11,646 Eureka
14%
USA 22,165 Evans
14%
USA 34536 Evans
14%
USA 78,110 Evanston
14%
USA 11,747 Evanston
14%
USA 117,298 Evansville
14%
USA 101,030 Federal Way
14%
USA 76,831 Flagstaff
14%
Canada 68,002 Fort McMurray
14%
USA 86,395 Fort Myers
14%
USA 14,513 Frederick
14%
USA 78,171 Frederick
14%
Canada 64,614 Fredericton
14%
USA 200,509 Frisco
14%
USA 53,695 Galveston
14%
USA 171,949 Garden Grove
14%
USA 15,288 Glasgow
14%
USA 15,014 Glasgow
14%
USA 29,729 Gloucester
14%
Nicaragua 106,719 Granada
14%
USA 60,442 Great Falls
14%
USA 15,953 Great Falls
14%
USA 18,937 Greenfield
14%
USA 23,488 Greenfield
14%
USA 17,768 Greenfield
14%
USA 37,803 Greenfield
14%
USA 19,450 Harrison
14%
USA 28,218 Harrison
14%
USA 12,563 Harrison
14%
USA 12,418 Harrison
14%
USA 48,730 Hattiesburg
14%
USA 106,447 Hillsboro
14%
USA 60,419 Hoboken
14%
USA 153,067 Hollywood
14%
Canada 24,245 Hudson
14%
USA 12,944 Hudson
14%
USA 15,749 Hudson
14%
USA 23,110 Hudson
14%
USA 14,755 Hudson
14%
USA 107,762 Inglewood
14%
USA 150,362 Joliet
14%
USA 99,986 Kenosha
14%
USA 153,095 Killeen
14%
St Vincent 12,909 Kingstown
14%
USA 92,175 Kirkland
14%
USA 84872 Lake Charles
14%
USA 31,407 Laramie
14%
USA 16,662 Lebanon
14%
USA 15,013 Lebanon
14%
USA 14,282 Lebanon
14%
USA 20,841 Lebanon
14%
USA 18,447 Lebanon
14%
USA 26,814 Lebanon
14%
USA 38,431 Lebanon
14%
USA 12,324 Leeds
14%
USA 34,203 Lewiston
14%
USA 37,121 Lewiston
14%
USA 52,778 Logan
14%
USA 10,680 Lowell
14%
USA 115,554 Lowell
14%
USA 11,088 Mack
14%
USA 10,654 Malibu
14%
Mexico 59,762 Matamoros
14%
Canada 63,382 Medicine Hat
14%
USA 117,635 Meridian
14%
USA 35,052 Meridian
14%
USA 20,471 Mesquite
14%
USA 150,108 Mesquite
14%
Canada 124,579 Milton
14%
USA 10,197 Milton
14%
USA 41296 Milton
14%
USA 28,630 Milton
14%
USA 48,377 Minot
14%
USA 218,464 Modesto
14%
USA 14928 Monroe
14%
USA 47702 Monroe
14%
USA 20,462 Monroe
14%
USA 34,562 Monroe
14%
USA 15,412 Monroe
14%
USA 19,699 Monroe
14%
USA 10,661 Monroe
14%
USA 30,347 Morgantown
14%
USA 14,163 Morris
14%
USA 152,769 Murfreesboro
14%
USA 100,200 Nampa
14%
USA 27,367 New London
14%
USA 29,571 Northampton
14%
USA 10,395 Northampton
14%
USA 40,125 Norwich
14%
USA 174,068 Oceanside
14%
USA 32,637 Oceanside
14%
Aruba 81,915 Oranjestad
14%
USA 66,816 Oshkosh
14%
USA 15,955 Overland
14%
USA 197,238 Overland Park
14%
USA 60,183 Owensboro
14%
USA 169,450 Palmdale
14%
USA 44,575 Palm Springs
14%
USA 26,890 Palm Springs
14%
USA 68,572 Palo Alto
14%
USA 191,238 Paradise
14%
Canada 27,330 Parksville
14%
USA 75,604 Pawtucket
14%
USA 27,115 Pearl
14%
USA 11,847 Plano
14%
USA 285,494 Plano
14%
USA 56,320 Pocatello
14%
USA 151,713 Pomona
14%
USA 204,851 Port St. Lucie
14%
Canada 11,814 Prince Rupert
14%
USA 39,463 Quincy
14%
USA 101,636 Quincy
14%
USA 77,816 Racine
14%
USA 25,518 Reading
14%
USA 10,600 Reading
14%
USA 95,112 Reading
14%
USA 148,655 Rockford
14%
Dominica 14,725 Roseau
14%
USA 46,889 Salina
14%
USA 163,542 Salinas
14%
USA 30,722 San Carlos
14%
Nicaragua 17,266 San Carlos
14%
Cuba 29,119 San Cristóbal
14%
Dominican Republic 167,466 San Cristóbal
14%
USA 12,612 Sandy
14%
USA 96,904 Sandy
14%
USA 47,063 San Luis Obispo
14%
USA 105,661 San Mateo
14%
USA 32,127 San Pablo
14%
Guatemala 16,768 San Pablo
14%
Honduras 701,200 San Pedro Sula
14%
USA 54,842 Sarasota
14%
USA 76,328 Scranton
14%
Canada 151,157 Sherbrooke
14%
USA 187593 Shreveport
14%
USA 102,976 Spokane Valley
14%
USA 33,081 St. Charles
14%
USA 70,493 St. Charles
14%
USA 13,487 St. James
14%
USA 111,026 Sugar Land
14%
USA 51,898 Texas City
14%
USA 17,727 Troy
14%
USA 10,960 Troy
14%
USA 87,294 Troy
14%
USA 12,686 Troy
14%
USA 51,401 Troy
14%
USA 26,305 Troy
14%
USA 99,600 Tuscaloosa
14%
Mexico 578,830 Tuxtla Gutiérrez
14%
USA 51,807 Twin Falls
14%
USA 105,995 Tyler
14%
USA 12,348 Union
14%
Mexico 340,060 Villahermosa
14%
USA 139,387 Warren
14%
USA 39,201 Warren
14%
USA 15,804 Warsaw
14%
USA 11,013 Waterloo
14%
USA 67,314 Waterloo
14%
USA 24,685 Watertown
14%
USA 22,655 Watertown
14%
USA 22,926 Watertown
14%
USA 56,384 Westchester
14%
USA 16,892 Westchester
14%
USA 18,671 West Chester
14%
Curacao 136,660 Willemstad
14%
USA 96,968 Yakima
14%
USA 211,569 Yonkers
14%
Mexico 138,444 Zacatecas
14%
USA 15,314 Alamo
10%
USA 19,493 Alamo
10%
Mexico 26,236 Álamo
10%
USA 11,323 Anderson
10%
USA 54,788 Anderson
10%
USA 28,106 Anderson
10%
USA 75,644 Appleton
10%
USA 75,791 Apple Valley
10%
USA 56,374 Apple Valley
10%
USA 21,474 Avon
10%
USA 24,847 Avon
10%
Canada 154,676 Barrie
10%
USA 71,686 Bayonne
10%
USA 13,607 Beaufort
10%
USA 97,494 Beaverton
10%
USA 64,176 Bellevue
10%
USA 151,854 Bellevue
10%
USA 15,935 Bellevue
10%
USA 91,482 Bellingham
10%
USA 75,781 Bethlehem
10%
USA 70,222 Blaine
10%
Nicaragua 56,421 Bluefields
10%
USA 53,293 Bozeman
10%
USA 55,698 Bradenton
10%
USA 11,445 Bridgeton
10%
USA 27,263 Bridgeton
10%
USA 105,643 Brockton
10%
USA 113,540 Broken Arrow
10%
USA 16,112 Brooklyn Park
10%
USA 86,478 Brooklyn Park
10%
Mexico 202,694 Cabo San Lucas
10%
USA 10,371 Cadillac
10%
USA 10179 Cairo
10%
USA 59,996 Caldwell
10%
USA 14,973 California City
10%
USA 43,959 Campbell
10%
USA 32973 Canton
10%
USA 13,242 Canton
10%
USA 10,948 Canton
10%
USA 70,872 Canton
10%
USA 194,016 Cape Coral
10%
USA 114,746 Carlsbad
10%
USA 32,238 Carlsbad
10%
USA 99,757 Carmel
10%
USA 10,321 Carroll
10%
USA 26738 Carrollton
10%
USA 133,434 Carrollton
10%
Costa Rica 232,300 Cartago
10%
USA 17,826 Cary
10%
USA 174,721 Cary
10%
USA 108,418 Centennial
10%
USA 24,240 Centerville
10%
USA 16,884 Centerville
10%
Trinidad and Tobago 83,516 Chaguanas
10%
Canada 52,390 Charlottetown
10%
USA 49,999 Chesterfield
10%
USA 14,241 Chesterton
10%
USA 101,475 Chico
10%
Canada 103,934 Chicoutimi
10%
USA 85,268 Cicero
10%
Mexico 332,100 Ciudad Victoria
10%
Cuba 22,828 Colombia
10%
USA 13,596 Conway
10%
USA 24,849 Conway
10%
Mexico 139,075 Córdoba
10%
Mexico 12,047 Córdoba
10%
Canada 47,286 Cornwall
10%
USA 59,922 Corvallis
10%
Mexico 28,239 Costa Rica
10%
USA 23,330 Crystal
10%
Mexico 341,029 Cuernavaca
10%
USA 34417 Dalton
10%
USA 86,518 Danbury
10%
Panama 103,915 David
10%
USA 105,691 Davie
10%
USA 72,647 Daytona Beach
10%
USA 27,788 Dodge City
10%
USA 71,072 Dothan
10%
USA 16,534 Douglas
10%
USA 11722 Douglas
10%
Canada 24,358 Duncan
10%
USA 22,692 Duncan
10%
USA 30,346 Eagle
10%
USA 69,421 Eau Claire
10%
USA 53,494 Edina
10%
USA 12,870 El Dorado
10%
Mexico 14,772 Eldorado
10%
USA 31,394 Elizabethtown
10%
USA 11,639 Elizabethtown
10%
USA 176,124 Elk Grove
10%
Mexico 27,295 Emiliano Zapata
10%
Mexico 64,084 Emiliano Zapata
10%
Mexico 22,469 Emiliano Zapata
10%
USA 51,308 Enid
10%
Mexico 330,652 Ensenada
10%
USA 151,038 Escondido
10%
USA 40,505 Essex
10%
Nicaragua 112,132 Estelí
10%
USA 24,146 Fairfax
10%
USA 11,341 Fairview
10%
USA 15,025 Fairview
10%
USA 10,424 Fairview
10%
USA 10,372 Fairview
10%
Canada 23,209 Fergus
10%
USA 11,709 Forest
10%
Martinique 75,165 Fort-de-France
10%
USA 72,362 Framingham
10%
USA 10,875 Fredericksburg
10%
USA 27,982 Fredericksburg
10%
USA 23,973 Freeport
10%
USA 44,472 Freeport
10%
USA 10,696 Freeport
10%
Trinidad and Tobago 10,608 Freeport
10%
Canada 14,296 Gander
10%
USA 91,249 Germantown
10%
USA 41,333 Germantown
10%
USA 20,917 Germantown
10%
USA 267,918 Gilbert
10%
USA 196,100 Grand Prairie
10%
USA 108,795 Greeley
10%
USA 13,836 Greenwich
10%
USA 63,830 Greenwood
10%
USA 14,490 Greenwood
10%
USA 22,545 Greenwood
10%
USA 114,247 Gresham
10%
Mexico 70,068 Guanajuato
10%
Canada 144,356 Guelph
10%
USA 11,783 Gulfport
10%
USA 72,926 Gulfport
10%
USA 77,879 Hammond
10%
USA 19584 Hammond
10%
USA 16,429 Hanover
10%
USA 22,154 Hastings
10%
USA 25,152 Hastings
10%
USA 223,109 Hialeah
10%
USA 56,999 Highland
10%
USA 23,984 Highland
10%
USA 19,348 Highland
10%
USA 114,059 High Point
10%
USA 92,606 Hoover
10%
USA 64,818 Idaho Falls
10%
USA 28,676 Independence
10%
USA 123,011 Independence
10%
USA 32,108 Ithaca
10%
USA 14,572 Jasper
10%
USA 16,703 Jasper
10%
USA 49,447 Jeffersonville
10%
USA 14,808 Jericho
10%
USA 51,762 Joplin
10%
USA 61,047 Jupiter
10%
USA 21,894 Katy
10%
USA 79,226 Kissimmee
10%
USA 52,680 La Crosse
10%
USA 112,641 Lakeland
10%
USA 13,904 Lakeland
10%
USA 69,490 Lakeville
10%
USA 82,496 Lakewood
10%
USA 155,984 Lakewood
10%
USA 69,398 Lakewood
10%
USA 50,942 Lakewood
10%
USA 63,612 Lakewood
10%
USA 82,485 Largo
10%
USA 11,605 Largo
10%
Dominican Republic 265,313 La Romana
10%
USA 90,381 Lawton
10%
USA 114,392 League City
10%
USA 27,000 Leesburg
10%
USA 48,250 Leesburg
10%
USA 101,108 Lee's Summit
10%
Canada 92,563 Lethbridge
10%
USA 13,381 Lewisville
10%
USA 111,822 Lewisville
10%
USA 35,579 Lima
10%
USA 95,535 Livonia
10%
USA 66,348 Lodi
10%
USA 26,206 Lodi
10%
Mexico 16,311 Loreto
10%
Mexico 26,287 Loreto
10%
USA 101,253 Lynn
10%
USA 44,488 Mankato
10%
USA 47,534 Mansfield
10%
USA 72,602 Mansfield
10%
USA 70,253 Maple Grove
10%
USA 60972 Marietta
10%
USA 13,385 Marietta
10%
USA 16,855 Marion
10%
USA 28,310 Marion
10%
USA 41,535 Marion
10%
USA 35,999 Marion
10%
USA 12,844 Marysville
10%
USA 25,571 Marysville
10%
USA 70,714 Marysville
10%
Mexico 441,975 Mazatlán
10%
USA 195,308 McKinney
10%
USA 59,659 Medford
10%
USA 24,247 Medford
10%
USA 85,824 Medford
10%
USA 86,333 Merced
10%
USA 60,850 Meriden
10%
USA 82,890 Miami Beach
10%
USA 111,640 Miami Gardens
10%
USA 74,259 Missouri City
10%
USA 37,865 Montclair
10%
USA 22,279 Montclair
10%
USA 30,218 Monterey
10%
Canada 32,813 Moose Jaw
10%
USA 208,634 Moreno Valley
10%
USA 20,180 Morristown
10%
USA 30,431 Morristown
10%
USA 25,435 Moscow
10%
USA 14,600 Mount Vernon
10%
USA 73,893 Mount Vernon
10%
USA 16,956 Mount Vernon
10%
USA 12,914 Mount Vernon
10%
USA 35,219 Mount Vernon
10%
USA 65,194 Muncie
10%
USA 21,013 Murphy
10%
USA 35,682 Myrtle Beach
10%
Canada 106,079 Nanaimo
10%
USA 149,540 Naperville
10%
USA 74,135 New Britain
10%
USA 28,856 Newburgh
10%
USA 30,536 Newington
10%
USA 13,223 Newington
10%
USA 16,923 New Milford
10%
USA 13,650 New Providence
10%
USA 79,726 New Rochelle
10%
USA 19,770 Nogales
10%
Mexico 21,261 Nogales
10%
USA 128,026 Norman
10%
Mexico 416,055 Nuevo Laredo
10%
USA 43,357 Oakley
10%
USA 63,591 Ocala
10%
USA 114,428 Odessa
10%
USA 32,289 O'Fallon
10%
USA 91,316 O'Fallon
10%
USA 141,290 Olathe
10%
Canada 34,177 Orangeville
10%
USA 19,950 Oregon
10%
USA 11,179 Oregon
10%
USA 37,572 Oregon City
10%
USA 98,129 Orem
10%
USA 34,585 Oswego
10%
USA 16,921 Oswego
10%
USA 40,059 Oviedo
10%
USA 27,137 Paducah
10%
USA 81,146 Parma
10%
USA 159,732 Paterson
10%
USA 23,781 Patterson
10%
USA 125,828 Pearland
10%
USA 25,431 Peekskill
10%
Canada 16,571 Pembroke
10%
USA 54,312 Pensacola
10%
Mexico 304,942 Playa del Carmen
10%
USA 11,150 Pontiac
10%
USA 61,606 Pontiac
10%
USA 39,308 Princeton
10%
USA 30,681 Princeton
10%
USA 17,027 Princeton
10%
Mexico 224,166 Puerto Vallarta
10%
Mexico 691,557 Reynosa
10%
USA 119,469 Richardson
10%
USA 13,271 Ridge
10%
USA 11,501 Ridgefield
10%
USA 10,319 Ridgefield
10%
Canada 38,708 Rimouski
10%
Mexico 35,050 Río Grande
10%
Puerto Rico 10,466 Río Grande
10%
USA 15129 Riverdale
10%
USA 10,663 Riverdale
10%
USA 67,117 Rockville
10%
USA 13,295 Rogers
10%
USA 23,510 Rosemont
10%
USA 147,773 Roseville
10%
USA 47,710 Roseville
10%
USA 36,254 Roseville
10%
USA 92833 Roswell
10%
USA 48,422 Roswell
10%
USA 15,807 Rutland
10%
USA 44,202 Saginaw
10%
USA 23,890 Saginaw
10%
USA 25,095 Sandusky
10%
USA 108080 Sandy Springs
10%
Mexico 17,143 San Felipe
10%
Mexico 32,831 San Felipe
10%
Guatemala 17,360 San Felipe
10%
USA 23,946 San Fernando
10%
Mexico 11,867 San Fernando
10%
Mexico 28,215 San Fernando
10%
Trinidad and Tobago 48,838 San Fernando
10%
Belize 21,690 San Ignacio
10%
El Salvador 65,462 San Martín
10%
Cuba 12,661 Santa Lucía
10%
Cuba 12,675 Santa Marta
10%
Honduras 15,230 Santa Rita
10%
Mexico 794,789 Santiago de Querétaro
10%
Mexico 38,666 San Vicente
10%
El Salvador 34,928 San Vicente
10%
Panama 17,058 San Vicente
10%
USA 67,047 Schenectady
10%
USA 49,929 Sheboygan
10%
USA 18,737 Sheridan
10%
USA 20,589 Sidney
10%
USA 126,356 Simi Valley
10%
USA 12,883 Smyrna
10%
USA 55663 Smyrna
10%
USA 53,070 Smyrna
10%
USA 34,306 Socorro
10%
USA 11,924 Somerset
10%
USA 18,303 Somerset
10%
USA 22,968 Somerset
10%
El Salvador 43,171 Sonsonate
10%
USA 77,487 South Jordan
10%
USA 108,445 Sparks
10%
USA 113,568 Spring Hill
10%
USA 50,005 Spring Hill
10%
USA 135,470 Stamford
10%
USA 13,019 St. Ann
10%
USA 13,817 St. Helens
10%
USA 18,235 St. Michael
10%
Canada 32,878 Stratford
10%
Canada 45,732 St. Thomas
10%
Canada 92,093 Sudbury
10%
USA 155,805 Sunnyvale
10%
USA 13,094 Superior
10%
USA 26,751 Superior
10%
USA 143,148 Surprise
10%
USA 11,487 Sussex
10%
USA 59,408 Taunton
10%
USA 63,409 Taylor
10%
USA 16,267 Taylor
10%
USA 180,587 Tempe
10%
Mexico 371,387 Tepic
10%
USA 58,389 Terre Haute
10%
Canada 12,329 Thompson
10%
USA 141,867 Thornton
10%
USA 126,966 Thousand Oaks
10%
USA 147,067 Torrance
10%
Mexico 690,193 Torreón
10%
USA 35,515 Torrington
10%
Honduras 22,750 Trujillo
10%
USA 37,923 Tupelo
10%
USA 25,463 Venice
10%
USA 16,473 Vienna
10%
USA 10,652 Vienna
10%
USA 141,384 Visalia
10%
USA 65,218 Waltham
10%
USA 89,321 Waukegan
10%
USA 25,614 West Chicago
10%
USA 18,423 Westerly
10%
USA 116,961 West Jordan
10%
USA 39,137 Wheeling
10%
USA 27,052 Wheeling
10%
USA 59,559 White Plains
10%
USA 87,306 Whittier
10%
USA 102,316 Wichita Falls
10%
USA 44,328 Wilkes-Barre
10%
USA 15,082 Williamstown
10%
USA 75,102 Woodbury
10%
USA 11,526 Woodbury
10%
USA 76,501 Wyoming
10%
USA 11,548 Yorktown
10%
USA 60,068 Youngstown
10%
Mexico 11,150 Zaragoza
10%
Mexico 11,487 Zaragoza
10%
Mexico 10,459 Zaragoza
10%
El Salvador 16,945 Zaragoza
10%
Guatemala 11,176 Zaragoza
10%
USA 24,655 Zion
10%
Canada 132,300 Abbotsford
5%
Mexico 11,018 Acayuca
5%
USA 35,702 Addison
5%
USA 16,661 Addison
5%
USA 20,645 Adrian
5%
El Salvador 58,386 Ahuachapán
5%
USA 33,284 Alabaster
5%
Costa Rica 196,900 Alajuela
5%
USA 30,898 Alamogordo
5%
Mexico 10,961 Álamos
5%
USA 18,492 Albert Lea
5%
USA 22,386 Albertville
5%
USA 82,868 Alhambra
5%
USA 17,891 Alice
5%
Canada 20,274 Alma
5%
USA 65818 Alpharetta
5%
USA 42,846 Altadena
5%
USA 25,676 Alton
5%
USA 18,198 Alton
5%
USA 19,565 Altoona
5%
USA 43,963 Altoona
5%
Mexico 37,871 Ameca
5%
USA 66,427 Ames
5%
USA 18,219 Amsterdam
5%
USA 14,892 Andover
5%
USA 32,601 Andover
5%
USA 13,487 Andrews
5%
USA 67,887 Ankeny
5%
USA 17,921 Anoka
5%
USA 48,733 Antelope
5%
USA 115,291 Antioch
5%
USA 14,622 Antioch
5%
USA 58,780 Apex
5%
USA 56,681 Arcadia
5%
Trinidad and Tobago 33,606 Arima
5%
USA 11,974 Arkansas City
5%
USA 77,676 Arlington Heights
5%
USA 46,349 Ashburn
5%
USA 10,181 Astoria
5%
USA 89,334 Avondale
5%
USA 50,000 Azusa
5%
USA 12,188 Babylon
5%
USA 33,919 Baldwin
5%
USA 21,510 Baldwin
5%
USA 25,415 Barstow
5%
USA 52,721 Battle Creek
5%
USA 20,743 Battle Ground
5%
USA 32,661 Bay City
5%
USA 18,061 Bay City
5%
USA 14,249 Beach Park
5%
USA 13,769 Beacon
5%
USA 23,060 Bear
5%
USA 46,549 Beavercreek
5%
Canada 75,052 Belleville
5%
USA 42,404 Belleville
5%
USA 28,335 Belmont
5%
USA 27,295 Belmont
5%
USA 15,010 Belmont
5%
USA 10,268 Belmont
5%
USA 14,574 Bemidji
5%
Mexico 14,400 Benito Juárez
5%
Mexico 15,472 Benito Juárez
5%
USA 12,536 Berkley
5%
USA 15,194 Berkley
5%
USA 10,332 Berthoud
5%
USA 57,250 Berwyn
5%
USA 11,686 Big Lake
5%
USA 47,969 Binghamton
5%
USA 44,826 Blacksburg
5%
USA 97,422 Boca Raton
5%
Canada 26,795 Bolton
5%
USA 12,460 Boone
5%
USA 19,092 Boone
5%
USA 62701 Bossier City
5%
USA 58,329 Bowie
5%
Canada 56,742 Bowmanville
5%
USA 11,746 Box Elder
5%
Canada 38,128 Bradford
5%
USA 15,419 Bradley
5%
USA 14,395 Brainerd
5%
Canada 50,532 Brandon
5%
USA 114,626 Brandon
5%
USA 25,138 Brandon
5%
USA 11,048 Brandon
5%
USA 12,638 Branson
5%
Canada 104,413 Brantford
5%
USA 43,505 Bremerton
5%
USA 14,731 Bridgetown
5%
USA 17,027 Bridgeview
5%
USA 40,083 Brighton
5%
USA 37,137 Brighton
5%
Canada 22,293 Brockville
5%
USA 63,191 Brookline
5%
USA 33,782 Brooklyn Center
5%
USA 74,112 Broomfield
5%
USA 91,502 Buckeye
5%
Canada 17,407 Buckingham
5%
USA 43,212 Buffalo Grove
5%
USA 52,066 Burien
5%
USA 42,312 Burke
5%
USA 29,715 Burton
5%
USA 23,241 Calabasas
5%
Mexico 11,272 Camalú
5%
USA 70,741 Camarillo
5%
USA 26,065 Camas
5%
Canada 38,108 Campbell River
5%
Haiti 155,505 Cap-Haïtien
5%
USA 20,118 Carlisle
5%
Mexico 11,583 Carmen
5%
USA 39,854 Carol Stream
5%
USA 23187 Cartersville
5%
USA 15,522 Carthage
5%
USA 73,158 Castle Rock
5%
St Lucia 35,883 Castries
5%
USA 40,713 Cedar Falls
5%
USA 14,106 Cedar Lake
5%
USA 29565 Central
5%
USA 12,182 Centralia
5%
USA 18,183 Centralia
5%
USA 18,997 Central Point
5%
USA 73,518 Centreville
5%
USA 49,578 Cerritos
5%
Mexico 15,692 Cerritos
5%
USA 23,919 Champlin
5%
USA 25,947 Chanhassen
5%
USA 61,960 Chapel Hill
5%
USA 46,553 Charlottesville
5%
USA 27,810 Chaska
5%
Canada 11,594 Chatham
5%
Canada 45,171 Chatham
5%
USA 14,377 Chatham
5%
USA 14,982 Chelsea
5%
USA 40,787 Chelsea
5%
USA 13,255 Cheney
5%
Mexico 169,028 Chetumal
5%
USA 27,480 Chicago Heights
5%
USA 55,560 Chicopee
5%
Canada 81,622 Chilliwack
5%
USA 91,403 Chino
5%
Cuba 147,110 Cienfuegos
5%
Haiti 241,055 Cité Soleil
5%
Mexico 160,225 Ciudad Acuña
5%
Mexico 79,515 Ciudad Mante
5%
Mexico 329,404 Ciudad Obregón
5%
El Salvador 15,508 Ciudad Real
5%
Mexico 136,351 Ciudad Valles
5%
USA 29,051 Clarksburg
5%
USA 16,061 Clarksburg
5%
USA 14756 Clarkston
5%
USA 10,291 Clay
5%
USA 11,070 Clayton
5%
USA 17,355 Clayton
5%
USA 26,307 Clayton
5%
USA 13,310 Clayton
5%
USA 43,021 Clermont
5%
USA 20,413 Clifton
5%
USA 90,296 Clifton
5%
USA 54,628 Coeur d'Alene
5%
USA 11,332 College
5%
USA 13930 College Park
5%
USA 34,740 College Park
5%
El Salvador 91,212 Colón
5%
Panama 159,157 Colón
5%
Cuba 44,177 Colón
5%
USA 18,609 Colonia
5%
USA 21,973 Columbia Heights
5%
USA 25,229 Columbine
5%
USA 89,956 Conroe
5%
USA 17305 Conyers
5%
USA 34,842 Cookeville
5%
USA 63,599 Coon Rapids
5%
USA 15,985 Coos Bay
5%
USA 49,248 Coral Gables
5%
USA 134,394 Coral Springs
5%
USA 22,339 Corcoran
5%
USA 14,622 Corinth
5%
USA 22,634 Corinth
5%
USA 111,918 Costa Mesa
5%
USA 38,839 Cottage Grove
5%
USA 10,574 Cottage Grove
5%
USA 62,799 Council Bluffs
5%
USA 51,268 Covina
5%
Mexico 84,519 Cozumel
5%
USA 82,934 Cranston
5%
Cuba 19,111 Cruces
5%
USA 104,901 Daly City
5%
USA 17,224 Damascus
5%
USA 11,050 Damascus
5%
USA 28,087 Danvers
5%
USA 43,582 Danville
5%
USA 29,204 Danville
5%
USA 10,559 Danville
5%
USA 17,234 Danville
5%
USA 42,590 Danville
5%
USA 22,011 Darien
5%
USA 15,106 Davidson
5%
Canada 11,706 Dawson Creek
5%
USA 51,428 Delano
5%
USA 41,302 Delaware
5%
USA 34,673 Del Rio
5%
USA 12,301 Dent
5%
USA 139,869 Denton
5%
USA 22,879 Derry
5%
USA 56,145 DeSoto
5%
USA 13,931 Destin
5%
USA 16,058 Dickson
5%
USA 21,426 Dolton
5%
USA 50,247 Downers Grove
5%
Canada 72,089 Drummondville
5%
USA 59,667 Dubuque
5%
USA 40,706 Duncanville
5%
USA 36,068 Dunedin
5%
USA 68,855 Eagan
5%
USA 28,130 Eagle Pass
5%
USA 11,786 East Bethel
5%
USA 26,370 East Chicago
5%
USA 51,045 East Hartford
5%
USA 27,923 East Haven
5%
USA 47,741 East Lansing
5%
USA 38358 East Point
5%
USA 34,318 Eastpointe
5%
USA 18,469 East St. Louis
5%
Mexico 1,643,623 Ecatepec de Morelos
5%
USA 15,421 Eden
5%
USA 64,198 Eden Prairie
5%
USA 94,428 Edmond
5%
USA 114,797 Elgin
5%
USA 20,564 Elko
5%
USA 25,835 Elk River
5%
USA 15,807 Elkton
5%
USA 45,786 Elmhurst
5%
Canada 10,790 Elmira
5%
USA 26,523 Elmira
5%
USA 33,659 Englewood
5%
USA 20,800 Englewood
5%
USA 29,308 Englewood
5%
USA 13,463 Englewood
5%
USA 28,711 Enterprise
5%
USA 221,831 Enterprise
5%
USA 49,075 Everett
5%
USA 110,629 Everett
5%
USA 19,943 Evergreen Park
5%
USA 10,321 Exeter
5%
USA 10,109 Exeter
5%
USA 94,000 Fall River
5%
USA 14,382 Federal Heights
5%
USA 14,119 Fergus Falls
5%
USA 18,527 Ferguson
5%
USA 17,091 Ferndale
5%
USA 19,190 Ferndale
5%
USA 15,048 Ferndale
5%
USA 10,999 Fife
5%
USA 98,977 Fishers
5%
Guatemala 38,186 Flores
5%
Cuba 54,191 Florida
5%
USA 75,956 Flower Mound
5%
USA 208,393 Fontana
5%
USA 26,225 Forest Grove
5%
USA 20,611 Forest Lake
5%
USA 18,943 Franconia
5%
USA 18,467 Franklin Park
5%
USA 13,430 Franklin Park
5%
USA 15,479 Franklin Park
5%
USA 14,726 Fraser
5%
Mexico 143,281 Fresnillo
5%
USA 29,590 Fridley
5%
USA 143,617 Fullerton
5%
USA 16,588 Fullerton
5%
USA 69,657 Gaithersburg
5%
USA 21,899 Gallup
5%
USA 61,027 Gardena
5%
USA 10289 Garden City
5%
USA 12,316 Garden City
5%
USA 28,151 Garden City
5%
USA 27,380 Garden City
5%
USA 23,272 Garden City
5%
USA 10,235 Garden City
5%
USA 80,411 Gastonia
5%
USA 21,393 Geneva
5%
USA 12,812 Geneva
5%
USA 33,403 Gillette
5%
USA 48,705 Glenview
5%
Haiti 228,725 Gonaïves
5%
USA 95,294 Goodyear
5%
USA 17,157 Graham
5%
USA 32,658 Graham
5%
Canada 62,624 Granby
5%
USA 53,131 Grand Island
5%
USA 50,631 Grapevine
5%
USA 12,700 Grenada
5%
Mexico 635,862 Guadalupe
5%
Mexico 170,029 Guadalupe
5%
Mexico 18,696 Guadalupe Victoria
5%
Mexico 11,835 Guadalupe Victoria
5%
USA 57,990 Hanford
5%
USA 23,733 Happy Valley
5%
USA 20,324 Harvey
5%
USA 22236 Harvey
5%
USA 162,954 Hayward
5%
USA 89,833 Hemet
5%
USA 59,169 Hempstead
5%
USA 10,221 Hermantown
5%
USA 19,354 Hermiston
5%
USA 24,655 Herndon
5%
USA 13,858 Hershey
5%
USA 99,818 Hesperia
5%
USA 16,214 Hibbing
5%
USA 30,176 Highland Park
5%
USA 15,072 Highland Park
5%
Dominican Republic 210,278 Higüey
5%
USA 40,508 Hobbs
5%
Cuba 287,881 HolguÍn
5%
USA 34,378 Holland
5%
USA 80,737 Homestead
5%
USA 26,414 Homewood
5%
USA 19,463 Homewood
5%
USA 19,079 Hopkins
5%
USA 33406 Houma
5%
USA 19,950 Howard
5%
Guatemala 117,818 Huehuetenango
5%
USA 15,766 Hugo
5%
Mexico 32,109 Huixtla
5%
USA 16,795 Humble
5%
USA 61,376 Huntersville
5%
USA 198,711 Huntington Beach
5%
USA 20,263 Imperial
5%
USA 89,137 Indio
5%
Mexico 25,608 Isla
5%
USA 18,418 Islip
5%
USA 40,051 Issaquah
5%
Costa Rica 14,400 Jacó
5%
Guatemala 159,840 Jalapa
5%
Nicaragua 43,757 Jalapa
5%
Dominican Republic 30,953 Jarabacoa
5%
USA 15,343 Johnson City
5%
USA 71,046 Johnson City
5%
USA 24,064 Johnston
5%
USA 22,932 Junction City
5%
USA 105,053 Jurupa Valley
5%
USA 24,558 Kalispell
5%
USA 10,404 Kearney
5%
USA 33,790 Kearney
5%
USA 39,376 Keizer
5%
USA 45,776 Keller
5%
USA 12,720 Kelso
5%
USA 66448 Kenner
5%
USA 33036 Kennesaw
5%
USA 83,921 Kennewick
5%
Canada 10,974 Kenora
5%
USA 24,278 Kerrville
5%
USA 26,444 Key West
5%
USA 32,689 Kingman
5%
USA 55,442 Kingsport
5%
USA 25,402 Kingsville
5%
USA 21,813 Klamath Falls
5%
Bonaire 22,075 Kralendijk
5%
Canada 23,016 Ladner
5%
USA 13,026 La Grande
5%
USA 30858 LaGrange
5%
USA 16,321 La Grange
5%
USA 10,067 La Grange
5%
USA 40,731 Lake Oswego
5%
USA 21,152 Lakeside
5%
USA 31,275 Lakeside
5%
USA 12,203 Lakeside
5%
USA 19,759 Lake Zurich
5%
El Salvador 11,705 La Libertad
5%
Guatemala 23,820 La Libertad
5%
USA 18,773 Lansdale
5%
USA 15,581 La Palma
5%
USA 22,471 La Porte
5%
USA 35,124 La Porte
5%
Cuba 162,957 Las Tunas
5%
El Salvador 16,911 La Unión
5%
Dominican Republic 123,677 La Vega
5%
USA 31,334 La Verne
5%
USA 30629 Lawrenceville
5%
USA 81,773 Layton
5%
Mexico 18,829 Lázaro Cárdenas
5%
Canada 33,505 Leduc
5%
USA 75,907 Lehi
5%
USA 20,323 Lennox
5%
USA 51,758 Levittown
5%
USA 52,699 Levittown
5%
USA 12,288 Lewisburg
5%
USA 30,167 Liberty
5%
USA 20,579 Libertyville
5%
USA 40,245 Lincoln Park
5%
USA 10,915 Lincoln Park
5%
USA 24,223 Lisle
5%
USA 10,819 Little Canada
5%
USA 45,652 Littleton
5%
USA 17,038 Live Oak
5%
USA 15,781 Live Oak
5%
USA 14,172 Livingston
5%
Guatemala 17,923 Livingston
5%
Canada 31,582 Lloydminster
5%
USA 44,476 Lombard
5%
USA 98,885 Longmont
5%
USA 81,638 Longview
5%
USA 37,818 Longview
5%
USA 15,087 Longwood
5%
USA 65,211 Lorain
5%
USA 13,179 Los Alamos
5%
Mexico 298,009 Los Mochis
5%
USA 76,378 Loveland
5%
USA 13,307 Loveland
5%
USA 23,707 Lutz
5%
USA 79,009 Lynchburg
5%
USA 66,224 Madera
5%
Mexico 14,755 Madera
5%
USA 19,542 Madisonville
5%
Mexico 16,873 Magdalena
5%
Canada 22,222 Magog
5%
USA 54,100 Manhattan
5%
Puerto Rico 25,591 Mansión del Mar
5%
USA 11,661 Markham
5%
USA 20,629 Marquette
5%
USA 13,628 Marshall
5%
USA 13,806 Marshall
5%
USA 23,392 Marshall
5%
USA 10,825 Martin
5%
Canada 10,371 Matane
5%
Cuba 133,769 Matanzas
5%
Mexico 86,686 Matehuala
5%
USA 19,073 Matteson
5%
USA 34,319 McMinnville
5%
USA 13,788 McMinnville
5%
El Salvador 140,751 Mejicanos
5%
USA 84,678 Melbourne
5%
USA 47,450 Mentor
5%
USA 143507 Metairie
5%
El Salvador 18,185 Metapán
5%
USA 32,075 Michigan City
5%
USA 14,636 Middlesex
5%
USA 21,827 Middleton
5%
USA 58,409 Midwest City
5%
Mexico 101,336 Minatitlán
5%
Mexico 47,826 Minatitlán
5%
USA 53,781 Minnetonka
5%
Canada 36,193 Mission
5%
USA 85,778 Mission
5%
USA 93,653 Mission Viejo
5%
USA 15,660 Mitchell
5%
Mexico 237,169 Monclova
5%
USA 28,640 Monroeville
5%
USA 14,455 Monticello
5%
USA 20,291 Montrose
5%
USA 62,793 Moore
5%
USA 44,505 Moorhead
5%
Honduras 22,240 Morazán
5%
USA 10,757 Morro Bay
5%
USA 82,376 Mountain View
5%
USA 21,688 Mount Pleasant
5%
USA 90,801 Mount Pleasant
5%
USA 16,047 Mount Pleasant
5%
USA 27,732 Mount Pleasant
5%
USA 23,894 Munster
5%
USA 17,307 Murray
5%
USA 50,637 Murray
5%
USA 25,032 Muskego
5%
USA 38,318 Muskegon
5%
USA 79,246 Napa
5%
USA 14,520 Natchez
5%
USA 18039 Natchitoches
5%
Mexico 26,963 Nava
5%
Canada 11,198 Nelson
5%
USA 12,117 New Baltimore
5%
USA 11,251 New Baltimore
5%
USA 101,079 New Bedford
5%
USA 25,138 Newberg
5%
USA 90,403 New Braunfels
5%
USA 17,396 New Castle
5%
USA 10,984 Newcastle
5%
USA 21,926 New Castle
5%
USA 13,017 Newcastle
5%
USA 34,135 New City
5%
USA 28555 New Iberia
5%
USA 85,239 Newport Beach
5%
USA 15,760 Newton
5%
USA 18,602 Newton
5%
USA 88,923 Newton
5%
USA 13,148 Newton
5%
USA 14,120 New Ulm
5%
USA 69,604 Noblesville
5%
USA 26,316 Norco
5%
USA 17209 Norcross
5%
Canada 51,433 North Bay
5%
USA 35,222 Northbrook
5%
USA 10,912 Northbrook
5%
USA 114,852 North Charleston
5%
USA 30,759 North Chicago
5%
USA 31,125 Northport
5%
USA 74,793 North Port
5%
USA 11,673 Norton
5%
Cuba 46,264 Nueva Gerona
5%
USA 23,181 Oakdale
5%
USA 28,303 Oakdale
5%
USA 58,362 Oak Lawn
5%
USA 36,301 Oakville
5%
USA 11,229 Ocean City
5%
USA 18,203 Oconomowoc
5%
USA 27,210 Old Bridge
5%
USA 18,803 Onalaska
5%
USA 13,079 Oneonta
5%
Mexico 120,500 Orizaba
5%
USA 10,185 Orono
5%
Canada 335,949 Oshawa
5%
USA 19,966 Otsego
5%
USA 38,640 Pacifica
5%
Mexico 51,797 Palenque
5%
USA 89,258 Palm Coast
5%
USA 12,068 Palos Heights
5%
USA 18,530 Palos Hills
5%
USA 34,670 Parkland
5%
USA 38,623 Parkland
5%
USA 39,656 Park Ridge
5%
USA 70,537 Passaic
5%
USA 54,481 Peabody
5%
USA 31,731 Pekin
5%
USA 171,178 Pembroke Pines
5%
USA 17,107 Pendleton
5%
USA 78,700 Perris
5%
Canada 84,793 Peterborough
5%
USA 33,458 Petersburg
5%
Haiti 271,175 Pétionville
5%
Haiti 76,243 Petit-Goâve
5%
USA 15,914 Pewaukee
5%
USA 65,191 Pflugerville
5%
USA 18,602 Phoenixville
5%
Mexico 173,959 Piedras Negras
5%
Cuba 140,230 Pinar del Río
5%
USA 44,762 Plainfield
5%
USA 34,625 Plainfield
5%
USA 54,586 Plainfield
5%
USA 91,750 Plantation
5%
USA 39,764 Plant City
5%
Guadeloupe 14,855 Pointe-à-Pitre
5%
Puerto Rico 107,951 Ponce
5%
USA 37,926 Portage
5%
USA 48,891 Portage
5%
USA 10,581 Portage
5%
USA 19,960 Port Angeles
5%
USA 56,039 Port Arthur
5%
Canada 15,441 Port Colborne
5%
USA 28,983 Port Huron
5%
Jamaica 182,153 Portmore
5%
USA 10,148 Port Townsend
5%
USA 38,485 Post Falls
5%
USA 47,018 Potomac
5%
USA 31,577 Poughkeepsie
5%
USA 45,827 Prescott
5%
Canada 36,768 Prince Albert
5%
Canada 67,339 Prince George
5%
USA 27,617 Prior Lake
5%
Mexico 16,746 Progreso
5%
Mexico 41,965 Progreso
5%
USA 30,174 Prosper
5%
USA 33,086 Pueblo West
5%
Mexico 62,301 Puerto Peñasco
5%
Dominican Republic 132,878 Puerto Plata
5%
USA 32,901 Pullman
5%
Dominican Republic 90,537 Punta Cana
5%
USA 42,973 Puyallup
5%
USA 59,519 Queen Creek
5%
USA 27,646 Ramsey
5%
USA 14,798 Ramsey
5%
USA 174,453 Rancho Cucamonga
5%
USA 18,592 Redland
5%
USA 73,168 Redlands
5%
USA 33,274 Redmond
5%
USA 73,256 Redmond
5%
USA 14,222 Red Oak
5%
USA 84,292 Redwood City
5%
Cuba 18,637 Remedios
5%
USA 106,785 Renton
5%
USA 63,226 Reston
5%
USA 62,186 Revere
5%
USA 39,409 Rexburg
5%
USA 104,026 Rialto
5%
USA 36,994 Richfield
5%
USA 11,739 Richfield
5%
USA 60,560 Richland
5%
Guatemala 15,391 Río Bravo
5%
USA 20,549 Rio Rico
5%
USA 45,285 Riverton
5%
USA 10,682 Riverton
5%
Canada 19,081 Rivière-du-Loup
5%
USA 14,646 Robbinsdale
5%
USA 11,399 Robertsville
5%
USA 12,443 Robinson
5%
USA 76,300 Rochester Hills
5%
USA 74,372 Rock Hill
5%
USA 71,601 Rocklin
5%
USA 10,070 Rockport
5%
USA 23,526 Rock Springs
5%
USA 47,251 Rockwall
5%
USA 18,066 Roosevelt
5%
USA 23,683 Roseburg
5%
USA 119,468 Round Rock
5%
USA 39,306 Roy
5%
USA 58,211 Royal Oak
5%
Mexico 59,196 Sabinas
5%
Guadeloupe 24,415 Sainte-Anne
5%
Canada 88,083 Saint-Jean-sur-Richelieu
5%
Canada 100,859 Saint-Jérôme
5%
Canada 63,447 Saint John
5%
Mexico 49,402 San Agustín
5%
Guatemala 12,516 San Andrés
5%
USA 99,893 San Angelo
5%
Dominican Republic 11,241 Sánchez
5%
USA 64,293 San Clemente
5%
Mexico 183,509 San Cristóbal de las Casas
5%
USA 34,924 San Dimas
5%
Mexico 249,623 San Francisco de Campeche
5%
Dominican Republic 143,726 San Francisco de Macorís
5%
Mexico 41,887 San Isidro
5%
USA 91,008 San Leandro
5%
USA 29,581 San Lorenzo
5%
Honduras 35,560 San Lorenzo
5%
Mexico 176,685 San Luis Río Colorado
5%
Honduras 14,260 San Manuel
5%
Dominican Republic 207,378 San Pedro de Macorís
5%
USA 61,271 San Rafael
5%
Mexico 22,357 San Rafael
5%
USA 84,605 San Ramon
5%
Mexico 23,531 Santa Anita
5%
USA 19,219 Santa Fe Springs
5%
Dominican Republic 612,595 Santiago de los Caballeros
5%
Canada 73,944 Sarnia
5%
USA 19,351 Sartell
5%
USA 28,619 Saugus
5%
Canada 64,923 Sault Ste. Marie
5%
USA 13,337 Sault Ste. Marie
5%
USA 32,465 Savage
5%
USA 32,366 Seaside
5%
Canada 21,352 Sept-Îles
5%
USA 43,698 Shakopee
5%
USA 67,311 Shawnee
5%
USA 31,377 Shawnee
5%
USA 40,869 Shelton
5%
USA 10,371 Shelton
5%
Aruba 25,823 Sint Nicolaas
5%
USA 28781 Slidell
5%
USA 25,629 Smithtown
5%
USA 10,406 Smithville
5%
USA 10,126 Snohomish
5%
USA 14,121 Snoqualmie
5%
USA 81,045 Somerville
5%
USA 12,346 Somerville
5%
USA 10,739 Sonoma
5%
Mexico 11,440 Sonoyta
5%
Canada 36,650 Sorel
5%
USA 54,648 Southaven
5%
USA 92,726 South Gate
5%
USA 30,014 Southgate
5%
USA 20,759 South St. Paul
5%
USA 38,338 South Valley
5%
Jamaica 147,152 Spanish Town
5%
USA 10,025 Sparta
5%
USA 38,732 Spartanburg
5%
USA 12,193 Spearfish
5%
USA 11,325 Spencer
5%
USA 14,811 Springdale
5%
USA 11,007 Springdale
5%
USA 11,660 Spring Lake
5%
USA 35,268 Springville
5%
Canada 22,221 Squamish
5%
USA 17,666 Stafford
5%
USA 10,861 St. Albans
5%
USA 20,675 St. Andrews
5%
USA 21,150 Stanford
5%
USA 37,962 Stanton
5%
USA 14,329 St. Augustine
5%
USA 13,735 Sterling
5%
USA 14,764 Sterling
5%
USA 30,337 Sterling
5%
USA 134,346 Sterling Heights
5%
USA 25,666 Stevens Point
5%
USA 19,394 Stillwater
5%
USA 48,394 Stillwater
5%
USA 18256 St. Marys
5%
USA 12,738 St. Marys
5%
USA 13,467 Stony Brook
5%
USA 34,483 Stow
5%
USA 11,082 Sturgis
5%
USA 50,915 Summerville
5%
USA 43,463 Sumter
5%
USA 97,335 Sunrise
5%
USA 19,363 Sweetwater
5%
USA 10,622 Sweetwater
5%
Mexico 40,906 Tala
5%
USA 11,860 Tarrytown
5%
Mexico 81,059 Tecate
5%
USA 110,003 Temecula
5%
USA 79,077 The Villages
5%
USA 114,436 The Woodlands
5%
USA 18881 Thomasville
5%
USA 27,183 Thomasville
5%
USA 54,539 Tigard
5%
Canada 28,874 Timmins
5%
Mexico 52,593 Tizimín
5%
Mexico 38,087 Tonalá
5%
Mexico 442,440 Tonalá
5%
USA 15,129 Tonawanda
5%
Guatemala 103,952 Totonicapán
5%
USA 59,553 Towson
5%
USA 93,000 Tracy
5%
Canada 12,863 Trail
5%
USA 15,678 Traverse City
5%
Cuba 45,041 Trinidad
5%
USA 16,300 Troutdale
5%
Mexico 33,374 Tulum
5%
USA 26,374 Tysons
5%
USA 70,143 Union City
5%
USA 26830 Union City
5%
USA 68,589 Union City
5%
USA 11,170 Union City
5%
USA 50,893 University
5%
USA 45,284 University
5%
USA 13,914 University Heights
5%
El Salvador 43,400 Usulután
5%
USA 102,386 Vacaville
5%
USA 55378 Valdosta
5%
Mexico 56,494 Valladolid
5%
Mexico 10,161 Valle de las Palmas
5%
USA 126,090 Vallejo
5%
USA 10,529 Valley
5%
USA 11,695 Vermillion
5%
Canada 51,896 Vernon
5%
USA 10,078 Vernon
5%
USA 26,850 Vernon Hills
5%
Canada 46,322 Victoriaville
5%
USA 134,810 Victorville
5%
Mexico 13,641 Villanueva
5%
Guatemala 426,316 Villa Nueva
5%
Honduras 83,650 Villanueva
5%
Nicaragua 12,651 Villanueva
5%
USA 60,780 Vineland
5%
USA 98,381 Vista
5%
USA 10,440 Wabash
5%
USA 25,132 Walker
5%
USA 34,060 Walla Walla
5%
USA 114,403 Waterbury
5%
USA 71,158 Waukesha
5%
USA 39,994 Wausau
5%
USA 10,394 Waverly
5%
USA 23,812 Waverly
5%
USA 17,713 Wayne
5%
Canada 69,302 Welland
5%
USA 11,047 Wellington
5%
USA 61,637 Wellington
5%
USA 46,410 Westfield
5%
USA 40,834 Westfield
5%
USA 31,032 Westfield
5%
USA 64,083 West Hartford
5%
USA 55,584 West Haven
5%
USA 16,739 West Haven
5%
USA 35,757 West Hollywood
5%
USA 27,373 West Linn
5%
USA 68,107 Weston
5%
USA 15,723 Weston
5%
USA 117,415 West Palm Beach
5%
USA 10,105 West Point
5%
USA 10,963 West Point
5%
USA 20,615 West St. Paul
5%
USA 11,282 Westwood
5%
USA 27,298 Wethersfield
5%
USA 53,970 Wheaton
5%
USA 52,150 Wheaton
5%
Canada 109,167 White Rock
5%
USA 49,061 Whitney
5%
USA 29,160 Williston
5%
USA 47,851 Wilson
5%
USA 19,134 Winchester
5%
USA 22,970 Winchester
5%
USA 36,403 Winchester
5%
USA 28,120 Winchester
5%
USA 25,948 Winona
5%
USA 249,545 Winston-Salem
5%
USA 46,964 Winter Garden
5%
USA 49,219 Winter Haven
5%
USA 29,795 Winter Park
5%
USA 40,876 Woburn
5%
USA 43,240 Woonsocket
5%
USA 27,232 Wooster
5%
USA 10,970 Worth
5%
USA 13,947 Worthington
5%
USA 14,786 Worthington
5%
USA 25,441 Xenia
5%
Mexico 15,476 Yerbabuena
5%
USA 70,117 Yuba City
5%
USA 23,630 Yukon
5%
Mexico 1,257,547 Zapopan
5%
USA 30,603 Zionsville
5%
Mexico 29,002 Abasolo
0%
USA 11186 Abbeville
0%
USA 17,062 Abington
0%
Mexico 13,922 Acajete
0%
El Salvador 23,637 Acajutla
0%
Mexico 15,001 Acala
0%
Mexico 56,597 Acámbaro
0%
Mexico 11,917 Acanceh
0%
Mexico 19,976 Acaponeta
0%
Mexico 658,609 Acapulco de Juárez
0%
Mexico 13,033 Acatic
0%
Mexico 11,110 Acatlán de Juárez
0%
Mexico 19,341 Acatlán de Osorio
0%
Mexico 31,599 Acatzingo de Hidalgo
0%
Mexico 48,567 Acayucan
0%
USA 13,927 Accokeek
0%
Nicaragua 10,436 Acoyapa
0%
Mexico 32,276 Actopan
0%
USA 22440 Acworth
0%
USA 38,046 Adelanto
0%
USA 16,823 Adelphi
0%
Mexico 14,623 Adolfo Ruiz Cortines
0%
USA 20,417 Affton
0%
USA 28,692 Agawam Town
0%
USA 20,299 Agoura Hills
0%
Mexico 11,505 Agua Blanca
0%
Cuba 17,854 Aguada de Pasajeros
0%
Puerto Rico 10,919 Aguadilla
0%
Mexico 33,986 Agua Dulce
0%
Panama 33,708 Aguadulce
0%
Mexico 91,029 Agua Prieta
0%
Costa Rica 10,500 Aguas Zarcas
0%
El Salvador 19,134 Aguilares
0%
Mexico 11,851 Ahome
0%
Mexico 17,000 Ahualulco de Mercado
0%
USA 32,025 Aiken
0%
Canada 73,578 Airdrie
0%
USA 10,166 Airmont
0%
USA 10,757 Airway Heights
0%
Mexico 11,439 Ajijic
0%
Mexico 12,022 Akil
0%
USA 10,574 Alachua
0%
USA 92,452 Alafaya
0%
USA 78,280 Alameda
0%
USA 16,432 Albemarle
0%
Mexico 15,432 Alborada Jaltenco
0%
USA 10,978 Alcoa
0%
Mexico 14,334 Aldama
0%
Canada 13,105 Aldergrove
0%
USA 10,198 Alderwood Manor
0%
USA 15,999 Aldine
0%
USA 14,843 Alexander City
0%
Mexico 19,789 Alfredo V. Bonfil
0%
USA 29,700 Algonquin
0%
USA 52,176 Aliso Viejo
0%
USA 27,073 Allendale
0%
Mexico 21,376 Allende
0%
Mexico 23,351 Allende
0%
USA 28,638 Allen Park
0%
USA 21,672 Alliance
0%
USA 21,864 Allison Park
0%
Canada 23,253 Alliston
0%
USA 14,156 Allouez
0%
Guatemala 12,299 Almolonga
0%
Mexico 10,792 Almoloya del Río
0%
USA 53,828 Aloha
0%
Guatemala 23,358 Alotenango
0%
USA 10,197 Alpena
0%
USA 14,696 Alpine
0%
USA 10,251 Alpine
0%
Cuba 14,984 Alquízar
0%
USA 19,063 Alsip
0%
Mexico 79,824 Altamira
0%
Mexico 10,618 Altamirano
0%
USA 20,233 Altamont
0%
USA 46,231 Altamonte Springs
0%
Mexico 21,307 Altepexi
0%
Mexico 20,380 Alto Lucero
0%
Mexico 21,640 Altotonga
0%
USA 18,729 Altus
0%
USA 12,042 Alum Rock
0%
Mexico 20,797 Alvarado
0%
USA 27,098 Alvin
0%
Cuba 26,141 Amancio
0%
Mexico 12,180 Amatitán
0%
Guatemala 98,176 Amatitlán
0%
Mexico 10,888 Amatlán de los Reyes
0%
Mexico 10,417 Amaxac de Guerrero
0%
Mexico 33,716 Amecameca de Juárez
0%
USA 12,575 Amelia
0%
USA 21,837 American Canyon
0%
USA 33,337 American Fork
0%
USA 16230 Americus
0%
USA 17,366 Amesbury Town
0%
USA 12,681 Amherst
0%
Canada 15,177 Amherstburg
0%
USA 39,263 Amherst Town
0%
USA 17,694 Ammon
0%
Mexico 95,322 Amozoc de Mota
0%
Mexico 19,460 Ampliación San Mateo
0%
Mexico 10,066 Anacleto Canabal 3ra. Sección
0%
USA 17,637 Anacortes
0%
Mexico 16,414 Anáhuac
0%
Mexico 14,391 Anáhuac
0%
USA 13,636 Anderson Creek
0%
Mexico 11,227 Anenecuilco
0%
Mexico 13,225 Ángel R. Cabada
0%
USA 19,429 Angleton
0%
Canada 14,503 Angus
0%
USA 43,363 Annandale
0%
USA 10,973 Annapolis Neck
0%
USA 21,564 Anniston
0%
Haiti 39,783 Anse-à-Galets
0%
USA 18,918 Ansonia
0%
USA 23,190 Anthem
0%
Guatemala 46,054 Antigua Guatemala
0%
El Salvador 33,002 Antiguo Cuscatlán
0%
USA 38,499 Apache Junction
0%
Mexico 28,792 Apan
0%
Mexico 28,260 Apaseo el Alto
0%
Mexico 31,264 Apaseo el Grande
0%
Mexico 102,362 Apatzingán de la Constitución
0%
Mexico 15,171 Apaxco de Ocampo
0%
USA 26,002 Apollo Beach
0%
El Salvador 123,095 Apopa
0%
USA 54,873 Apopka
0%
Mexico 59,648 Arandas
0%
Mexico 12,388 Arbolada los Sauces
0%
Mexico 47,155 Arboledas de San Roque
0%
USA 21,655 Arbutus
0%
Haiti 14,702 Arcahaie
0%
USA 18,857 Arcata
0%
Mexico 22,534 Arcelia
0%
USA 11,907 Archdale
0%
USA 94,659 Arden-Arcade
0%
USA 24,725 Ardmore
0%
USA 13,566 Ardmore
0%
Puerto Rico 39,634 Arecibo
0%
Mexico 18,097 Ario de Rosales
0%
El Salvador 22,811 Armenia
0%
USA 24,064 Arnold
0%
USA 20,858 Arnold
0%
Canada 11,305 Arnprior
0%
Trinidad and Tobago 12,530 Arouca
0%
Panama 84,524 Arraiján
0%
Mexico 25,366 Arriaga
0%
USA 18,441 Arroyo Grande
0%
Mexico 15,534 Arteaga
0%
Mexico 11,046 Arteaga
0%
Cuba 46,574 Artemisa
0%
USA 16,395 Artesia
0%
USA 12,875 Artesia
0%
USA 13,641 Artondale
0%
USA 19,495 Arvin
0%
USA 11,036 Asbury Lake
0%
USA 15,188 Asbury Park
0%
Mexico 15,054 Ascensión
0%
USA 27,156 Asheboro
0%
USA 17,975 Ashtabula
0%
USA 16,991 Ashwaubenon
0%
USA 51,063 Aspen Hill
0%
Guatemala 20,936 Asunción Mita
0%
Mexico 15,851 Asunción Nochixtlán
0%
USA 29,773 Atascadero
0%
USA 88,174 Atascocita
0%
USA 10,885 Atchison
0%
Mexico 11,718 Atencingo
0%
USA 127315 Athens-Clarke County
0%
El Salvador 13,674 Atiquizaya
0%
Mexico 23,219 Atlacomulco de Fabela
0%
USA 13,513 Atlantic Beach
0%
Mexico 12,477 Atlautla de Victoria
0%
Mexico 89,314 Atlixco
0%
USA 10,008 Atoka
0%
Mexico 28,678 Atotonilco el Alto
0%
Mexico 22,271 Atoyac de Álvarez
0%
USA 46,461 Attleboro
0%
USA 31,970 Atwater
0%
Mexico 10,146 Atzacan
0%
USA 15,616 Auburndale
0%
USA 24,360 Auburn Hills
0%
USA 202081 Augusta-Richmond County
0%
USA 29,594 Austintown
0%
Mexico 52,019 Autlán de Navarro
0%
USA 13,696 Avenal
0%
USA 16,920 Avenel
0%
USA 40,242 Aventura
0%
USA 13,317 Avocado Heights
0%
USA 25,206 Avon Lake
0%
Mexico 19,085 Axochiapan
0%
Mexico 13,810 Ayotlán
0%
Guatemala 23,574 Ayutla
0%
Mexico 18,224 Ayutla de los Libres
0%
El Salvador 33,569 Ayutuxtepeque
0%
Honduras 11,800 Azacualpa
0%
USA 14,141 Azalea Park
0%
USA 13,369 Azle
0%
Dominican Republic 70,282 Azua de Compostela
0%
Mexico 12,527 Bacalar
0%
USA 19,031 Badger
0%
Cuba 17,689 Bahía Honda
0%
Guadeloupe 30,943 Baie-Mahault
0%
USA 24,749 Bailey's Crossroads
0%
USA 14468 Bainbridge
0%
USA 24,825 Bainbridge Island
0%
Cuba 11,699 Baíre
0%
Dominican Republic 75,760 Bajos de Haina
0%
USA 10,099 Baker City
0%
Mexico 13,944 Balancán
0%
USA 27,685 Balch Springs
0%
USA 72,176 Baldwin Park
0%
USA 24,999 Ballenger Creek
0%
USA 31,103 Ballwin
0%
Mexico 22,760 Banderilla
0%
Cuba 35,316 Banes
0%
Dominican Republic 77,316 Baní
0%
USA 29,505 Banning
0%
USA 12,556 Baraboo
0%
Honduras 12,680 Baracoa
0%
Cuba 43,062 Baracoa
0%
Dominican Republic 84,940 Barahona
0%
Guatemala 47,093 Barberena
0%
USA 25,191 Barberton
0%
USA 13,567 Bardstown
0%
Guatemala 17,166 Barillas
0%
USA 48,916 Barnstable Town
0%
USA 10,722 Barrington
0%
USA 37,290 Bartlesville
0%
USA 41,105 Bartlett
0%
USA 57,786 Bartlett
0%
Cuba 15,125 Bartolomé Masó
0%
USA 19,309 Bartow
0%
Costa Rica 11,000 Batán
0%
USA 26,098 Batavia
0%
USA 15,600 Batavia
0%
Canada 15,985 Bathurst
0%
Cuba 23,557 Bauta
0%
Dominican Republic 24,878 Bayaguana
0%
Cuba 157,027 Bayamo
0%
Puerto Rico 165,368 Bayamón
0%
USA 26,713 Bayonet Point
0%
USA 13352 Bayou Blue
0%
USA 19770 Bayou Cane
0%
USA 23,896 Bay Point
0%
USA 29,244 Bay Shore
0%
USA 19,904 Bayshore Gardens
0%
USA 83,701 Baytown
0%
USA 16,163 Bay Village
0%
USA 10,859 Beachwood
0%
USA 14,040 Beachwood
0%
Canada 13,323 Beamsville
0%
USA 12,261 Beatrice
0%
USA 16,708 Beaver Dam
0%
USA 17,286 Beckley
0%
USA 11,020 Bedford Heights
0%
USA 14,717 Beech Grove
0%
USA 13,669 Beeville
0%
Cuba 16,599 Bejucal
0%
USA 10,661 Bel Air
0%
USA 31,841 Bel Air North
0%
USA 57,648 Bel Air South
0%
USA 10,460 Belgrade
0%
USA 17,202 Bellaire
0%
USA 14,482 Bellair-Meadowbrook Terrace
0%
USA 10579 Belle Chasse
0%
USA 14,115 Bellefontaine
0%
USA 10,740 Bellefontaine Neighbors
0%
USA 16,698 Belle Glade
0%
USA 79,190 Bellflower
0%
USA 39,501 Bell Gardens
0%
USA 11,707 Bellmawr
0%
USA 10,494 Bellmead
0%
USA 16,297 Bellmore
0%
USA 25,541 Bellview
0%
USA 18,789 Bellwood
0%
Canada 52,959 Belœil
0%
USA 36,657 Beloit
0%
USA 23,953 Belton
0%
USA 23,054 Belton
0%
USA 20,133 Beltsville
0%
USA 15113 Belvedere Park
0%
USA 25,339 Belvidere
0%
USA 24,520 Benbrook
0%
Mexico 10,026 Benemérito de las Américas
0%
USA 27,131 Benicia
0%
USA 18,813 Bensenville
0%
USA 15,288 Bensville
0%
USA 15,539 Berea
0%
USA 18,545 Berea
0%
USA 15,578 Berea
0%
USA 28,321 Bergenfield
0%
Mexico 10,139 Bermejillo
0%
Mexico 36,084 Berriozábal
0%
USA 10,327 Berwick
0%
USA 26,019 Bessemer
0%
USA 20,831 Bethany
0%
USA 31,350 Bethany
0%
USA 33,577 Bethel Park
0%
USA 16,658 Bethpage
0%
USA 39,102 Bettendorf
0%
USA 13,928 Bexley
0%
USA 22,552 Biddeford
0%
USA 12,738 Big Bear City
0%
USA 26,144 Big Spring
0%
Canada 10,791 Binbrook
0%
USA 10,115 Birch Bay
0%
USA 28,609 Bixby
0%
Canada 10,315 Blackfalds
0%
USA 12,346 Blackfoot
0%
USA 15,097 Black Forest
0%
USA 22,947 Bloomingdale
0%
USA 22,382 Bloomingdale
0%
USA 12,711 Bloomsburg
0%
USA 13,394 Blue Ash
0%
USA 22,558 Blue Island
0%
USA 58,603 Blue Springs
0%
USA 17,014 Bluffdale
0%
USA 10,308 Bluffton
0%
USA 27,716 Bluffton
0%
USA 18,317 Blythe
0%
Nicaragua 26,398 Boaco
0%
USA 10,107 Boaz
0%
Dominican Republic 76,007 Boca Chica
0%
Mexico 14,200 Bochil
0%
Cayman Islands 14,845 Bodden Town
0%
USA 17,850 Boerne
0%
USA 10659 Bogalusa
0%
USA 10,405 Boiling Springs
0%
USA 235,684 Boise City
0%
USA 73,922 Bolingbrook
0%
USA 10,679 Bolivar
0%
USA 18,022 Bon Air
0%
Nicaragua 15,138 Bonanza
0%
Dominican Republic 71,767 Bonao
0%
USA 10,408 Bonham
0%
USA 12,917 Bonita
0%
USA 53,644 Bonita Springs
0%
Honduras 10,790 Bonito Oriental
0%
USA 22,487 Bonney Lake
0%
USA 12,551 Borger
0%
Mexico 11,980 Bosques de los Nogales
0%
USA 16,882 Bostonia
0%
USA 48,161 Bothell
0%
USA 13,970 Bothell East
0%
USA 22,015 Bothell West
0%
USA 14,885 Boulder City
0%
USA 11,988 Bound Brook
0%
USA 45,762 Bountiful
0%
USA 18,164 Bourbonnais
0%
USA 80,380 Boynton Beach
0%
USA 19,183 Bradfordville
0%
USA 14,077 Bradley Gardens
0%
USA 39,143 Braintree Town
0%
USA 23,486 Brambleton
0%
USA 13,730 Brandermill
0%
USA 10,550 Brandywine
0%
USA 13403 Braselton
0%
USA 26,416 Brawley
0%
USA 47,325 Brea
0%
USA 13,635 Brecksville
0%
USA 17,369 Brenham
0%
USA 23,447 Brent
0%
USA 64,292 Brentwood
0%
USA 62,387 Brentwood
0%
USA 10,082 Brentwood
0%
USA 45,373 Brentwood
0%
USA 28,633 Bridgewater Town
0%
USA 19,650 Brigham City
0%
Mexico 10,632 Brisas de Zicatela
0%
USA 14,021 Broadlands
0%
USA 19,936 Broadview Heights
0%
USA 13,181 Brock Hall
0%
USA 19,476 Brookfield
0%
USA 41,464 Brookfield
0%
USA 55161 Brookhaven
0%
USA 11,674 Brookhaven
0%
USA 18,595 Brook Park
0%
Canada 14,904 Brooks
0%
USA 14,974 Brookside
0%
USA 11,718 Broomall
0%
USA 13417 Broussard
0%
USA 12,507 Brown Deer
0%
USA 28,973 Brownsburg
0%
USA 10,734 Browns Mills
0%
USA 18,862 Brownwood
0%
USA 15210 Brunswick
0%
USA 17,033 Brunswick
0%
USA 35,426 Brunswick
0%
USA 22,519 Brushy Creek
0%
USA 83,980 Bryan
0%
USA 17,397 Bryn Mawr-Skyway
0%
Mexico 16,161 Bucerías
0%
USA 20,420 Buckhall
0%
USA 11,684 Bucyrus
0%
USA 15,108 Buda
0%
USA 84,034 Buena Park
0%
Cuba 11,196 Buenaventura
0%
USA 30,251 Buenaventura Lakes
0%
Mexico 216,776 Buenavista
0%
Mexico 29,920 Buena Vista
0%
Mexico 12,262 Buenavista Tomatlán
0%
Mexico 10,856 Buenos Aires
0%
Costa Rica 18,700 Buenos Aires de Puntarenas
0%
Cuba 10,421 Buey Arriba
0%
USA 17144 Buford
0%
USA 41,348 Bullhead City
0%
USA 16,794 Bull Run
0%
USA 10,939 Burkburnett
0%
USA 17,518 Burke Centre
0%
USA 47,641 Burleson
0%
USA 11,704 Burley
0%
USA 31,386 Burlingame
0%
USA 11,192 Burr Ridge
0%
USA 13,502 Butler
0%
USA 34,494 Butte-Silver Bow
0%
USA 12,666 Byram
0%
Cuba 30,326 Cabaiguán
0%
Haiti 36,120 Cabaret
0%
Dominican Republic 13,302 Cabral
0%
Mexico 19,108 Cacahoatán
0%
Mexico 13,796 Cacalomacán
0%
Cuba 12,432 Cacocum
0%
Mexico 15,512 Cadereyta de Montes
0%
Mexico 75,721 Cadereyta Jiménez
0%
Puerto Rico 70,318 Caguas
0%
USA 12,096 Cahokia
0%
Cuba 33,683 Caibarién
0%
Cuba 12,244 Caimito
0%
Mexico 17,818 Cajititlán
0%
Guatemala 14,948 Cajolá
0%
Canada 12,179 Caledonia
0%
USA 25,361 Caledonia
0%
USA 16,494 Calera
0%
USA 16949 Calhoun
0%
Mexico 13,038 Calimaya de Díaz González
0%
USA 10,026 Calimesa
0%
Mexico 15,949 Calkiní
0%
USA 13,045 Callaway
0%
USA 36,033 Calumet City
0%
USA 17,316 Calverton
0%
Mexico 21,049 Calvillo
0%
Cuba 21,924 Camajuaní
0%
USA 17,356 Camano
0%
Dominican Republic 16,818 Cambita Garabitos
0%
USA 18,881 Cameron Park
0%
Nicaragua 17,523 Camoapa
0%
USA 11,426 Campbellsville
0%
Cuba 18,611 Campechuela
0%
Honduras 27,820 Campo Dos Caminos
0%
USA 12,468 Camp Pendleton South
0%
USA 22,734 Camp Springs
0%
USA 10,885 Campton Hills
0%
USA 12,147 Camp Verde
0%
Canada 18,454 Camrose
0%
USA 10,576 Canandaigua
0%
Costa Rica 22,700 Cañas
0%
Mexico 11,943 Canatlán
0%
USA 18,171 Canby
0%
Mexico 11,121 Candelaria
0%
Cuba 12,519 Candelaria
0%
Puerto Rico 14,662 Candelaria
0%
USA 22468 Candler-McAfee
0%
Canada 13,268 Canmore
0%
Puerto Rico 10,997 Caño Martin Peña
0%
USA 17,141 Cañon City
0%
Puerto Rico 11,976 Canóvanas
0%
Guatemala 35,825 Cantel
0%
USA 14,836 Canyon
0%
USA 11,082 Canyon Lake
0%
USA 31,124 Canyon Lake
0%
USA 39,540 Cape Girardeau
0%
Guadeloupe 17,882 Capesterre-Belle-Eau
0%
Mexico 15,640 Capilla de Guadalupe
0%
Mexico 21,224 Capulhuac de Mirafuentes
0%
Mexico 20,703 Capultitlán
0%
USA 21,857 Carbondale
0%
Mexico 15,341 Cárdenas
0%
Mexico 80,454 Cárdenas
0%
Cuba 88,987 Cárdenas
0%
Mexico 12,081 Cardonal
0%
Costa Rica 26,000 Cariari
0%
Canada 13,940 Carleton Place
0%
Mexico 17,919 Carlos A. Carrillo
0%
Cuba 11,840 Carlos Manuel de Céspedes
0%
USA 79,793 Carmichael
0%
USA 29,363 Carney
0%
USA 13,151 Carnot-Moon
0%
Puerto Rico 138,304 Carolina
0%
USA 23,342 Carolina Forest
0%
USA 37,983 Carpentersville
0%
USA 13,264 Carpinteria
0%
USA 21,295 Carrboro
0%
Haiti 430,250 Carrefour
0%
USA 34,352 Carrollwood
0%
USA 25,326 Carteret
0%
Mexico 12,841 Casa Blanca
0%
USA 19,576 Casa de Oro-Mount Helix
0%
USA 53,658 Casa Grande
0%
USA 70,973 Casas Adobes
0%
USA 12,366 Cascades
0%
USA 28,794 Casselberry
0%
USA 18,937 Castaic
0%
Mexico 27,314 Castaños
0%
Canada 10,029 Castlegar
0%
USA 11,036 Castle Pines
0%
USA 66,441 Castro Valley
0%
Honduras 63,310 Catacamas
0%
USA 52,401 Catalina Foothills
0%
Puerto Rico 23,155 Cataño
0%
Mexico 28,655 Catemaco
0%
USA 51,493 Cathedral City
0%
USA 44,701 Catonsville
0%
USA 26,755 Cave Spring
0%
USA 13,781 Cayce
0%
Puerto Rico 13,999 Cayey
0%
USA 12,121 Cedarburg
0%
USA 35,235 Cedar City
0%
USA 49,148 Cedar Hill
0%
USA 10,019 Cedar Hills
0%
USA 17,259 Cedar Mill
0%
USA 77,595 Cedar Park
0%
USA 10190 Cedartown
0%
Mexico 12,807 Cedral
0%
Mexico 378,143 Celaya
0%
USA 11,178 Celebration
0%
USA 10,935 Celina
0%
USA 16,739 Celina
0%
USA 30,980 Centereach
0%
USA 16,406 Center Point
0%
USA 22,583 Central Falls
0%
USA 36,714 Central Islip
0%
USA 49,302 Ceres
0%
Mexico 21,318 Cerro Azul
0%
Mexico 11,054 Chahuites
0%
Guatemala 24,247 Chajul
0%
El Salvador 13,951 Chalatenango
0%
El Salvador 43,013 Chalchuapa
0%
USA 11,064 Chalco
0%
Mexico 174,704 Chalco de Díaz Covarrubias
0%
USA 21562 Chalmette
0%
Cuba 10,808 Chambas
0%
USA 21,903 Chambersburg
0%
USA 30164 Chamblee
0%
USA 88,302 Champaign
0%
Mexico 35,799 Champotón
0%
Panama 40,086 Changuinola
0%
El Salvador 23,952 Chanmico
0%
USA 13,383 Channahon
0%
USA 45,688 Channelview
0%
USA 24,301 Chantilly
0%
Mexico 24,352 Chapala
0%
Cuba 16,540 Chaparra
0%
USA 16,551 Chaparral
0%
Mexico 14,117 Charcas
0%
Canada 75,891 Châteauguay
0%
USA 76,829 Cheektowaga
0%
Mexico 17,502 Chemax
0%
Panama 22,102 Chepo
0%
Mexico 16,841 Cherán
0%
USA 11,488 Cherry Creek
0%
USA 23,683 Cherry Hill
0%
USA 14,805 Cherry Hill Mall
0%
USA 15,808 Cherryland
0%
USA 10,308 Chesapeake Ranch Estates
0%
Canada 21,425 Chestermere
0%
USA 10,505 Chestnut Ridge
0%
USA 12,522 Cheval
0%
USA 10,176 Chevy Chase
0%
Mexico 55,931 Chiapa de Corzo
0%
Mexico 10,810 Chiautla
0%
Guatemala 26,309 Chicacao
0%
USA 14,433 Chicago Ridge
0%
Guatemala 71,394 Chichicastenango
0%
Nicaragua 44,281 Chichigalpa
0%
Mexico 12,483 Chichihualco
0%
USA 16,051 Chickasha
0%
Mexico 193,532 Chicoloapan de Juárez
0%
Mexico 25,868 Chiconcuac de Juárez
0%
Mexico 12,666 Chignautla
0%
Mexico 33,783 Chilapa de Álvarez
0%
Panama 28,653 Chilibre
0%
USA 22,059 Chillicothe
0%
USA 36,039 Chillum
0%
Mexico 225,728 Chilpancingo de los Bravo
0%
Mexico 703,215 Chimalhuacán
0%
Guatemala 96,985 Chimaltenango
0%
Mexico 13,974 Chinameca
0%
Nicaragua 115,687 Chinandega
0%
Guatemala 104,972 Chinautla
0%
USA 78,411 Chino Hills
0%
USA 13,020 Chino Valley
0%
USA 14,731 Chippewa Falls
0%
Guatemala 111,505 Chiquimula
0%
Guatemala 18,848 Chiquimulilla
0%
Panama 57,412 Chitré
0%
Mexico 11,868 Chocamán
0%
USA 12,182 Choctaw
0%
Mexico 10,328 Choix
0%
Honduras 220,300 Choloma
0%
Mexico 11,745 Cholul
0%
Mexico 102,260 Cholula de Rivadavia
0%
Honduras 99,980 Choluteca
0%
USA 19,039 Chowchilla
0%
USA 23,348 Christiansburg
0%
USA 15,570 Chubbuck
0%
USA 32,276 Cibolo
0%
Cuba 114,829 Ciego de Ávila
0%
Mexico 30,217 Ciénega de Flores
0%
Mexico 18,787 Cihuatlán
0%
USA 19,311 Cimarron Hills
0%
USA 16,899 Cinco Ranch
0%
Mexico 49,201 Cintalapa de Figueroa
0%
USA 13,927 Circleville
0%
Cuba 15,785 Ciro Redondo
0%
Mexico 12,303 CITARA
0%
USA 10,243 Citrus
0%
USA 87,583 Citrus Heights
0%
USA 28,178 Citrus Park
0%
USA 10,246 Citrus Springs
0%
Mexico 25,850 Ciudad Altamirano
0%
Mexico 536,436 Ciudad Apodaca
0%
El Salvador 29,385 Ciudad Arce
0%
Mexico 308,285 Ciudad Benito Juárez
0%
Mexico 43,805 Ciudad Constitución
0%
Nicaragua 23,526 Ciudad Darío
0%
Mexico 31,695 Ciudad de Ajalpan
0%
Mexico 28,843 Ciudad de Allende
0%
Mexico 47,632 Ciudad de Apizaco (Apizaco)
0%
Mexico 15,368 Ciudad de Armería
0%
Mexico 11,776 Ciudad de Chiautla de Tapia
0%
Mexico 22,904 Ciudad de Chignahuapan
0%
Mexico 17,550 Ciudad de Huitzuco
0%
Mexico 13,344 Ciudad de Lázaro Cárdenas
0%
Mexico 191,238 Ciudad del Carmen
0%
Mexico 18,110 Ciudad de Libres
0%
Mexico 10,943 Ciudad del Maíz
0%
Mexico 13,401 Ciudad de Nanacamilpa
0%
Mexico 10,960 Ciudad de Rafael Lara Grajales
0%
Mexico 70,224 Ciudad de San Pablo del Monte
0%
Mexico 147,496 Ciudad de Villa de Álvarez
0%
Mexico 36,275 Ciudad Fernández
0%
Mexico 454,967 Ciudad General Escobedo
0%
Mexico 19,081 Ciudad Guadalupe Victoria
0%
Mexico 12,067 Ciudad Gustavo Díaz Ordaz
0%
Mexico 111,975 Ciudad Guzmán
0%
Mexico 17,485 Ciudad Hidalgo
0%
Mexico 71,528 Ciudad Hidalgo
0%
Mexico 26,015 Ciudad Ixtepec
0%
Mexico 83,637 Ciudad Lázaro Cárdenas
0%
Mexico 523,065 Ciudad López Mateos
0%
Mexico 205,933 Ciudad Madero
0%
Mexico 16,092 Ciudad Manuel Doblado
0%
Mexico 38,992 Ciudad Melchor Múzquiz
0%
Mexico 34,847 Ciudad Mendoza
0%
Mexico 18,592 Ciudad Miguel Alemán
0%
Mexico 1,072,676 Ciudad Nezahualcóyotl
0%
Mexico 323,545 Ciudad Nicolás Romero
0%
Mexico 111,314 Ciudad Río Bravo
0%
Mexico 33,522 Ciudad Sabinas Hidalgo
0%
Nicaragua 130,357 Ciudad Sandino
0%
Mexico 304,052 Ciudad Santa Catarina
0%
Mexico 25,468 Ciudad Serdán
0%
Mexico 10,977 Ciudad Tula
0%
Guatemala 32,802 Ciudad Vieja
0%
USA 12631 Claiborne
0%
USA 37,266 Claremont
0%
USA 12,949 Claremont
0%
USA 19,580 Claremore
0%
USA 14,903 Clarksdale
0%
USA 11,389 Clawson
0%
USA 31,909 Clearfield
0%
USA 16,685 Clearlake
0%
USA 31,352 Cleburne
0%
USA 21,163 Clemmons
0%
USA 17,681 Clemson
0%
USA 45,312 Cleveland Heights
0%
USA 25,693 Cliffside Park
0%
USA 18,601 Clive
0%
USA 12,568 Cloquet
0%
USA 24,100 Cloverleaf
0%
USA 15,285 Cloverly
0%
USA 10,604 Clute
0%
USA 41,941 Coachella
0%
Mexico 13,806 Coalcomán de Vázquez Pallares
0%
USA 17,590 Coalinga
0%
Mexico 10,383 Coatepec
0%
Mexico 55,720 Coatepec
0%
Guatemala 37,330 Coatepeque
0%
USA 13,350 Coatesville
0%
Mexico 212,540 Coatzacoalcos
0%
Mexico 34,039 Coatzintla
0%
Guatemala 212,047 Cobán
0%
Canada 19,830 Cobourg
0%
Canada 31,638 Cochrane
0%
USA 24,184 Cockeysville
0%
USA 19,041 Cocoa
0%
USA 11,354 Cocoa Beach
0%
USA 57,833 Coconut Creek
0%
Mexico 10,290 Cocotitlán
0%
Mexico 10,178 Cocoyoc
0%
Mexico 16,550 Cocula
0%
USA 10,028 Cody
0%
Honduras 45,430 Cofradía
0%
USA 18,147 Cohoes
0%
El Salvador 40,400 Cojutepeque
0%
USA 10,153 Cold Springs
0%
USA 13,822 Coldwater
0%
USA 15,421 Colesville
0%
Mexico 33,108 Colinas del Aeropuerto
0%
Mexico 17,163 Colinas del Roble
0%
USA 11,109 Collegedale
0%
USA 120,511 College Station
0%
USA 26,057 Colleyville
0%
USA 51,324 Collierville
0%
USA 14,186 Collingswood
0%
Canada 22,983 Collingwood
0%
USA 24,366 Collinsville
0%
Guatemala 28,655 Colomba
0%
Mexico 10,196 Colonia Anáhuac
0%
USA 18,170 Colonial Heights
0%
USA 16,243 Colonial Park
0%
Mexico 13,738 Colonia Santa Bárbara
0%
Mexico 15,129 Colotlán
0%
USA 53,909 Colton
0%
Guatemala 32,312 Comalapa
0%
Mexico 43,035 Comalcalco
0%
Honduras 120,500 Comayagua
0%
Mexico 113,479 Comitán de Domínguez
0%
USA 36,536 Commack
0%
USA 12,378 Commerce
0%
USA 62,418 Commerce City
0%
Mexico 24,228 Comonfort
0%
Mexico 20,322 Compostela
0%
USA 10,500 Comstock Park
0%
Nicaragua 12,188 Condega
0%
Mexico 13,944 Conkal
0%
USA 12,318 Conneaut
0%
USA 13,324 Connersville
0%
Cuba 28,465 Consolación del Sur
0%
Dominican Republic 30,388 Constanza
0%
Dominican Republic 30,737 Consuelo
0%
Mexico 30,417 Contla
0%
Cuba 47,132 Contramaestre
0%
USA 27,466 Converse
0%
USA 13,218 Coolidge
0%
USA 34,401 Cooper City
0%
Honduras 10,320 Copán Ruinas
0%
USA 23,429 Copiague
0%
USA 42,983 Coppell
0%
USA 36,670 Copperas Cove
0%
Mexico 14,892 Coquimatlán
0%
USA 23,142 Coral Terrace
0%
USA 22,318 Coralville
0%
USA 40,220 Coram
0%
USA 10220 Cordele
0%
Nicaragua 18,650 Corinto
0%
USA 31,412 Cornelius
0%
USA 12,694 Cornelius
0%
Canada 31,204 Corner Brook
0%
USA 10,551 Corning
0%
USA 20,192 Coronado
0%
USA 25,109 Corsicana
0%
Mexico 69,371 Cortazar
0%
USA 10,222 Corte Madera
0%
USA 17,556 Cortland
0%
Mexico 29,081 Cosamaloapan
0%
Mexico 16,364 Coscomatepec de Bravo
0%
USA 11,050 Coshocton
0%
Mexico 22,521 Cosoleacaque
0%
Mexico 14,074 Cotija de la Paz
0%
USA 14,710 Coto de Caza
0%
USA 22,857 Cottage Lake
0%
USA 12,029 Cottonwood
0%
USA 33,617 Cottonwood Heights
0%
Dominican Republic 52,535 Cotuí
0%
USA 10,777 Country Club
0%
USA 49,967 Country Club
0%
USA 16,775 Country Club Hills
0%
USA 10,418 Countryside
0%
USA 16,951 Country Walk
0%
Canada 48,917 Courtenay
0%
Canada 13,334 Cowansville
0%
Mexico 37,442 Coyotepec
0%
Mexico 13,866 Coyuca de Benítez
0%
Mexico 64,886 Coyula
0%
Canada 20,008 Cranbrook
0%
USA 16,306 Crawfordsville
0%
Mexico 32,307 Crespa Floresta
0%
USA 20,459 Crest Hill
0%
USA 11,650 Crestline
0%
USA 27,134 Crestview
0%
USA 10,826 Crestwood
0%
USA 12,404 Crestwood
0%
USA 18,834 Creve Coeur
0%
USA 29,641 Crofton
0%
Haiti 84,812 Croix-des-Bouquets
0%
Haiti 19,466 Croix-des-Missions
0%
USA 12,071 Crossville
0%
USA 11710 Crowley
0%
USA 18,070 Crowley
0%
USA 33,899 Crown Point
0%
USA 10,014 Croydon
0%
Mexico 19,252 Crucecita
0%
Mexico 13,440 Cruz Grande
0%
USA 40,269 Crystal Lake
0%
Mexico 11,245 Cuajinicuilapa
0%
Mexico 10,070 Cuapiaxtla
0%
Mexico 10,395 Cuatro Ciénegas de Carranza
0%
Mexico 135,586 Cuauhtémoc
0%
Mexico 20,530 Cuautepec
0%
Mexico 117,995 Cuautitlán
0%
Mexico 515,353 Cuautitlán Izcalli
0%
Mexico 157,336 Cuautla
0%
Guatemala 10,681 Cubulco
0%
USA 22,811 Cudahy
0%
USA 18,204 Cudahy
0%
Mexico 11,585 Cuencamé de Ceniceros
0%
Mexico 15,305 Cuerámaro
0%
Cuba 13,389 Cueto
0%
Guatemala 41,359 Cuilapa
0%
Mexico 15,763 Cuilápam de Guerrero
0%
Mexico 14,304 Cuitláhuac
0%
Mexico 10,983 Cuitzeo del Porvenir
0%
Mexico 808,416 Culiacán Rosales
0%
USA 18,213 Cullman
0%
USA 20,062 Culpeper
0%
USA 40,779 Culver City
0%
Cuba 25,031 Cumanayagua
0%
Mexico 21,003 Cunduacán
0%
USA 60,381 Cupertino
0%
El Salvador 21,409 Cuscatancingo
0%
USA 45,425 Cutler Bay
0%
USA 17,849 Cutlerville
0%
USA 51,114 Cuyahoga Falls
0%
USA 50,151 Cypress
0%
USA 10,169 Cypress Gardens
0%
USA 13,727 Cypress Lake
0%
Dominican Republic 24,495 Dajabón
0%
USA 33,892 Dakota Ridge
0%
USA 72,088 Dale City
0%
USA 33,107 Dana Point
0%
USA 31,723 Dania Beach
0%
Honduras 80,200 Danlí
0%
USA 27,462 Daphne
0%
USA 10,715 Darby
0%
USA 12,743 Dardenne Prairie
0%
USA 63,292 Dearborn Heights
0%
USA 22,260 DeBary
0%
USA 25,364 Dedham
0%
USA 19,196 Deerfield
0%
USA 86,859 Deerfield Beach
0%
USA 28,837 Deer Park
0%
USA 34,495 Deer Park
0%
USA 17,066 Defiance
0%
USA 10,811 DeForest
0%
Mexico 11,612 Degollado
0%
USA 40,290 DeKalb
0%
USA 10,338 Del Aire
0%
USA 37,351 DeLand
0%
USA 21,822 Del City
0%
El Salvador 95,574 Delgado
0%
USA 10,656 Delhi
0%
Mexico 128,548 Delicias
0%
Haiti 359,451 Delmas
0%
USA 66,846 Delray Beach
0%
USA 93,692 Deltona
0%
USA 14,758 Deming
0%
USA 24,479 Denison
0%
USA 14,431 Dentsville
0%
USA 25,410 De Pere
0%
USA 15,178 Depew
0%
USA 12,325 Derby
0%
USA 25,625 Derby
0%
Haiti 27,293 Desdunes
0%
USA 32,512 Desert Hot Springs
0%
USA 60,675 Des Plaines
0%
Haiti 26,219 Dessalines
0%
USA 11340 Destrehan
0%
USA 11,247 De Witt
0%
USA 55,072 Diamond Bar
0%
USA 11,345 Diamond Springs
0%
USA 12,721 D'Iberville
0%
USA 25,679 Dickinson
0%
USA 20,847 Dickinson
0%
USA 10,600 Difficult Run
0%
USA 24,563 Dinuba
0%
Nicaragua 44,661 Diriamba
0%
Nicaragua 17,309 Diriomo
0%
USA 15,358 Discovery Bay
0%
USA 26,180 Dix Hills
0%
USA 18,988 Dixon
0%
USA 15,274 Dixon
0%
USA 11,541 Dobbs Ferry
0%
Mexico 11,822 Doctor Arroyo
0%
USA 12,328 Doctor Phillips
0%
Canada 10,849 Dolbeau
0%
Mexico 67,101 Dolores Hidalgo Cuna de la Independencia Nacional
0%
Mexico 20,691 Don Antonio
0%
USA 16,797 Donna
0%
Puerto Rico 12,172 Dorado
0%
USA 75,874 Doral
0%
USA 10623 Doraville
0%
Cuba 12,974 Dos Caminos de San Luis
0%
USA 34650 Douglasville
0%
USA 11,785 Dranesville
0%
USA 51,017 Draper
0%
USA 27,523 Drexel Heights
0%
USA 29,181 Drexel Hill
0%
USA 21,727 Duarte
0%
Canada 12,725 Duck Lake
0%
Martinique 17,837 Ducos
0%
USA 14,501 Dumas
0%
USA 17,863 Dumont
0%
USA 67,796 Dundalk
0%
USA 12,743 Dunkirk
0%
USA 14,042 Dunmore
0%
USA 51683 Dunwoody
0%
USA 10,151 DuPont
0%
USA 18,589 Durant
0%
USA 16,517 Dyer
0%
USA 16,164 Dyersburg
0%
Mexico 13,208 Dzitbalché
0%
USA 43,623 Eagle Mountain
0%
USA 22,921 Easley
0%
USA 20,901 Eastchester
0%
USA 13,792 East Cleveland
0%
USA 28,656 Eastern Goleta Valley
0%
USA 11,896 East Glenville
0%
USA 11,371 East Grand Rapids
0%
USA 16,211 Easthampton Town
0%
USA 19,432 East Hemet
0%
USA 15,131 East Highland Park
0%
USA 13,931 East Islip
0%
USA 32,344 East Lake
0%
USA 17,670 Eastlake
0%
USA 28,050 East Lake-Orient Park
0%
USA 118,786 East Los Angeles
0%
USA 19,854 East Massapequa
0%
USA 37,796 East Meadow
0%
USA 14,309 East Milton
0%
USA 21,374 East Moline
0%
USA 24,059 Eastmont
0%
USA 28,390 East Niles
0%
USA 20,048 East Northport
0%
USA 17,101 Easton
0%
USA 28,127 Easton
0%
USA 69,612 East Orange
0%
USA 30,034 East Palo Alto
0%
USA 21,580 East Patchogue
0%
USA 22,484 East Peoria
0%
USA 47,139 East Providence
0%
USA 15,114 East Rancho Dominguez
0%
USA 11,937 East Renton Highlands
0%
USA 22,167 East Ridge
0%
USA 18,459 East Riverdale
0%
USA 10,159 East Rockaway
0%
USA 10,022 East Rutherford
0%
USA 22,769 East San Gabriel
0%
USA 10,998 East Setauket
0%
USA 69,757 Eastvale
0%
USA 14,158 East Wenatchee
0%
USA 10,394 East Whittier
0%
USA 13,597 Eatontown
0%
Mexico 24,454 Ebano
0%
USA 11,896 Echelon
0%
USA 23,097 Edgewater
0%
USA 14,336 Edgewater
0%
USA 25,713 Edgewood
0%
USA 12,327 Edgewood
0%
USA 42,853 Edmonds
0%
Canada 13,125 Edmundston
0%
USA 11,246 Edwards
0%
USA 26,808 Edwardsville
0%
USA 12,252 Effingham
0%
USA 15,561 Eggertsville
0%
USA 36,644 Egypt Lake-Leto
0%
Mexico 18,740 Ejido de Tequisistlán Primero
0%
Mexico 12,438 El Arenal
0%
El Salvador 10,634 El Arenal
0%
Guatemala 17,388 El Asintal
0%
USA 106,215 El Cajon
0%
USA 12,350 El Campo
0%
Mexico 20,078 El Capulín
0%
USA 44,322 El Centro
0%
USA 25,962 El Cerrito
0%
Cuba 11,438 El Cobre
0%
El Salvador 12,392 El Congo
0%
Nicaragua 10,616 El Crucero
0%
Nicaragua 11,731 El Cuá
0%
USA 32,582 Eldersburg
0%
USA 50,547 El Dorado Hills
0%
Mexico 15,193 El Dorado Huehuetoca
0%
Guatemala 20,489 El Estor
0%
USA 14,573 Elfers
0%
Mexico 12,848 El Fuerte
0%
Mexico 22,738 El Grullo
0%
Dominican Republic 15,083 Elías Piña
0%
USA 18,631 Elizabeth City
0%
USA 14,546 Elizabethton
0%
Mexico 30,843 El Jaral
0%
Nicaragua 10,440 El Jícaro
0%
USA 11,561 Elk City
0%
USA 32,812 Elk Grove Village
0%
USA 53,923 Elkhart
0%
USA 10,247 Elkhorn
0%
USA 14,534 Elk Plain
0%
USA 25,171 Elkridge
0%
USA 18,666 Ellensburg
0%
USA 75,947 Ellicott City
0%
Canada 10,998 Elliot Lake
0%
Mexico 17,332 El Llano
0%
Honduras 16,280 El Milagro
0%
Mexico 10,339 El Mirador
0%
USA 35,805 El Mirage
0%
USA 35,265 Elmont
0%
USA 109,450 El Monte
0%
USA 24,521 Elmwood Park
0%
USA 21,422 Elmwood Park
0%
Mexico 11,061 El Naranjo
0%
Honduras 13,260 El Negrito
0%
Mexico 10,081 El Niño
0%
Guatemala 19,115 El Nuevo Palmar
0%
USA 11,336 Elon
0%
USA 15,635 Eloy
0%
Honduras 27,640 El Paraíso
0%
Mexico 11,949 El Parral
0%
USA 31,490 El Paso de Robles (Paso Robles)
0%
Honduras 120,600 El Progreso
0%
Mexico 115,264 El Pueblito
0%
Mexico 21,215 El Quince
0%
Nicaragua 23,939 El Rama
0%
USA 16,989 El Reno
0%
Mexico 11,074 El Rosario
0%
Mexico 17,097 El Rosario
0%
Mexico 26,678 El Salto
0%
Mexico 27,876 El Salto
0%
Nicaragua 11,898 El Sauce
0%
Mexico 10,317 El Saucillo Fraccionamiento
0%
Mexico 11,371 El Sauzal de Rodríguez
0%
USA 17,272 El Segundo
0%
Dominican Republic 28,976 El Seibo
0%
USA 15,524 El Sobrante
0%
USA 14,039 El Sobrante
0%
Mexico 11,144 El Tejar
0%
Guatemala 15,639 El Tejar
0%
Nicaragua 11,601 El Tortuguero
0%
Honduras 10,930 El Triunfo
0%
Nicaragua 13,832 El Tuma
0%
Nicaragua 53,382 El Viejo
0%
USA 11,426 Elwood
0%
USA 52,656 Elyria
0%
USA 12,905 Emeryville
0%
USA 11,652 Emmaus
0%
Mexico 38,886 Empalme
0%
Mexico 13,991 Empalme Escobedo
0%
USA 24,139 Emporia
0%
Mexico 27,833 Encarnación de Díaz
0%
USA 62,007 Encinitas
0%
USA 13,667 Endicott
0%
USA 11,762 Endwell
0%
USA 20,159 Ennis
0%
USA 23,817 Ensley
0%
USA 12,543 Enumclaw
0%
USA 13,794 Ephrata
0%
USA 19,611 Erlanger
0%
USA 12,450 Escanaba
0%
Mexico 31,375 Escárcega
0%
Mexico 33,924 Escuinapa de Hidalgo
0%
Mexico 10,624 Escuintla
0%
Guatemala 156,313 Escuintla
0%
Cuba 14,046 Esmeralda
0%
USA 10,526 Española
0%
Costa Rica 28,600 Esparza
0%
Mexico 39,164 Esperanza
0%
Cuba 11,147 Esperanza
0%
Dominican Republic 42,469 Esperanza
0%
Mexico 12,320 Espita
0%
Guatemala 18,667 Esquipulas
0%
USA 10,590 Essex Junction
0%
Mexico 12,095 Estación Manuel
0%
USA 17952 Estelle
0%
USA 36,939 Estero
0%
Canada 10,629 Estevan
0%
Mexico 14,697 Etzatlán
0%
USA 49,692 Euclid
0%
USA 12,882 Eufaula
0%
USA 61,032 Euless
0%
USA 23,189 Eustis
0%
USA 10,553 Excelsior Springs
0%
Mexico 18,769 Ex-Hacienda Santa Inés
0%
Mexico 22,464 Ex-Hacienda Santa Rosa
0%
Mexico 12,858 Ex-Rancho San Dimas
0%
Mexico 16,795 Ezequiel Montes
0%
USA 34,510 Fairborn
0%
USA 16483 Fairburn
0%
USA 12,420 Fairfax Station
0%
USA 22,477 Fairhope
0%
USA 25,396 Fairland
0%
USA 34,927 Fair Lawn
0%
USA 10,487 Fairmont
0%
USA 18,416 Fairmont
0%
USA 10,248 Fairmount
0%
USA 32,514 Fair Oaks
0%
USA 34,052 Fair Oaks
0%
USA 16,706 Fairview Heights
0%
USA 17,291 Fairview Park
0%
USA 10,722 Fairview Shores
0%
USA 19,396 Fairwood
0%
USA 10,541 Fairwood
0%
Puerto Rico 25,133 Fajardo
0%
USA 32,267 Fallbrook
0%
USA 14,658 Falls Church
0%
Dominican Republic 10,274 Fantino
0%
USA 24,453 Faribault
0%
USA 35,991 Farmers Branch
0%
USA 10,397 Farmersville
0%
USA 83,986 Farmington Hills
0%
USA 14,983 Farmingville
0%
USA 23,506 Farragut
0%
USA 17,958 Fate
0%
Mexico 10,247 Felipe Carrillo Puerto
0%
Mexico 30,754 Felipe Carrillo Puerto
0%
USA 12,050 Fenton
0%
USA 13,052 Fernandina Beach
0%
USA 22,895 Fernley
0%
USA 29,921 Ferry Pass
0%
USA 12,706 Festus
0%
USA 16,419 Fillmore
0%
Mexico 15,417 Filomeno Mata
0%
USA 40,313 Findlay
0%
USA 12,399 Finneytown
0%
USA 16,381 Firestone
0%
USA 24,625 Fish Hawk
0%
USA 41,946 Fitchburg
0%
USA 29,609 Fitchburg
0%
USA 20,973 Five Corners
0%
USA 17,737 Five Forks
0%
USA 10,541 Flat Rock
0%
USA 29,142 Fleming Island
0%
USA 16,172 Floral Park
0%
USA 61,983 Florence-Graham
0%
Costa Rica 11,700 Florencia
0%
USA 12,585 Florham Park
0%
USA 13,085 Florida City
0%
USA 21,302 Florida Ridge
0%
USA 52,388 Florin
0%
USA 52,533 Florissant
0%
USA 14,108 Flower Hill
0%
USA 15,657 Flowing Wells
0%
USA 10,202 Flowood
0%
USA 20,335 Foley
0%
USA 80,454 Folsom
0%
Cuba 19,347 Fomento
0%
USA 44,678 Fond du Lac
0%
USA 35,834 Foothill Farms
0%
USA 12,941 Fords
0%
USA 10,617 Forest Acres
0%
USA 14,623 Forest City
0%
USA 10,409 Forestdale
0%
USA 13,955 Forest Hill
0%
USA 28,573 Forest Hills
0%
USA 19932 Forest Park
0%
USA 14,339 Forest Park
0%
USA 20,189 Forest Park
0%
USA 12,831 Forestville
0%
USA 10,615 Forestville
0%
USA 23,455 Forney
0%
USA 12,579 Fort Atkinson
0%
USA 11,260 Fort Bliss
0%
USA 12,825 Fort Campbell North
0%
USA 17,693 Fort Carson
0%
USA 24,871 Fort Dodge
0%
USA 15,896 Fort Drum
0%
Canada 15,372 Fort Erie
0%
USA 28,295 Fort Hood
0%
USA 17,231 Fort Hunt
0%
Mexico 21,391 Fortín de las Flores
0%
USA 40,191 Fort Lee
0%
USA 15,959 Fort Leonard Wood
0%
USA 14,052 Fort Lewis
0%
Haiti 20,463 Fort-Liberté
0%
USA 10,270 Fort Madison
0%
USA 24,521 Fort Mill
0%
USA 16,190 Fort Mohave
0%
USA 11,597 Fort Morgan
0%
USA 10423 Fort Oglethorpe
0%
USA 14,877 Fort Payne
0%
USA 47,297 Fort Pierce
0%
Canada 26,831 Fort Saskatchewan
0%
Canada 21,123 Fort St. John
0%
USA 17,438 Fort Thomas
0%
USA 12,516 Fortuna
0%
USA 27,776 Fortuna Foothills
0%
USA 20,922 Fort Walton Beach
0%
USA 24,261 Fort Washington
0%
USA 33,805 Foster City
0%
USA 13,046 Fostoria
0%
USA 29,802 Fountain
0%
USA 59,870 Fountainebleau
0%
USA 23,820 Fountain Hills
0%
USA 10,416 Fountain Inn
0%
USA 57,047 Fountain Valley
0%
USA 56,381 Four Corners
0%
USA 16,740 Four Corners
0%
USA 12,103 Four Corners
0%
USA 22,872 Four Square Mile
0%
USA 18,974 Fox Crossing
0%
USA 10,978 Fox Lake
0%
Mexico 14,049 Fraccionamiento Campestre las Palomas
0%
Mexico 24,085 Fraccionamiento Ciudad Olmeca
0%
Mexico 11,505 Fraccionamiento Colinas del Sol
0%
Mexico 13,369 Fraccionamiento el Refugio
0%
Mexico 16,855 Fraccionamiento Geovillas los Pinos
0%
Mexico 23,735 Fraccionamiento La Nueva Esperanza II
0%
Mexico 12,162 Fraccionamiento la Ribera
0%
Mexico 14,721 Fraccionamiento la Trinidad
0%
Mexico 10,087 Fraccionamiento Parque San Mateo
0%
Mexico 34,913 Fraccionamiento Puente Moreno
0%
Mexico 10,883 Fraccionamiento Rancho Alegre
0%
Mexico 20,465 Fraccionamiento Real del Valle
0%
Mexico 40,259 Fraccionamiento Real Palmas
0%
Mexico 18,698 Fraccionamiento Social Progresivo Santo Tomás Chiconautla
0%
Mexico 15,064 Fraccionamiento Villas de la Estancia
0%
Mexico 28,276 Fraccionamiento Villas de la Hacienda
0%
Mexico 11,540 Fraccionamiento Zibatá
0%
Guatemala 44,117 Fraijanes
0%
Mexico 32,704 Francisco I. Madero
0%
USA 19,189 Franklin Farm
0%
USA 11,079 Franklin Lakes
0%
USA 30,903 Franklin Square
0%
USA 33,261 Franklin Town
0%
Mexico 31,737 Fray Bernardino de Sahagún
0%
USA 24,906 Frederickson
0%
USA 12,538 Freehold
0%
USA 35,280 French Valley
0%
USA 41,213 Friendswood
0%
Mexico 75,242 Frontera
0%
Mexico 23,024 Frontera
0%
Mexico 21,727 Frontera Comalapa
0%
USA 15,011 Front Royal
0%
USA 13,395 Fruita
0%
USA 32,143 Fruit Cove
0%
USA 15,484 Fruitville
0%
Mexico 82,274 Fuentes del Valle
0%
USA 10,467 Fuller Heights
0%
USA 16,856 Fulshear
0%
USA 12,600 Fulton
0%
USA 11,389 Fulton
0%
USA 34,152 Fuquay-Varina
0%
Mexico 25,157 Gabriel Leyva Solano
0%
USA 33,945 Gadsden
0%
USA 12,764 Gaffney
0%
USA 10,637 Gages Lake
0%
USA 35,726 Gahanna
0%
Mexico 20,381 Galaxia Bonito Jalisco
0%
Mexico 16,086 Galaxia Cuautitlán
0%
Mexico 11,758 Galaxia la Noria
0%
USA 10,740 Galena Park
0%
USA 30,052 Galesburg
0%
USA 10,453 Galion
0%
USA 44,431 Gallatin
0%
USA 25,383 Galt
0%
USA 15,006 Gantt
0%
Mexico 234,698 García
0%
USA 11,398 Garden Acres
0%
USA 16,044 Gardendale
0%
USA 13203 Gardere
0%
USA 23,287 Gardner
0%
USA 21,287 Gardner
0%
USA 11,318 Gardnerville Ranchos
0%
USA 32,655 Garfield
0%
USA 29,781 Garfield Heights
0%
USA 31,159 Garner
0%
USA 16,135 Gatesville
0%
USA 10,376 Gateway
0%
USA 19,024 Gautier
0%
Mexico 10,978 General Ángel Flores
0%
Mexico 14,299 General Miguel Alemán
0%
USA 11,162 George Mason
0%
Cuba 16,121 Gibara
0%
USA 18,566 Gibsonton
0%
USA 12,029 Gig Harbor
0%
USA 59,520 Gilroy
0%
Canada 16,915 Glace Bay
0%
USA 14,927 Gladeview
0%
USA 27,063 Gladstone
0%
USA 12,017 Gladstone
0%
USA 23,149 Glassboro
0%
USA 18,430 Glassmanor
0%
USA 16,187 Glen Allen
0%
USA 72,891 Glen Burnie
0%
USA 13,842 Glen Carbon
0%
USA 28,365 Glen Cove
0%
USA 33,176 Glendale Heights
0%
USA 52,558 Glendora
0%
USA 28,846 Glen Ellyn
0%
USA 16,710 Glenmont
0%
USA 14,698 Glenn Dale
0%
USA 15,819 Glenn Heights
0%
USA 13,691 Glenpool
0%
USA 12,133 Glen Rock
0%
USA 14,830 Glens Falls
0%
USA 20,786 Glenvar Heights
0%
USA 11,484 Gloucester City
0%
USA 10,587 Gloucester Point
0%
USA 15,131 Gloversville
0%
USA 17,825 Godfrey
0%
USA 11,404 Gold Canyon
0%
USA 20,399 Golden
0%
USA 25,321 Golden Gate
0%
USA 32,499 Golden Glades
0%
USA 13,431 Goldenrod
0%
USA 22,552 Golden Valley
0%
USA 33,657 Goldsboro
0%
USA 32,690 Goleta
0%
Mexico 301,742 Gómez Palacio
0%
USA 12231 Gonzales
0%
USA 14,586 Gonzalez
0%
Mexico 10,993 González
0%
USA 17,789 Goodlettsville
0%
USA 45,946 Goose Creek
0%
USA 34,517 Goshen
0%
USA 11,446 Goulds
0%
Honduras 18,550 Gracias
0%
USA 12,094 Grafton
0%
USA 15,627 Grain Valley
0%
USA 10,958 Granbury
0%
Canada 63,172 Grande Prairie
0%
Canada 14,546 Grand Falls-Windsor
0%
Haiti 19,874 Grand-Goâve
0%
USA 11,011 Grand Haven
0%
USA 13,150 Grand Terrace
0%
USA 26,209 Grandview
0%
USA 10,907 Grandview
0%
USA 16,083 Grandville
0%
USA 30,337 Granger
0%
USA 21,247 Granite Bay
0%
USA 27,549 Granite City
0%
USA 39,189 Grants Pass
0%
USA 12,617 Grantsville
0%
USA 14,016 Grass Valley
0%
USA 21,248 Grayslake
0%
USA 14,733 Great Bend
0%
USA 11,145 Great Neck
0%
Costa Rica 38,300 Grecia
0%
USA 14,429 Greece
0%
USA 43,990 Greenacres
0%
USA 24,921 Greenbelt
0%
USA 14,854 Greendale
0%
USA 15,479 Greeneville
0%
USA 13,661 Greenlawn
0%
USA 11,825 Green River
0%
USA 12,312 Greensburg
0%
USA 14,976 Greensburg
0%
USA 12,012 Greentree
0%
USA 22,616 Green Valley
0%
USA 12,643 Green Valley
0%
USA 15,691 Greenwood Village
0%
USA 35,308 Greer
0%
USA 17814 Gretna
0%
USA 23478 Griffin
0%
USA 16,528 Griffith
0%
USA 15,392 Grimes
0%
Haiti 30,511 Gros-Morne
0%
USA 10,148 Grosse Pointe Farms
0%
USA 11,595 Grosse Pointe Park
0%
USA 16,487 Grosse Pointe Woods
0%
USA 41,252 Grove City
0%
USA 18,505 Groveland
0%
USA 12,701 Grover Beach
0%
USA 17,335 Groves
0%
USA 15,725 Groveton
0%
USA 15577 Grovetown
0%
Mexico 17,410 Guachochi
0%
Costa Rica 13,800 Guácimo
0%
Honduras 21,330 Guaimaca
0%
Cuba 19,238 Guáimaro
0%
Mexico 65,215 Guamúchil
0%
Cuba 22,839 Guanajay
0%
Cuba 12,479 Guane
0%
Costa Rica 38,800 Guápiles
0%
Mexico 77,849 Guasave
0%
Guatemala 24,821 Guastatoya
0%
Puerto Rico 18,797 Guayama
0%
Puerto Rico 68,491 Guaynabo
0%
El Salvador 12,697 Guazapa
0%
Mexico 13,596 Guerrero Negro
0%
Cuba 40,855 Güines
0%
Cuba 25,424 Güira de Melena
0%
Cuba 21,849 Guisa
0%
USA 15,014 Gulf Shores
0%
USA 30,706 Gurnee
0%
USA 10,749 Guthrie
0%
Mexico 13,966 Gutiérrez Zamora
0%
USA 12,017 Guttenberg
0%
USA 12,965 Guymon
0%
USA 54,191 Hacienda Heights
0%
Mexico 10,831 Hacienda San Pedro
0%
Mexico 139,174 Hacienda Santa Fe
0%
Mexico 26,122 Haciendas de Tizayuca
0%
Mexico 11,583 Hacienda Sotavento
0%
USA 46,030 Hackensack
0%
USA 10,248 Hackettstown
0%
USA 12,550 Haddonfield
0%
USA 43,527 Hagerstown
0%
USA 26,669 Haines City
0%
Mexico 10,183 Halachó
0%
USA 11,795 Half Moon Bay
0%
USA 11,896 Halfway
0%
USA 41,217 Hallandale Beach
0%
USA 10,341 Halls
0%
USA 46,073 Haltom City
0%
USA 12,679 Hamilton Square
0%
USA 16,464 Ham Lake
0%
USA 14,711 Hammonton
0%
USA 15,228 Hampton Bays
0%
USA 28,433 Hamtramck
0%
USA 20,325 Hanahan
0%
USA 17,108 Hannibal
0%
USA 37,470 Hanover Park
0%
USA 33,097 Harker Heights
0%
USA 71,829 Harlingen
0%
USA 15,492 Harper Woods
0%
USA 51,814 Harrisonburg
0%
USA 10,121 Harrisonville
0%
USA 15,455 Hartselle
0%
USA 11,615 Hartsville/Trousdale County
0%
USA 12,125 Hasbrouck Heights
0%
USA 19,670 Haslett
0%
Dominican Republic 26,450 Hato del Yaque
0%
Dominican Republic 45,039 Hato Mayor del Rey
0%
USA 20,083 Hauppauge
0%
Canada 11,147 Hauterive
0%
USA 16,621 Havelock
0%
USA 67,787 Haverhill
0%
USA 12,323 Haverstraw
0%
USA 14,807 Havre de Grace
0%
USA 14,149 Hawaiian Gardens
0%
Canada 11,755 Hawkesbury
0%
USA 88,083 Hawthorne
0%
USA 19,637 Hawthorne
0%
USA 15,570 Hayden
0%
Jamaica 10,639 Hayes
0%
USA 21,891 Hayesville
0%
USA 21,116 Hays
0%
USA 11,262 Haysville
0%
USA 13,382 Hazel Crest
0%
USA 23,569 Hazel Dell
0%
USA 14,983 Hazel Park
0%
USA 25,458 Hazelwood
0%
USA 29,963 Hazleton
0%
USA 11,340 Healdsburg
0%
USA 10,412 Heath
0%
USA 16,856 Heber
0%
Mexico 11,419 Hecelchakán
0%
USA 15,137 Hendersonville
0%
USA 61,753 Hendersonville
0%
USA 26,016 Hercules
0%
Costa Rica 367,900 Heredia
0%
USA 14,972 Hereford
0%
USA 16,230 Hermitage
0%
USA 19,728 Hermosa Beach
0%
USA 17,138 Hernando
0%
Mexico 67,604 Heroica Caborca
0%
Mexico 37,704 Heroica Ciudad de Calpulalpan
0%
Mexico 38,113 Heroica Ciudad de Cananea
0%
Mexico 11,168 Heroica Ciudad de Ejutla de Crespo=
0%
Mexico 56,163 Heroica Ciudad de Huajuapan de León=
0%
Mexico 18,915 Heroica Ciudad de Tlaxiaco
0%
Mexico 117,253 Heroica Guaymas
0%
Mexico 510,739 Heroica Matamoros
0%
Mexico 261,137 Heroica Nogales
0%
Mexico 1,542,232 Heroica Puebla de Zaragoza
0%
Mexico 86,901 Heróica Zitácuaro
0%
USA 55,144 Herriman
0%
USA 12,352 Herrin
0%
USA 16,026 Hewitt
0%
USA 23,068 Hialeah Gardens
0%
USA 43,490 Hickory
0%
USA 14,505 Hickory Hills
0%
USA 43,869 Hicksville
0%
Mexico 113,843 Hidalgo del Parral
0%
USA 12,355 Highland City
0%
USA 16,604 Highland Springs
0%
USA 103,444 Highlands Ranch
0%
USA 15,899 Highland Village
0%
Canada 14,119 High River
0%
USA 10,528 Hillcrest
0%
USA 15,793 Hillcrest Heights
0%
USA 37,114 Hilliard
0%
USA 11,387 Hillsborough
0%
USA 22,214 Hillsborough
0%
USA 10,143 Hillsdale
0%
USA 37,661 Hilton Head Island
0%
Haiti 30,595 Hinche
0%
USA 34891 Hinesville
0%
USA 17,395 Hinsdale
0%
USA 29,752 Hobart
0%
USA 10,211 Hobart
0%
USA 13,163 Hobe Sound
0%
USA 13,478 Hockessin
0%
USA 52,530 Hoffman Estates
0%
USA 11,405 Holbrook
0%
USA 26,487 Holbrook
0%
USA 24,939 Holiday
0%
USA 12,943 Holiday City-Berkeley
0%
USA 31,965 Holladay
0%
USA 15,574 Hollins
0%
USA 41,678 Hollister
0%
USA 12,958 Holly Hill
0%
USA 16213 Holly Springs
0%
USA 41,239 Holly Springs
0%
USA 10,661 Holmen
0%
USA 25,625 Holt
0%
USA 18,937 Holtsville
0%
USA 38,238 Holyoke
0%
USA 11,203 Home Gardens
0%
USA 24,543 Homer Glen
0%
USA 14,283 Homosassa Springs
0%
USA 12,927 Honeygo
0%
USA 14,362 Hopatcong
0%
USA 17,808 Hope Mills
0%
USA 23,033 Hopewell
0%
USA 31,180 Hopkinsville
0%
USA 22,489 Horizon City
0%
USA 58,101 Horizon West
0%
Puerto Rico 11,072 Hormigueros
0%
USA 26,736 Horn Lake
0%
USA 12,168 Hornsby Bend
0%
USA 15,193 Horsham
0%
USA 10,068 Howell
0%
Mexico 59,871 Huamantla
0%
Mexico 30,324 Huatabampo
0%
Mexico 33,402 Huatusco de Chicuellar
0%
Mexico 58,957 Huauchinango
0%
Mexico 12,482 Huautla de Jiménez
0%
USA 43,439 Huber Heights
0%
Mexico 11,760 Huehuetoca
0%
Mexico 29,613 Huejotzingo
0%
Mexico 44,311 Huejutla de Reyes
0%
Mexico 23,836 Huetamo de Núñez
0%
USA 16,776 Hueytown
0%
Mexico 27,182 Huimanguillo
0%
Mexico 10,735 Huixquilucan de Degollado
0%
USA 10,072 Hull
0%
Puerto Rico 14,972 Humacao
0%
USA 24,433 Hunters Creek
0%
USA 54,883 Huntington Park
0%
USA 34,878 Huntington Station
0%
USA 27,740 Huntley
0%
Mexico 28,412 Hunucmá
0%
USA 14,263 Huron
0%
USA 20,036 Hurricane
0%
USA 40,413 Hurst
0%
USA 40,006 Hutchinson
0%
USA 14,599 Hutchinson
0%
USA 27,577 Hutto
0%
USA 21,187 Hyattsville
0%
USA 16,319 Hybla Valley
0%
USA 17,954 Idylwood
0%
Mexico 132,854 Iguala de la Independencia
0%
USA 26,824 Ilchester
0%
El Salvador 22,394 Ilobasco
0%
El Salvador 88,883 Ilopango
0%
USA 24,557 Immokalee
0%
USA 26,137 Imperial Beach
0%
Mexico 16,190 Independencia
0%
USA 10,165 Independent Hill
0%
USA 15,833 Indianola
0%
USA 39,997 Indian Trail
0%
Canada 13,607 Ingersoll
0%
USA 26,088 Inkster
0%
Canada 29,464 Innisfil
0%
Honduras 28,220 Intibucá
0%
USA 35,801 Inver Grove Heights
0%
USA 11,340 Inwood
0%
USA 16,908 Iona
0%
USA 13,378 Ionia
0%
Mexico 452,090 Irapuato
0%
USA 11,569 Irmo
0%
USA 13,497 Irondale
0%
USA 51,043 Irondequoit
0%
USA 10,571 Ironton
0%
USA 20,088 Iselin
0%
Mexico 13,174 Isla Mujeres
0%
USA 15,500 Isla Vista
0%
USA 25,005 Ives Estates
0%
Mexico 10,432 Ixhuatlán del Sureste
0%
Mexico 37,608 Ixmiquilpan
0%
Mexico 30,131 Ixtaczoquitlán
0%
Mexico 39,083 Ixtapa
0%
Mexico 368,585 Ixtapaluca
0%
Mexico 19,326 Ixtapan de la Sal
0%
Mexico 13,806 Ixtapa Zihuatanejo
0%
Mexico 25,477 Ixtlán del Río
0%
El Salvador 19,199 Izalco
0%
Mexico 17,841 Izamal
0%
Mexico 49,578 Izúcar de Matamoros
0%
Guatemala 22,533 Jacaltenango
0%
Mexico 11,864 Jacarandas
0%
USA 23,830 Jacksonville Beach
0%
Haiti 39,643 Jacmel
0%
Mexico 61,510 Jacona de Plancarte
0%
Cuba 28,870 Jagüey Grande
0%
Mexico 15,807 Jalacingo
0%
Mexico 10,162 Jalapilla
0%
Mexico 24,890 Jalostotitlán
0%
Mexico 15,291 Jalpa
0%
Mexico 16,679 Jalpa de Méndez
0%
Mexico 13,950 Jalpan de Serra
0%
Mexico 11,875 Jaltenango de la Paz
0%
Mexico 12,785 Jaltenco
0%
Mexico 31,856 Jáltipan de Morelos
0%
Mexico 18,607 Jamay
0%
USA 11,621 James Island
0%
USA 65,615 Janesville
0%
Mexico 21,756 Jaral del Progreso
0%
Mexico 75,426 Jardines de la Silla
0%
Cuba 10,243 Jaruco
0%
USA 21,525 Jasmine Estates
0%
Cuba 24,514 Jatibonico
0%
USA 12,424 Jefferson Hills
0%
USA 28,474 Jeffersontown
0%
USA 14,444 Jefferson Valley-Yorktown
0%
USA 16,640 Jenison
0%
USA 25,949 Jenks
0%
USA 12,895 Jennings
0%
USA 12,652 Jensen Beach
0%
Haiti 34,788 Jérémie
0%
Mexico 46,132 Jerez de García Salinas
0%
USA 12,349 Jerome
0%
USA 10,535 Jessup
0%
Mexico 30,396 Jesús del Monte
0%
Honduras 11,930 Jesús de Otoro
0%
Mexico 12,646 Jesús Gómez Portugal
0%
Mexico 63,805 Jesús María
0%
Cuba 22,333 Jiguaní
0%
Mexico 12,671 Jilotepec de Molina Enríquez
0%
Dominican Republic 11,346 Jimaní
0%
Nicaragua 57,605 Jinotega
0%
Nicaragua 40,612 Jinotepe
0%
El Salvador 12,581 Jiquilisco
0%
Mexico 24,662 Jiquilpan de Juárez
0%
Mexico 11,596 Jiquipilas
0%
Mexico 174,629 Jiutepec
0%
Cuba 20,309 Jobabo
0%
Guatemala 19,280 Jocotenango
0%
Mexico 20,286 Jocotepec
0%
USA 82453 Johns Creek
0%
USA 17,303 Johnstown
0%
USA 18,411 Johnstown
0%
Mexico 17,777 Jojutla
0%
Canada 49,246 Joliette
0%
USA 13,425 Joppatowne
0%
Mexico 11,915 Jorge Jiménez Cantú
0%
Mexico 20,165 José Cardel
0%
Mexico 13,332 José María Morelos
0%
Mexico 35,087 José Mariano Jiménez
0%
Cuba 26,319 Jovellanos
0%
Guatemala 15,451 Joyabaj
0%
Mexico 22,568 Juan Aldama
0%
Mexico 15,045 Juan Aldama
0%
Mexico 22,421 Juan José Ríos
0%
Mexico 13,431 Juan Morales
0%
Mexico 15,512 Juan Rodríguez Clara
0%
El Salvador 10,401 Juayúa
0%
Mexico 88,280 Juchitán de Zaragoza
0%
Mexico 17,736 Juchitepec de Mariano Rivapalacio
0%
El Salvador 10,023 Jucuapa
0%
Nicaragua 54,124 Juigalpa
0%
Cuba 12,128 Julia Mabay
0%
USA 12,572 Jupiter Farms
0%
Mexico 39,244 Juriquilla
0%
USA 12,600 Justice
0%
Guatemala 145,880 Jutiapa
0%
Honduras 75,790 Juticalpa
0%
Mexico 43,998 Juventino Rosas
0%
Canada 92,442 Kamloops
0%
Mexico 139,753 Kanasín
0%
Canada 137,118 Kanata
0%
USA 24,052 Kankakee
0%
USA 53,114 Kannapolis
0%
USA 17,089 Kaukauna
0%
USA 32,945 Kaysville
0%
USA 36,723 Kearns
0%
USA 41,999 Kearny
0%
USA 23,047 Keene
0%
USA 13,378 Kemp Mill
0%
USA 33,811 Ken Caryl
0%
USA 55,646 Kendale Lakes
0%
USA 80,241 Kendall
0%
USA 10,271 Kendallville
0%
USA 36,536 Kendall West
0%
USA 15,205 Kenmore
0%
USA 23,914 Kenmore
0%
USA 10,515 Kennett
0%
Canada 14,905 Kentville
0%
USA 54,304 Kentwood
0%
USA 16,016 Kerman
0%
USA 26,449 Kernersville
0%
Canada 27,145 Keswick
0%
USA 14,424 Kettering
0%
USA 57,862 Kettering
0%
USA 12,509 Kewanee
0%
USA 14,809 Key Biscayne
0%
USA 12,447 Key Largo
0%
USA 25,211 Keystone
0%
USA 13,376 Kilgore
0%
USA 13,332 King City
0%
USA 24,695 King of Prussia
0%
USA 12,380 Kingsburg
0%
USA 18337 Kingsland
0%
USA 11,142 Kings Mountain
0%
USA 17,085 Kings Park
0%
USA 13,465 Kings Park West
0%
USA 16,825 Kingstowne
0%
USA 19,900 Kinston
0%
USA 17,530 Kirksville
0%
USA 29,461 Kirkwood
0%
USA 32,954 Kiryas Joel
0%
USA 19,435 Knightdale
0%
USA 19,297 Knik-Fairview
0%
USA 59,604 Kokomo
0%
USA 24,011 Kuna
0%
USA 45,697 Kyle
0%
Mexico 11,394 La Alameda
0%
Mexico 16,635 La Aurora
0%
Mexico 38,780 La Barca
0%
Guatemala 13,921 La Blanca
0%
Dominican Republic 28,944 La Caleta
0%
Mexico 11,342 La Cañada
0%
USA 20,573 La Cañada Flintridge
0%
Honduras 209,000 La Ceiba
0%
USA 53,526 Lacey
0%
Panama 205,959 La Chorrera
0%
Canada 11,221 Lachute
0%
USA 19,949 Lackawanna
0%
Canada 12,835 Lacombe
0%
Nicaragua 18,990 La Concepción
0%
Panama 26,534 La Concepción
0%
USA 16,871 Laconia
0%
USA 19,997 La Crescenta-Montrose
0%
Mexico 19,742 La Cruz
0%
Mexico 13,242 La Cuchilla
0%
Guatemala 23,146 La Democracia
0%
Guatemala 13,400 La Democracia
0%
USA 26,170 Ladera Ranch
0%
Mexico 10,178 Ladrillera
0%
USA 15,550 Ladson
0%
USA 15,970 Lady Lake
0%
Canada 11,194 Ladysmith
0%
Honduras 27,830 La Entrada
0%
Guatemala 19,724 La Esperanza
0%
Honduras 11,830 La Esperanza
0%
Costa Rica 15,400 La Fortuna
0%
Guatemala 26,533 La Gomera
0%
Mexico 111,569 Lagos de Moreno
0%
USA 13,475 La Grange Park
0%
Dominican Republic 36,318 La Guáyiga
0%
USA 23,032 Laguna Beach
0%
Nicaragua 11,638 Laguna de Perlas
0%
Mexico 13,315 Laguna de Santa Rita
0%
USA 31,374 Laguna Hills
0%
USA 64,355 Laguna Niguel
0%
USA 17,644 Laguna Woods
0%
USA 63,097 La Habra
0%
USA 11,267 La Homa
0%
Trinidad and Tobago 13,614 La Horquetta
0%
Cuba 11,658 Lajas
0%
Mexico 14,126 La Joya
0%
Honduras 10,440 La Jutosa
0%
USA 14,541 Lake Arbor
0%
USA 12,401 Lake Arrowhead
0%
USA 18,851 Lake Butler
0%
USA 12,329 Lake City
0%
USA 11,335 Lake Elmo
0%
USA 70,265 Lake Elsinore
0%
USA 85,858 Lake Forest
0%
USA 19,367 Lake Forest
0%
USA 13,630 Lake Forest Park
0%
USA 11,072 Lake Grove
0%
USA 57,144 Lake Havasu City
0%
USA 10,194 Lake Hiawatha
0%
USA 10,232 Lake Hopatcong
0%
USA 28,982 Lake in the Hills
0%
USA 28,177 Lake Jackson
0%
USA 12,187 Lakeland Highlands
0%
USA 13,663 Lakeland North
0%
USA 13,169 Lakeland South
0%
USA 12,364 Lakeland Village
0%
USA 13,187 Lake Los Angeles
0%
USA 30,742 Lake Magdalene
0%
USA 16,798 Lake Mary
0%
USA 10,126 Lake Monticello
0%
USA 10,474 Lake Morton-Berrydale
0%
USA 11,395 Lake Norman of Iredell
0%
USA 46,162 Lake Ridge
0%
USA 18,619 Lake Ronkonkoma
0%
USA 19,551 Lake Shore
0%
USA 13,235 Lake Station
0%
USA 35,630 Lake Stevens
0%
USA 15,413 Lake Stickney
0%
USA 16,707 Lake St. Louis
0%
USA 12,962 Lake Tapps
0%
USA 16,361 Lake Wales
0%
USA 19,189 Lakeway
0%
USA 12,510 Lakewood Park
0%
USA 34,877 Lakewood Ranch
0%
USA 42,219 Lake Worth Beach
0%
USA 13,655 Lake Wylie
0%
Honduras 80,740 La Lima
0%
Mexico 10,907 La Luz Francisco I. Madero
0%
Mexico 31,275 La Magdalena Atlicpac
0%
Mexico 19,036 La Magdalena Tlaltelulco
0%
USA 18,030 La Marque
0%
Cuba 23,341 La Maya
0%
USA 10,433 Lambertville
0%
Guadeloupe 18,437 Lamentin
0%
USA 61,121 La Mesa
0%
Mexico 12,845 La Mira
0%
USA 48,008 La Mirada
0%
USA 14,049 Lamont
0%
USA 35,929 Land O' Lakes
0%
USA 25,998 Landover
0%
Mexico 16,451 La Negreta
0%
USA 20,126 Langley Park
0%
USA 11,282 Lanham
0%
USA 11,107 Lansdowne
0%
USA 12,427 Lansdowne
0%
USA 11,504 Lantana
0%
USA 10,785 Lantana
0%
Dominican Republic 20,232 La Otra Banda
0%
Nicaragua 23,834 La Paz Centro
0%
Mexico 10,593 La Peñita de Jaltemba
0%
USA 28841 Laplace
0%
USA 10,159 La Plata
0%
Mexico 19,018 La Pradera
0%
USA 35,033 La Presa
0%
Mexico 22,705 La Providencia Siglo XXI
0%
USA 38,062 La Puente
0%
USA 37,558 La Quinta
0%
Mexico 11,543 La Resolana
0%
Mexico 10,536 La Resurrección
0%
USA 11,252 La Riviera
0%
USA 13,064 Larkspur
0%
Trinidad and Tobago 10,129 La Romain
0%
Nicaragua 14,933 Larreynaga
0%
Mexico 15,076 Las Amapolas
0%
Mexico 46,909 Las Choapas
0%
El Salvador 27,316 Las Flores
0%
Panama 55,031 Las Garzas
0%
Dominican Republic 10,521 Las Guáranas
0%
Mexico 10,242 Las Juntas
0%
Honduras 12,000 Las Lajas
0%
Panama 20,318 Las Lomas
0%
Mexico 24,326 Las Margaritas
0%
Dominican Republic 26,961 Las Matas de Farfán
0%
Dominican Republic 14,316 Las Palomas
0%
Mexico 42,576 Las Pintas
0%
Mexico 29,445 Las Pintitas
0%
Mexico 10,514 Las Plazas
0%
Mexico 21,194 Las Rosas
0%
Canada 16,443 L'Assomption
0%
Panama 10,015 Las Tablas
0%
Dominican Republic 12,818 Las Terrenas
0%
Mexico 14,419 Las Varas
0%
USA 13,680 Latham
0%
USA 28,701 Lathrop
0%
Mexico 16,176 La Tijera
0%
Nicaragua 13,087 La Trinidad
0%
Mexico 11,055 La Trinitaria
0%
Martinique 11,622 La Trinité
0%
USA 35,954 Lauderdale Lakes
0%
USA 74,482 Lauderhill
0%
USA 12,186 Laurel
0%
USA 30,060 Laurel
0%
USA 17,161 Laurel
0%
USA 17,769 Laurel
0%
Canada 15,768 Laurentides
0%
USA 14,978 Laurinburg
0%
Canada 11,301 Lavaltrie
0%
Trinidad and Tobago 11,311 Laventille
0%
USA 38,719 La Vergne
0%
Dominican Republic 26,459 La Victoria
0%
USA 16,746 La Vista
0%
USA 31,807 Lawndale
0%
USA 11,728 Lawrenceburg
0%
USA 11,633 Lawrenceburg
0%
USA 21,189 Lealman
0%
Canada 35,730 Leamington
0%
USA 59,202 Leander
0%
USA 37,351 Leavenworth
0%
USA 33,902 Leawood
0%
USA 21,193 Leesylvania
0%
Martinique 15,858 Le François
0%
Guadeloupe 27,205 Le Gosier
0%
USA 114,287 Lehigh Acres
0%
USA 26,324 Leisure City
0%
Martinique 39,346 Le Lamentin
0%
USA 22,908 Leland
0%
USA 10,571 Le Mars
0%
USA 17,117 Lemay
0%
USA 27,627 Lemon Grove
0%
USA 14,496 Lemon Hill
0%
USA 17,629 Lemont
0%
USA 27,038 Lemoore
0%
Guadeloupe 22,924 Le Moule
0%
USA 57,434 Lenexa
0%
USA 18,352 Lenoir
0%
USA 10,117 Lenoir City
0%
Haiti 78,477 Léogâne
0%
USA 43,782 Leominster
0%
Mexico 1,579,803 León de los Aldama
0%
USA 11,542 Leon Valley
0%
Mexico 96,243 Lerdo
0%
Mexico 17,727 Lerdo de Tejada
0%
Mexico 33,166 Lerma de Villada
0%
Martinique 21,490 Le Robert
0%
Guadeloupe 51,760 Les Abymes
0%
Haiti 71,236 Les Cayes
0%
Canada 19,582 Les Coteaux
0%
Haiti 18,770 L'Estère
0%
USA 12,652 Levelland
0%
USA 322,570 Lexington-Fayette
0%
USA 13,317 Lexington Park
0%
Haiti 15,211 Liancourt
0%
USA 19,825 Liberal
0%
Costa Rica 59,100 Liberia
0%
USA 12,003 Liberty Lake
0%
USA 23,759 Liberty Triangle
0%
Mexico 33,496 Licenciado Benito Juárez
0%
USA 10,486 Lighthouse Point
0%
USA 14502 Lilburn
0%
Haiti 39,756 Limbé
0%
Haiti 14,886 Limonade
0%
Mexico 70,378 Linares
0%
USA 22,922 Lincolnia
0%
USA 11,091 Lincolnton
0%
USA 13,463 Lincolnwood
0%
USA 21,654 Linda
0%
USA 43,738 Linden
0%
USA 14,406 Lindenhurst
0%
USA 27,148 Lindenhurst
0%
USA 21,641 Lindenwold
0%
USA 11,397 Lindon
0%
Canada 22,367 Lindsay
0%
USA 12,659 Lindsay
0%
USA 12,351 Linganore
0%
USA 21,399 Lino Lakes
0%
Jamaica 15,231 Linstead
0%
USA 11,190 Linthicum
0%
USA 41,754 Linton Hall
0%
USA 16644 Lithia Springs
0%
USA 11,619 Little Chute
0%
USA 46,453 Little Elm
0%
USA 10,987 Little Ferry
0%
USA 11,711 Little River
0%
USA 87,955 Livermore
0%
USA 25,511 Lochearn
0%
USA 14,058 Lockhart
0%
USA 14,379 Lockhart
0%
USA 26,094 Lockport
0%
USA 20,876 Lockport
0%
USA 18,366 Logansport
0%
USA 14127 Loganville
0%
Mexico 31,469 Loma Bonita
0%
USA 24,791 Loma Linda
0%
Mexico 10,951 Lomas de Angelópolis
0%
Mexico 37,146 Lomas del Sur
0%
Mexico 20,849 Lomas de Río Medio Cuatro
0%
Mexico 14,616 Lomas de San Agustín
0%
Mexico 21,698 Lomas de San Sebastián
0%
Mexico 10,337 Lomas de San Sebastián
0%
USA 20,921 Lomita
0%
USA 44,444 Lompoc
0%
USA 11,645 Londonderry
0%
USA 14,253 Lone Tree
0%
USA 31,667 Long Branch
0%
USA 15,853 Longmeadow
0%
USA 20,072 Lorton
0%
USA 11,780 Los Alamitos
0%
Dominican Republic 282,799 Los Alcarrizos
0%
Panama 16,279 Los Algarrobos
0%
USA 31,625 Los Altos
0%
Cuba 10,128 Los Arabos
0%
USA 45,532 Los Banos
0%
Mexico 15,279 Los Freseros
0%
USA 33,529 Los Gatos
0%
Mexico 34,277 Los Héroes Chalco
0%
Mexico 11,619 Los Héroes Tizayuca
0%
USA 17,242 Los Lunas
0%
USA 14,465 Los Osos
0%
Cuba 17,195 Los Palacios
0%
Mexico 10,649 Los Parques
0%
Mexico 25,995 Los Pilares
0%
Mexico 84,298 Los Reyes Acaquilpan
0%
Mexico 21,565 Los Reyes Acozac
0%
Mexico 19,183 Los Reyes de Juárez
0%
Mexico 15,519 Los Ruiseñores
0%
Mexico 10,870 Los Torrentes
0%
USA 10,296 Loudonville
0%
USA 11,436 Loudoun Valley Estates
0%
USA 10122 Lovejoy
0%
USA 23,397 Loves Park
0%
USA 11,668 Lovington
0%
USA 11,758 Lower Burrell
0%
Sint Maarten 10,833 Lower Prince's Quarter
0%
USA 11,023 Lowes Island
0%
USA 34,143 Lufkin
0%
USA 13716 Luling
0%
USA 19,025 Lumberton
0%
USA 13,554 Lumberton
0%
USA 20,438 Lynbrook
0%
USA 15,749 Lynden
0%
USA 14,050 Lyndhurst
0%
USA 11,008 Lyndon
0%
USA 13,000 Lynnfield
0%
USA 18,695 Lynn Haven
0%
USA 38,568 Lynnwood
0%
USA 67,265 Lynwood
0%
USA 10,817 Lyons
0%
USA 40834 Mableton
0%
USA 12,168 Macedonia
0%
USA 22,950 Machesney Park
0%
USA 15,051 Macomb
0%
USA 157346 Macon-Bibb County
0%
Mexico 11,848 Macultepec
0%
Mexico 31,435 Macuspana
0%
USA 28,468 Madison Heights
0%
USA 10,893 Madison Heights
0%
Cuba 11,943 Madruga
0%
Mexico 15,612 Magdalena Chichicaspa
0%
Mexico 10,889 Magdalena Cuayucatepec
0%
Mexico 30,429 Magdalena de Kino
0%
USA 29,251 Magna
0%
Dominican Republic 19,386 Maimón
0%
USA 19,543 Maitland
0%
USA 66,263 Malden
0%
Trinidad and Tobago 10,768 Maloney Gardens
0%
USA 11,277 Maltby
0%
Mexico 13,206 Maltrata
0%
USA 20,151 Mamaroneck
0%
USA 42,772 Manassas
0%
USA 17,219 Manassas Park
0%
Cuba 14,853 Manatí
0%
Puerto Rico 10,974 Manatí
0%
USA 24,206 Mandan
0%
USA 13192 Mandeville
0%
Jamaica 49,695 Mandeville
0%
USA 12,699 Mango
0%
USA 35,506 Manhattan Beach
0%
Cuba 22,266 Manicaragua
0%
USA 34,626 Manitowoc
0%
USA 13,652 Manor
0%
USA 14,317 Manorville
0%
USA 83,498 Manteca
0%
Mexico 22,066 Manuel Ojinaga
0%
USA 10,953 Manville
0%
Mexico 159,853 Manzanillo
0%
Cuba 98,904 Manzanillo
0%
Dominican Republic 59,717 Mao
0%
Mexico 19,271 Mapastepec
0%
USA 23,701 Maple Heights
0%
USA 11,365 Mapleton
0%
USA 28,013 Maple Valley
0%
USA 42,088 Maplewood
0%
USA 51,908 Marana
0%
USA 20,441 Marblehead
0%
Honduras 15,050 Marcala
0%
USA 15,760 Marco Island
0%
Mexico 33,184 Marfil
0%
USA 58,712 Margate
0%
USA 58,125 Maricopa
0%
Cuba 17,271 Mariel
0%
Canada 10,015 Marieville
0%
USA 22,359 Marina
0%
USA 11,373 Marina del Rey
0%
USA 11,119 Marinette
0%
USA 19,034 Marion Oaks
0%
USA 41,793 Marlborough
0%
USA 10,594 Marlton
0%
USA 32382 Marrero
0%
USA 27,591 Marshalltown
0%
USA 18,929 Marshfield
0%
Canada 10,499 Martensville
0%
USA 21,660 Martha Lake
0%
USA 37,287 Martinez
0%
USA 34535 Martinez
0%
Mexico 64,692 Martínez de la Torre
0%
USA 18,777 Martinsburg
0%
USA 11,932 Martinsville
0%
USA 12,147 Martinsville
0%
USA 13,485 Martinsville
0%
USA 19,153 Maryland City
0%
USA 28,284 Maryland Heights
0%
USA 10,633 Maryville
0%
USA 31,907 Maryville
0%
Guatemala 16,797 Masagua
0%
Nicaragua 23,365 Masatepe
0%
Nicaragua 140,721 Masaya
0%
USA 34,792 Mason
0%
USA 27,338 Mason City
0%
USA 21,355 Massapequa
0%
USA 17,109 Massapequa Park
0%
USA 10,151 Massena
0%
USA 32,146 Massillon
0%
USA 15,404 Mastic
0%
USA 14,199 Mastic Beach
0%
Nicaragua 114,120 Matagalpa
0%
Nicaragua 63,771 Mateare
0%
Mexico 17,525 Matías Romero Avendaño
0%
Nicaragua 16,824 Matiguás
0%
USA 29,435 Matthews
0%
USA 16,870 Mattoon
0%
USA 24,724 Mauldin
0%
USA 13,896 Maumee
0%
Mexico 13,965 Maxcanú
0%
Puerto Rico 57,566 Mayagüez
0%
Cuba 29,259 Mayarí
0%
Cuba 12,707 Mayarí Arriba
0%
USA 10,017 Mayfield
0%
USA 20,351 Mayfield Heights
0%
USA 10,746 Maynard
0%
Jamaica 61,548 May Pen
0%
USA 12,224 Mays Chapel
0%
USA 25,138 Maywood
0%
USA 23,512 Maywood
0%
USA 10,080 Maywood
0%
Mexico 11,580 Mazatecochco
0%
Guatemala 77,431 Mazatenango
0%
USA 18,171 McAlester
0%
USA 12,965 McCalla
0%
USA 12,413 McComb
0%
USA 29051 McDonough
0%
USA 14,161 McFarland
0%
USA 27,135 McHenry
0%
USA 17,727 McKeesport
0%
USA 16,262 McKinleyville
0%
USA 50,773 McLean
0%
USA 21,598 McNair
0%
USA 14,082 McPherson
0%
USA 20,898 Meadowbrook
0%
USA 43,790 Meadow Woods
0%
USA 19,819 Mead Valley
0%
USA 13,050 Meadville
0%
USA 17,797 Mebane
0%
USA 39,482 Mechanicsville
0%
Cuba 16,117 Media Luna
0%
USA 26,094 Medina
0%
USA 10,871 Medulla
0%
USA 28,955 Mehlville
0%
Guatemala 14,972 Melchor de Mencos
0%
Mexico 44,731 Melchor Ocampo
0%
USA 13,901 Melissa
0%
Cuba 11,361 Mella
0%
USA 29,817 Melrose
0%
USA 24,796 Melrose Park
0%
USA 19,284 Melville
0%
USA 12,851 Melvindale
0%
USA 18,268 Menasha
0%
USA 12,595 Mendota
0%
USA 11,744 Mendota Heights
0%
USA 102,527 Menifee
0%
USA 33,780 Menlo Park
0%
USA 38,527 Menomonee Falls
0%
USA 16,843 Menomonie
0%
USA 25,142 Mequon
0%
USA 16,258 Mercedes
0%
USA 25,748 Mercer Island
0%
USA 13,447 Mercerville
0%
USA 11,098 Merriam
0%
USA 22,040 Merrick
0%
USA 20,488 Merrifield
0%
USA 36,444 Merrillville
0%
USA 34,518 Merritt Island
0%
Mexico 30,203 Metepec
0%
USA 53,059 Methuen Town
0%
USA 15,049 Metuchen
0%
Mexico 24,309 Mezcales
0%
Mexico 29,130 Miahuatlán de Porfirio Díaz
0%
USA 30,467 Miami Lakes
0%
USA 19,923 Miamisburg
0%
USA 11,567 Miami Shores
0%
USA 13,859 Miami Springs
0%
Dominican Republic 11,309 Miches
0%
USA 12,881 Middleburg
0%
USA 16,004 Middleburg Heights
0%
USA 10,546 Middle Island
0%
USA 33,203 Middle River
0%
USA 11,695 Middle Valley
0%
USA 14,325 Midlothian
0%
USA 35,125 Midlothian
0%
USA 18,320 Midlothian
0%
USA 36,028 Midvale
0%
USA 19,567 Midway
0%
Mexico 10,510 Miguel Ahumada
0%
Mexico 39,474 Miguel Alemán
0%
Mexico 14,815 Miguel Auza
0%
USA 30,622 Milford Mill
0%
USA 23,216 Millbrae
0%
USA 16,564 Millbrook
0%
USA 63,380 Millcreek
0%
USA 20,926 Mill Creek
0%
USA 24,912 Mill Creek East
0%
USA 17070 Milledgeville
0%
USA 11,723 Miller Place
0%
USA 10,582 Millington
0%
USA 14,231 Mill Valley
0%
USA 27,491 Millville
0%
Mexico 18,213 Milpa Alta
0%
USA 80,273 Milpitas
0%
USA 21,119 Milwaukie
0%
Cuba 15,415 Minas
0%
USA 11928 Minden
0%
USA 20,800 Mineola
0%
Mexico 11,149 Mineral del Monte
0%
USA 14,820 Mineral Wells
0%
USA 11,871 Minnehaha
0%
USA 13,843 Minneola
0%
USA 12,758 Minooka
0%
USA 26,450 Mint Hill
0%
Haiti 10,947 Miragoâne
0%
USA 134,721 Miramar
0%
Mexico 161,820 Miramar
0%
Haiti 15,562 Mirebalais
0%
Mexico 30,232 Misantla
0%
USA 51,063 Mishawaka
0%
Mexico 10,113 Misión San Pablo
0%
USA 36,914 Mission Bend
0%
USA 11,136 Mitchellville
0%
Mexico 53,461 Mitras Poniente
0%
Guatemala 463,019 Mixco
0%
Mexico 27,713 Mixquiahuala de Juárez
0%
Cuba 60,310 Moa
0%
USA 13,783 Moberly
0%
Dominican Republic 63,158 Moca
0%
USA 19,887 Mokena
0%
USA 10,228 Molalla
0%
USA 42,985 Moline
0%
Guatemala 15,601 Momostenango
0%
USA 13,297 Moncks Corner
0%
USA 12,070 Monfort Heights
0%
Honduras 10,690 Monjarás
0%
Guatemala 13,541 Monjas
0%
USA 11,110 Monmouth
0%
USA 37,931 Monrovia
0%
USA 26,954 Monsey
0%
USA 62,640 Montebello
0%
Dominican Republic 18,773 Monte Cristi
0%
Mexico 54,467 Montemorelos
0%
Mexico 15,450 Montenegro
0%
Dominican Republic 15,468 Monte Plata
0%
USA 61,096 Monterey Park
0%
USA 34,893 Montgomery Village
0%
USA 12,998 Montgomeryville
0%
USA 10,399 Monument
0%
USA 13,170 Moody
0%
USA 14,240 Moorestown-Lenola
0%
USA 50,193 Mooresville
0%
USA 36,284 Moorpark
0%
USA 16,870 Moraga
0%
Guatemala 23,855 Morales
0%
Mexico 10,737 Moralillo
0%
Jamaica 11,052 Morant Bay
0%
USA 11472 Morgan City
0%
USA 45,483 Morgan Hill
0%
USA 17,474 Morganton
0%
Canada 10,385 Morinville
0%
Guadeloupe 15,839 Morne-à-l'Eau
0%
Mexico 41,910 Moroleón
0%
Cuba 59,371 Morón
0%
USA 29,630 Morrisville
0%
USA 17,117 Morton
0%
USA 25,297 Morton Grove
0%
Trinidad and Tobago 17,591 Morvant
0%
USA 25,146 Moses Lake
0%
USA 12522 Moss Bluff
0%
USA 12,147 Moss Point
0%
Mexico 27,815 Motozintla de Mendoza
0%
Mexico 26,081 Motul de Carrillo Puerto
0%
USA 14638 Moultrie
0%
USA 13,249 Mounds View
0%
USA 22,461 Mountain Brook
0%
USA 15,979 Mountain Home
0%
USA 24,499 Mountain House
0%
USA 13089 Mountain Park
0%
USA 11,489 Mountain Top
0%
USA 10,676 Mount Airy
0%
USA 15,697 Mount Clemens
0%
USA 16,341 Mount Dora
0%
USA 17,703 Mount Holly
0%
USA 39,289 Mount Juliet
0%
USA 10,959 Mount Kisco
0%
USA 21,286 Mountlake Terrace
0%
USA 56,852 Mount Prospect
0%
USA 11,623 Mount Sinai
0%
USA 10,051 Mount Vista
0%
USA 18,090 Mount Washington
0%
Nicaragua 11,291 Muelle de los Bueyes
0%
USA 21,538 Mukilteo
0%
Nicaragua 19,109 Mulukukú
0%
Mexico 12,553 Muna
0%
USA 31,560 Mundelein
0%
USA 10,774 Munhall
0%
USA 16,582 Murraysville
0%
USA 110,949 Murrieta
0%
USA 21,006 Murrysville
0%
USA 23,797 Muscatine
0%
USA 16,275 Muscle Shoals
0%
USA 10,719 Muscoy
0%
USA 36,878 Muskogee
0%
USA 19,879 Mustang
0%
USA 10,598 Myers Corner
0%
USA 17,224 Myrtle Grove
0%
USA 11,476 Myrtle Grove
0%
Mexico 10,956 Nacajuca
0%
Honduras 21,310 Nacaome
0%
USA 32,147 Nacogdoches
0%
Mexico 12,987 Nacozari de García
0%
Nicaragua 26,070 Nagarote
0%
Dominican Republic 40,933 Nagua
0%
Guatemala 23,635 Nahualá
0%
El Salvador 16,410 Nahuizalco
0%
Mexico 28,076 Nanchital de Lázaro Cárdenas del Río
0%
Nicaragua 22,027 Nandaime
0%
USA 10,628 Nanticoke
0%
USA 10,166 Nantucket
0%
USA 18,886 Nanuet
0%
USA 13,509 Naranja
0%
Costa Rica 19,900 Naranjo de Alajuela
0%
Mexico 19,272 Naranjos
0%
USA 56,173 National City
0%
Mexico 776,220 Naucalpan de Juárez
0%
Mexico 134,948 Naucalpan de Juárez
0%
USA 31,519 Naugatuck
0%
USA 40,817 Navarre
0%
Mexico 120,926 Navojoa
0%
Mexico 30,796 Navolato
0%
Guatemala 31,935 Nebaj
0%
USA 18,856 Nederland
0%
USA 32,091 Needham
0%
USA 27,319 Neenah
0%
Dominican Republic 24,928 Neiba
0%
Costa Rica 12,800 Neily
0%
El Salvador 16,530 Nejapa
0%
Guatemala 18,606 Nentón
0%
USA 12,590 Neosho
0%
USA 13,207 Nesconset
0%
USA 37,841 New Albany
0%
USA 10,825 New Albany
0%
USA 40,451 New Berlin
0%
USA 31,291 New Bern
0%
USA 10,691 Newberry
0%
USA 23,454 New Brighton
0%
USA 55,266 New Brunswick
0%
USA 18,289 Newburyport
0%
USA 13,715 New Carrollton
0%
USA 14,199 New Cassel
0%
USA 13,877 New Franklin
0%
Canada 19,316 New Glasgow
0%
Canada 14,379 New Hamburg
0%
USA 21,986 New Hope
0%
USA 10,257 New Hyde Park
0%
USA 12,957 Newington Forest
0%
USA 12,170 New Kensington
0%
USA 12,907 New Kingman-Butler
0%
USA 27,214 New Lenox
0%
USA 12,351 Newman
0%
USA 42549 Newnan
0%
USA 17,677 New Philadelphia
0%
USA 12,337 Newport East
0%
USA 16,728 New Port Richey
0%
USA 11,015 New Port Richey East
0%
USA 10,079 New Richmond
0%
USA 17,290 New River
0%
USA 30,142 New Smyrna Beach
0%
Cuba 19,594 Nicaro-Levisa
0%
USA 15,772 Niceville
0%
USA 31,093 Nicholasville
0%
Costa Rica 17,300 Nicoya
0%
USA 30,912 Niles
0%
USA 11,988 Niles
0%
USA 18,443 Niles
0%
Nicaragua 30,165 Nindirí
0%
USA 18,176 Nipomo
0%
Cuba 24,244 Niquero
0%
USA 20,787 Niskayuna
0%
USA 23,257 Nixa
0%
USA 22,503 Nocatee
0%
Mexico 16,814 Nochistlán de Mejía
0%
USA 13,829 Nolensville
0%
USA 52,736 Normal
0%
USA 15,251 Norridge
0%
USA 35,748 Norristown
0%
USA 12,961 North Adams
0%
USA 18,643 North Amityville
0%
USA 16,457 North Arlington
0%
USA 30,834 North Attleborough Town
0%
USA 13,452 North Auburn
0%
USA 24,379 North Augusta
0%
USA 18,261 North Aurora
0%
USA 17,927 North Babylon
0%
Canada 13,649 North Battleford
0%
USA 19,619 North Bay Shore
0%
USA 20,583 North Bellmore
0%
USA 11,900 North Bellport
0%
USA 10,317 North Bend
0%
USA 50,094 North Bethesda
0%
USA 10,787 North Branch
0%
USA 17,842 North Canton
0%
USA 23,033 Northdale
0%
USA 18511 North Decatur
0%
USA 20385 North Druid Hills
0%
USA 14,027 North Fair Oaks
0%
USA 20,790 Northfield
0%
USA 42,719 North Fort Myers
0%
USA 38,131 Northglenn
0%
USA 24,253 North Haven
0%
USA 49,327 North Highlands
0%
USA 12,840 Northlake
0%
USA 44,794 North Lauderdale
0%
USA 25,379 North Laurel
0%
USA 20,479 North Liberty
0%
USA 12,000 North Lindenhurst
0%
USA 10,986 North Logan
0%
USA 22,802 North Lynnwood
0%
USA 14,275 North Mankato
0%
USA 17,829 North Massapequa
0%
USA 12,238 North Merrick
0%
USA 60,191 North Miami
0%
USA 43,676 North Miami Beach
0%
USA 18,790 North Myrtle Beach
0%
USA 15,657 North New Hyde Park
0%
USA 20,916 North Ogden
0%
USA 32,442 North Olmsted
0%
USA 13,162 North Palm Beach
0%
USA 22,808 North Plainfield
0%
USA 23,390 North Platte
0%
USA 23,790 North Potomac
0%
USA 69,917 North Richland Hills
0%
USA 35,280 North Ridgeville
0%
USA 31,322 North Royalton
0%
USA 21,907 North Salt Lake
0%
USA 12,364 North St. Paul
0%
USA 30,496 North Tonawanda
0%
USA 25,718 North Tustin
0%
USA 11,149 North Valley
0%
USA 18,197 North Valley Stream
0%
USA 15,301 Northview
0%
USA 11,931 North Wantagh
0%
USA 25,030 Norton Shores
0%
USA 31,611 Norwood
0%
USA 19,043 Norwood
0%
USA 53,225 Novato
0%
USA 66,243 Novi
0%
Guatemala 15,747 Nueva Concepción
0%
Panama 62,300 Nueva Esperanza
0%
Nicaragua 40,913 Nueva Guinea
0%
Honduras 14,900 Nueva Ocotepeque
0%
Mexico 11,984 Nueva Palestina
0%
Mexico 39,058 Nueva Rosita
0%
Guatemala 13,535 Nueva Santa Rosa
0%
Cuba 38,207 Nuevitas
0%
Mexico 62,038 Nuevo Casas Grandes
0%
Honduras 11,910 Nuevo Chamelecón
0%
Panama 33,140 Nuevo Chorrillo
0%
Mexico 12,850 Nuevo Ideal
0%
Mexico 10,272 Nuevo Progreso
0%
Guatemala 22,657 Nuevo San Carlos
0%
USA 36,497 Oak Creek
0%
USA 27,478 Oak Forest
0%
USA 17,290 Oak Grove
0%
USA 12,899 Oak Grove
0%
USA 24,622 Oak Harbor
0%
USA 11,903 Oak Hills
0%
USA 44,229 Oakland Park
0%
USA 31,034 Oakleaf Plantation
0%
USA 13,898 Oak Park
0%
USA 54,583 Oak Park
0%
USA 29,560 Oak Park
0%
USA 25,062 Oak Ridge
0%
USA 10,996 Oak Ridge
0%
USA 31,402 Oak Ridge
0%
USA 36,732 Oakton
0%
USA 13,977 Oatfield
0%
Mexico 258,913 Oaxaca de Juárez
0%
USA 18,185 Ocean Acres
0%
USA 12,145 Ocean Pines
0%
USA 18,429 Ocean Springs
0%
Jamaica 16,671 Ocho Rios
0%
USA 47,295 Ocoee
0%
Mexico 47,688 Ocosingo
0%
Nicaragua 49,538 Ocotal
0%
Mexico 94,978 Ocotlán
0%
Mexico 24,342 Ocotlán
0%
Mexico 16,645 Ocotlán de Morelos
0%
Mexico 29,068 Ocoyoacac
0%
Mexico 43,247 Ocozocoautla de Espinosa
0%
Mexico 17,972 Ocuiltzapotlán
0%
USA 42,947 Odenton
0%
USA 10,064 Ogdensburg
0%
USA 36,135 Oildale
0%
Mexico 22,295 Ojocaliente
0%
Mexico 386,290 Ojo de Agua
0%
Mexico 14,424 Ojuelos de Jalisco
0%
USA 19,673 Ojus
0%
USA 25,121 Okemos
0%
USA 11,322 Okmulgee
0%
Canada 30,214 Okotoks
0%
Honduras 49,750 Olanchito
0%
Jamaica 28,912 Old Harbour
0%
USA 19,790 Old Jamestown
0%
USA 14,898 Oldsmar
0%
USA 13,937 Olean
0%
Guatemala 31,545 Olintepeque
0%
USA 39,711 Olive Branch
0%
USA 16,595 Olivehurst
0%
USA 35,820 Olney
0%
Mexico 13,995 Oluta
0%
USA 12,873 Olympia Heights
0%
Mexico 27,607 Ometepec
0%
Honduras 10,550 Omoa
0%
USA 10,329 Oneida
0%
USA 12,668 On Top of the World
0%
USA 16,463 Opa-locka
0%
USA 30,995 Opelika
0%
USA 15786 Opelousas
0%
USA 13,240 Orangeburg
0%
USA 12,632 Orange City
0%
USA 35,569 Orangevale
0%
Belize 14,705 Orange Walk
0%
USA 27,729 Orchards
0%
USA 32,034 Orcutt
0%
Mexico 11,276 Oriental
0%
Canada 33,379 Orillia
0%
USA 19,514 Orinda
0%
USA 58,703 Orland Park
0%
USA 43,080 Ormond Beach
0%
USA 47,070 Oro Valley
0%
USA 20,042 Oroville
0%
USA 11,558 Oskaloosa
0%
USA 27,551 Ossining
0%
Guatemala 20,763 Ostuncalco
0%
Mexico 10,343 Oteapan
0%
USA 25,529 Ottumwa
0%
Haiti 58,250 Ouanaminthe
0%
USA 12,832 Overlea
0%
USA 38,240 Owasso
0%
USA 26,420 Owatonna
0%
Canada 22,318 Owen Sound
0%
USA 35,674 Owings Mills
0%
USA 14,714 Owosso
0%
Mexico 10,356 Oxchuc
0%
Mexico 26,175 Oxkutzcab
0%
USA 18,791 Oxon Hill
0%
USA 14,368 Ozark
0%
USA 21,284 Ozark
0%
Mexico 18,580 Ozumba de Alzate
0%
Mexico 32,035 Pabellón de Arteaga
0%
USA 24,684 Pace
0%
Mexico 297,848 Pachuca de Soto
0%
USA 15,090 Pacific Grove
0%
Panama 11,344 Pacora
0%
USA 44,738 Pahrump
0%
USA 20,312 Painesville
0%
Mexico 10,156 Pajapan
0%
USA 67,908 Palatine
0%
USA 10,446 Palatka
0%
Mexico 17,594 Palaú
0%
Guatemala 31,824 Palencia
0%
USA 18,544 Palestine
0%
Guatemala 62,095 Palín
0%
USA 20,292 Palisades Park
0%
Costa Rica 30,700 Palmares de Alajuela
0%
Mexico 17,369 Palmarito Tochapan
0%
Cuba 74,930 Palma Soriano
0%
USA 119,760 Palm Bay
0%
USA 59,182 Palm Beach Gardens
0%
USA 25,883 Palm City
0%
USA 51,163 Palm Desert
0%
USA 14,966 Palmer Ranch
0%
USA 12,448 Palmer Town
0%
USA 13,323 Palmetto
0%
USA 24,439 Palmetto Bay
0%
USA 13,498 Palmetto Estates
0%
USA 61,366 Palm Harbor
0%
Mexico 15,570 Palmira
0%
Cuba 13,533 Palmira
0%
USA 26,142 Palm River-Clair Mel
0%
USA 21,827 Palm Valley
0%
USA 15,830 Palmview
0%
USA 13,347 Palos Verdes Estates
0%
USA 16,867 Pampa
0%
Guatemala 13,767 Panajachel
0%
USA 18,094 Panama City Beach
0%
USA 11237 Panthersville
0%
Mexico 41,588 Pánuco
0%
Guatemala 22,068 Panzós
0%
Mexico 28,657 Papalotla
0%
Mexico 55,452 Papantla de Olarte
0%
USA 24,159 Papillion
0%
USA 12,658 Paradise Valley
0%
Mexico 25,555 Paraíso
0%
USA 53,733 Paramount
0%
USA 26,698 Paramus
0%
USA 29,738 Parkersburg
0%
USA 21,687 Park Forest
0%
USA 31,812 Parkville
0%
USA 15,962 Parkway
0%
USA 14,576 Parlier
0%
USA 20,863 Parma Heights
0%
USA 17,877 Parole
0%
Mexico 41,487 Parque Industrial Ciudad Mitras
0%
Guatemala 11,970 Parramos
0%
Mexico 34,798 Parras de la Fuente
0%
Mexico 10,036 Parrilla
0%
Mexico 10,427 Parrilla II
0%
Costa Rica 10,800 Parrita
0%
USA 22,778 Parsippany
0%
USA 11,120 Pasadena Hills
0%
USA 22,010 Pascagoula
0%
USA 77,108 Pasco
0%
Mexico 22,023 Paseos de Chavarría
0%
Mexico 23,867 Paseos de la Pradera
0%
Mexico 10,559 Paseos del Lago II
0%
Mexico 11,252 Paseos del Marqués
0%
Mexico 12,409 Paseos de San Juan
0%
Mexico 14,582 Paso del Macho
0%
Guatemala 12,621 Pastores
0%
USA 17,886 Pataskala
0%
USA 12,408 Patchogue
0%
Guatemala 11,343 Patulul
0%
Guatemala 21,249 Patzicía
0%
Guatemala 26,632 Patzún
0%
USA 16,351 Payson
0%
USA 21,101 Payson
0%
USA 38244 Peachtree City
0%
USA 42243 Peachtree Corners
0%
USA 16,567 Pearl River
0%
USA 22,782 Pecan Grove
0%
USA 12,916 Pecos
0%
Dominican Republic 20,595 Pedernales
0%
Cuba 13,949 Pedro Betancourt
0%
Dominican Republic 34,541 Pedro Brand
0%
Mexico 13,390 Pedro Escobedo
0%
Mexico 23,140 Pedro Meoqui
0%
USA 24,318 Pelham
0%
USA 10,464 Pella
0%
USA 12,939 Pell City
0%
Trinidad and Tobago 13,873 Penal
0%
Mexico 43,249 Pénjamo
0%
USA 12,043 Pennsville
0%
Panama 31,799 Penonomé
0%
Canada 36,893 Penticton
0%
Cuba 12,607 Perico
0%
Mexico 42,451 Perote
0%
USA 20624 Perry
0%
USA 29,409 Perry Hall
0%
USA 25,041 Perrysburg
0%
USA 55,436 Perth Amboy
0%
USA 11,073 Peru
0%
Mexico 48,069 Pesquería
0%
USA 11,010 Petal
0%
USA 59,776 Petaluma
0%
Guatemala 129,124 Petapa
0%
Mexico 12,544 Petaquillas
0%
Mexico 23,363 Petatlán
0%
Canada 14,382 Petawawa
0%
Guadeloupe 24,299 Petit-Bourg
0%
Haiti 89,155 Petite-Anse
0%
Haiti 35,007 Petite Rivière de l'Artibonite
0%
Mexico 21,456 Peto
0%
USA 79,715 Pharr
0%
USA 13,859 Phelan
0%
USA 38,816 Phenix City
0%
USA 15,249 Phillipsburg
0%
USA 11,885 Picayune
0%
Mexico 15,244 Pichucalco
0%
USA 23,094 Pickerington
0%
USA 62,088 Pico Rivera
0%
USA 11,270 Piedmont
0%
Dominican Republic 10,296 Piedra Blanca
0%
Mexico 18,219 Pijijiapan
0%
USA 11,692 Pike Creek Valley
0%
USA 34,168 Pikesville
0%
Cuba 13,395 Pilón
0%
Dominican Republic 10,325 Pimentel
0%
Honduras 13,530 Pimienta
0%
USA 11,122 Pine Castle
0%
USA 18,388 Pinecrest
0%
USA 10,743 Pine Hill
0%
USA 66,111 Pine Hills
0%
USA 17,581 Pinehurst
0%
USA 53,093 Pinellas Park
0%
USA 11,042 Pine Ridge
0%
USA 14384 Pineville
0%
USA 10,602 Pineville
0%
USA 17,246 Pinewood
0%
USA 14,386 Piney Green
0%
USA 10,365 Pingree Grove
0%
USA 19,022 Pinole
0%
USA 20,354 Piqua
0%
Costa Rica 12,000 Pital
0%
USA 43,927 Pittsfield
0%
USA 51,824 Placentia
0%
USA 10,747 Placerville
0%
Cuba 39,615 Placetas
0%
USA 27,100 Plainview
0%
USA 20,187 Plainview
0%
Haiti 14,677 Plaisance
0%
Mexico 11,834 Plan de Ayala
0%
Mexico 11,233 Platón Sánchez
0%
USA 11,836 Platteville
0%
USA 19,841 Plattsburgh
0%
Guatemala 12,710 Playa Grande Ixcán
0%
Mexico 22,934 Playas del Rosario
0%
Mexico 100,660 Playas de Rosarito
0%
USA 37,726 Pleasant Grove
0%
USA 34,613 Pleasant Hill
0%
USA 10,147 Pleasant Hill
0%
USA 79,871 Pleasanton
0%
USA 10,648 Pleasanton
0%
USA 21,250 Pleasant Prairie
0%
USA 11,083 Pleasant View
0%
USA 20,629 Pleasantville
0%
USA 13,519 Plover
0%
USA 27,144 Plum
0%
USA 69,309 Poinciana
0%
Trinidad and Tobago 20,235 Point Fortin
0%
USA 18,941 Point Pleasant
0%
Mexico 31,592 Pomoca
0%
USA 112,046 Pompano Beach
0%
USA 11,127 Pompton Lakes
0%
USA 11,144 Pompton Plains
0%
USA 24,424 Ponca City
0%
Mexico 14,636 Poncitlán
0%
USA 25711 Pooler
0%
USA 16,225 Poplar Bluff
0%
Guatemala 29,130 Poptún
0%
USA 12,460 Poquoson
0%
Canada 12,944 Portage la Prairie
0%
Canada 21,711 Port Alberni
0%
USA 12,137 Portales
0%
Canada 13,350 Port-Alfred
0%
Jamaica 14,816 Port Antonio
0%
USA 60,625 Port Charlotte
0%
USA 31,693 Port Chester
0%
Haiti 99,580 Port-de-Paix
0%
USA 62,623 Porterville
0%
Canada 13,012 Port Hope
0%
USA 21,954 Port Hueneme
0%
USA 11,557 Port Lavaca
0%
USA 13,692 Port Neches
0%
USA 62,596 Port Orange
0%
USA 15,587 Port Orchard
0%
USA 14,220 Port Royal
0%
USA 10,401 Port Salerno
0%
USA 23,474 Port St. John
0%
USA 16,753 Port Washington
0%
USA 12,353 Port Washington
0%
USA 10878 Port Wentworth
0%
Honduras 20,050 Potrerillos
0%
USA 23,433 Pottstown
0%
USA 13,346 Pottsville
0%
USA 11,975 Poulsbo
0%
USA 48,841 Poway
0%
USA 16887 Powder Springs
0%
USA 10,025 Powdersville
0%
USA 14,163 Powell
0%
USA 13,802 Powell
0%
Canada 13,116 Powell River
0%
Mexico 180,057 Poza Rica de Hidalgo
0%
Mexico 17,284 Praderas de San Francisco
0%
Mexico 11,303 Prados de Santa Rosa
0%
USA 12,288 Prairie Ridge
0%
USA 22,957 Prairie Village
0%
USA 33197 Prairieville
0%
USA 37,781 Prattville
0%
USA 18,487 Preakness
0%
USA 46,785 Prescott Valley
0%
USA 19,322 Prichard
0%
Cuba 10,635 Primero de Enero
0%
USA 14,776 Princeton Meadows
0%
USA 10,736 Prineville
0%
Mexico 17,589 Privadas Santa Matilde
0%
Mexico 10,834 Profesor Carlos Hank González
0%
Mexico 17,718 Progreso de Obregón
0%
Mexico 12,136 Progreso Industrial
0%
USA 11,168 Progress
0%
USA 11,188 Progress Village
0%
USA 16,058 Prospect Heights
0%
USA 18,885 Prunedale
0%
Mexico 15,549 Pueblo Nuevo
0%
Mexico 12,805 Pueblo Nuevo Solistahuacán
0%
Mexico 14,173 Pueblo Yaqui
0%
Mexico 20,434 Puente de Ixtla
0%
Panama 14,663 Puerto Armuelles
0%
Mexico 22,878 Puerto Aventuras
0%
Guatemala 100,593 Puerto Barrios
0%
Nicaragua 86,279 Puerto Cabezas
0%
Panama 12,626 Puerto Caimito
0%
Honduras 73,150 Puerto Cortés
0%
Mexico 13,030 Puerto Escondido
0%
Mexico 29,903 Puerto Escondido
0%
Honduras 22,860 Puerto Lempira
0%
Mexico 19,205 Puerto Morelos
0%
Cuba 34,086 Puerto Padre
0%
Costa Rica 16,100 Puerto Quepos
0%
Costa Rica 10,500 Puerto Viejo de Sarapiquí
0%
USA 19,471 Punta Gorda
0%
Costa Rica 87,500 Puntarenas
0%
Mexico 52,257 Purísima de Bustos
0%
Mexico 12,729 Putla Villa de Guerrero
0%
USA 11,447 Quartz Hill
0%
Mexico 12,505 Quecholac
0%
Cuba 10,408 Quemado de Güines
0%
Costa Rica 32,300 Quesada de San Carlos
0%
Canada 12,110 Quesnel
0%
El Salvador 32,349 Quezaltepeque
0%
Nicaragua 11,500 Quilalí
0%
Mexico 11,182 Quinta Jesu
0%
Canada 24,881 Quispamsis
0%
Dominican Republic 20,034 Quisqueya
0%
Guatemala 15,157 Rabinal
0%
USA 23,042 Radcliff
0%
USA 16,070 Radford
0%
Mexico 10,298 Rafael Delgado
0%
USA 29,556 Rahway
0%
USA 10,191 Rainbow City
0%
USA 21,468 Ramona
0%
Mexico 114,010 Ramos Arizpe
0%
USA 79,332 Rancho Cordova
0%
Mexico 10,489 Rancho de los Caballos
0%
USA 16,999 Rancho Mirage
0%
USA 10,378 Rancho Mission Viejo
0%
USA 42,287 Rancho Palos Verdes
0%
USA 21,858 Rancho San Diego
0%
USA 47,949 Rancho Santa Margarita
0%
Cuba 16,043 Ranchuelo
0%
USA 33,655 Randallstown
0%
USA 34,984 Randolph Town
0%
USA 12,371 Rantoul
0%
USA 11,323 Ravenna
0%
USA 10,236 Raymondville
0%
USA 22,941 Raymore
0%
USA 30,012 Raytown
0%
Mexico 30,279 Real del Sol
0%
USA 31749 Redan
0%
USA 12,936 Red Bank
0%
USA 10,924 Red Bank
0%
USA 11,899 Red Bank
0%
USA 14,710 Red Bluff
0%
USA 15,906 Red Hill
0%
USA 71,576 Redondo Beach
0%
USA 16,547 Red Wing
0%
USA 25,227 Reedley
0%
Mexico 29,018 Reforma
0%
USA 14,583 Reidsville
0%
USA 26,822 Reisterstown
0%
USA 13,533 Rendon
0%
USA 18,750 Republic
0%
Guatemala 90,505 Retalhuleu
0%
USA 41,076 Reynoldsburg
0%
USA 10,801 Richmond Heights
0%
USA 16633 Richmond Hill
0%
USA 35,884 Richmond West
0%
USA 12,775 Richton Park
0%
USA 27,959 Ridgecrest
0%
USA 13,224 Ridgefield Park
0%
USA 24,340 Ridgeland
0%
USA 25,979 Ridgewood
0%
USA 10,437 Rifle
0%
USA 10934 Rincon
0%
Mexico 31,963 Rincón de Romos
0%
Mexico 11,026 Rincón de Tamayo
0%
USA 11,735 Ringwood
0%
Mexico 41,785 Río Blanco
0%
Nicaragua 18,457 Río Blanco
0%
Cuba 14,525 Río Cauto
0%
USA 15,317 Rio Grande City
0%
Mexico 15,373 Río Grande o Piedra Parada
0%
USA 15,944 Rio Linda
0%
USA 104,046 Rio Rancho
0%
Dominican Republic 11,157 Río San Juan
0%
Mexico 58,158 Rioverde
0%
USA 10,005 Rio Vista
0%
USA 16,013 Ripon
0%
Nicaragua 35,968 Rivas
0%
USA 24,865 Riverbank
0%
USA 12,049 River Edge
0%
USA 16,182 River Falls
0%
USA 11,717 River Forest
0%
USA 10,612 River Grove
0%
USA 14,993 Riverhead
0%
USA 13591 River Ridge
0%
USA 107,396 Riverview
0%
USA 12,490 Riverview
0%
USA 37,604 Riviera Beach
0%
USA 12,384 Riviera Beach
0%
Martinique 11,797 Rivière-Pilote
0%
Martinique 11,818 Rivière-Salée
0%
USA 15,229 Roanoke Rapids
0%
Honduras 14,940 Roatán
0%
USA 10,143 Robstown
0%
USA 37,108 Rock Island
0%
Canada 13,625 Rockland
0%
USA 27,678 Rockledge
0%
USA 26,016 Rockville Centre
0%
USA 54,341 Rocky Mount
0%
USA 13,633 Rocky Point
0%
USA 21,755 Rocky River
0%
Cuba 11,414 Rodas
0%
Mexico 27,969 Rodolfo Sánchez Taboada
0%
USA 11,518 Roessleville
0%
USA 44,390 Rohnert Park
0%
USA 19,943 Rolla
0%
USA 24,200 Rolling Meadows
0%
USA 11,561 Roma
0%
USA 39,863 Romeoville
0%
Mexico 24,757 Romita
0%
USA 25,178 Romulus
0%
USA 18,955 Ronkonkoma
0%
USA 20,961 Rosamond
0%
USA 11,548 Rosaryville
0%
USA 10,983 Roscoe
0%
USA 18,639 Rosedale
0%
USA 19,961 Rosedale
0%
USA 21,045 Rose Hill
0%
USA 22,897 Roselle
0%
USA 22,695 Roselle
0%
USA 13,967 Roselle Park
0%
USA 51,185 Rosemead
0%
USA 25,650 Rosemount
0%
USA 38,282 Rosenberg
0%
Nicaragua 16,590 Rosita
0%
USA 10,625 Rossmoor
0%
USA 16,029 Rossville
0%
USA 10,114 Rotonda
0%
USA 22,968 Rotterdam
0%
USA 18,721 Round Lake
0%
USA 27,252 Round Lake Beach
0%
Canada 23,186 Rouyn-Noranda
0%
USA 48,231 Rowland Heights
0%
USA 62,535 Rowlett
0%
USA 38,932 Royal Palm Beach
0%
USA 13,508 Royse City
0%
Mexico 14,678 Ruiz
0%
USA 28,620 Ruskin
0%
USA 10,855 Russellville
0%
USA 22166 Ruston
0%
USA 18,834 Rutherford
0%
USA 16,592 Rye
0%
USA 10,047 Rye Brook
0%
Honduras 17,080 Sabá
0%
Dominican Republic 15,797 Sabana de la Mar
0%
Dominican Republic 20,929 Sabana Grande de Boyá
0%
Dominican Republic 10,674 Sabana Yegua
0%
Dominican Republic 19,116 Sabaneta
0%
USA 27,103 Sachse
0%
USA 20,381 Saco
0%
USA 12,574 Saddlebrooke
0%
USA 17,072 Safety Harbor
0%
USA 10,129 Safford
0%
Cuba 23,979 Sagua de Tánamo
0%
Cuba 37,713 Sagua la Grande
0%
USA 34,134 Sahuarita
0%
Canada 11,199 Saint-Amable
0%
Haiti 32,906 Saintard
0%
Canada 11,769 Saint-Augustin
0%
Guadeloupe 10,432 Saint-Claude
0%
Canada 12,136 Sainte-Agathe-des-Monts
0%
Canada 11,269 Sainte-Anne-des-Plaines
0%
Canada 10,716 Sainte-Marie
0%
Martinique 14,827 Sainte-Marie
0%
Guadeloupe 17,494 Sainte-Rose
0%
Martinique 10,422 Saint-Esprit
0%
Guadeloupe 13,249 Saint-François
0%
Canada 27,402 Saint-Georges
0%
Canada 50,616 Saint-Hyacinthe
0%
Antigua and Barbuda 22,219 Saint John's
0%
Martinique 16,470 Saint-Joseph
0%
Haiti 30,037 Saint-Louis-du-Nord
0%
Haiti 122,747 Saint-Marc
0%
Haiti 30,412 Saint-Michel-de-l'Attalaye
0%
Canada 41,655 Salaberry-de-Valleyfield
0%
Guatemala 65,275 Salamá
0%
Mexico 160,682 Salamanca
0%
Guatemala 17,042 Salcajá
0%
Dominican Republic 13,897 Salcedo
0%
Mexico 21,516 Saldarriaga
0%
USA 14,601 Salem Lakes
0%
USA 13,886 Salida
0%
Mexico 76,660 Salina Cruz
0%
Mexico 18,586 Salinas de Hidalgo
0%
Mexico 13,059 Salinas Victoria
0%
USA 33,050 Salisbury
0%
USA 12,618 Salisbury
0%
USA 35,540 Salisbury
0%
Canada 16,065 Salmon Arm
0%
USA 21,293 Salmon Creek
0%
Mexico 35,401 Salvatierra
0%
Dominican Republic 15,747 Samaná
0%
USA 67,455 Sammamish
0%
Guatemala 17,728 San Agustín Acasaguastlán
0%
Mexico 12,328 San Agustín Tlaxiaca
0%
Mexico 12,628 San Andrés Ahuashuatepec
0%
Mexico 11,692 San Andrés Azumiatla
0%
Mexico 46,996 San Andrés Cholula
0%
Mexico 18,180 San Andrés Cuexcontitlán
0%
Guatemala 24,992 San Andrés Itzapa
0%
Mexico 64,445 San Andrés Tuxtla
0%
Guatemala 15,074 San Andrés Xecul
0%
USA 12,830 San Anselmo
0%
Mexico 17,709 San Antonio Acahualco
0%
Dominican Republic 15,986 San Antonio de Guerra
0%
Mexico 24,419 San Antonio de la Cal
0%
Cuba 12,110 San Antonio de las Vueltas
0%
El Salvador 17,634 San Antonio del Monte
0%
Cuba 33,811 San Antonio de los Baños
0%
Mexico 17,075 San Antonio la Isla
0%
Guatemala 13,666 San Antonio Suchitepéquez
0%
Mexico 27,768 San Antonio Tecómitl
0%
Guatemala 20,976 Sanarate
0%
Mexico 11,134 San Bartolo
0%
Mexico 14,794 San Bartolo Cuautlalpan
0%
Mexico 14,599 San Bartolo del Llano
0%
Mexico 12,783 San Bartolomé Tlaltelulco
0%
USA 24,861 San Benito
0%
Guatemala 34,788 San Benito
0%
Mexico 99,736 San Bernardino Tlaxcalancingo
0%
Mexico 10,935 San Blas
0%
Mexico 13,117 San Blas Atempa
0%
USA 43,908 San Bruno
0%
Mexico 23,413 San Buenaventura
0%
Mexico 49,241 San Buenaventura
0%
Mexico 26,968 San Buenaventura
0%
Mexico 13,243 San Buenaventura Nealtican
0%
USA 110,763 San Buenaventura (Ventura)
0%
USA 18,563 San Carlos Park
0%
Mexico 42,320 San Cristóbal Huichochitlán
0%
Mexico 12,404 San Cristóbal Tecolit
0%
Guatemala 12,589 San Cristóbal Totonicapán
0%
Guatemala 20,961 San Cristóbal Verapaz
0%
Cuba 104,968 Sancti Spíritus
0%
Mexico 35,083 Sanctorum
0%
USA 10,395 San Diego Country Estates
0%
Mexico 13,381 San Diego de los Padres Cuexcontitlán
0%
Cuba 11,032 Sandino
0%
USA 19,874 Sand Springs
0%
USA 10,116 San Elizario
0%
Mexico 13,310 San Felipe Tlalmimilolpan
0%
USA 61,051 Sanford
0%
USA 21,982 Sanford
0%
USA 30,261 Sanford
0%
Mexico 32,989 San Francisco Acuautla
0%
Mexico 293,245 San Francisco Coacalco
0%
Mexico 24,310 San Francisco Coaxusco
0%
Mexico 18,799 San Francisco de los Romo
0%
Mexico 79,772 San Francisco del Rincón
0%
Guatemala 38,995 San Francisco El Alto
0%
El Salvador 15,307 San Francisco Gotera
0%
Mexico 15,943 San Francisco Ocotlán
0%
Mexico 12,474 San Francisco Telixtlahuaca
0%
Mexico 11,746 San Francisco Tetlanohcan
0%
Mexico 17,235 San Francisco Tlalcilalcalpan
0%
Guatemala 18,468 San Francisco Zapotitlán
0%
USA 39,568 San Gabriel
0%
Mexico 13,687 San Gabriel Chilac
0%
Mexico 11,001 San Gaspar Tlahuelilpan
0%
USA 26,617 Sanger
0%
Cuba 24,084 San Germán
0%
Dominican Republic 17,519 San Gregorio de Nigua
0%
Trinidad and Tobago 20,710 Sangre Grande
0%
Mexico 10,624 San Hipólito Xochiltenango
0%
Mexico 10,521 San Ignacio Cerro Gordo
0%
Mexico 11,476 San Isidro Buen Suceso
0%
Costa Rica 66,300 San Isidro de El General
0%
Costa Rica 31,900 San Isidro de Heredia
0%
USA 53,898 San Jacinto
0%
Mexico 26,628 San Jacinto
0%
Mexico 16,827 San Jacinto Amilpas
0%
Mexico 29,060 San Jerónimo Chicahualco
0%
Mexico 41,791 San Jerónimo Cuatro Vientos
0%
Mexico 23,285 San Jorge Pueblo Nuevo
0%
Nicaragua 14,813 San José de Bocay
0%
Cuba 36,640 San José de las Lajas
0%
Mexico 136,285 San José del Cabo
0%
Mexico 39,246 San José del Castillo
0%
Mexico 19,873 San José de los Olvera
0%
Mexico 35,486 San José del Valle
0%
Dominican Republic 26,487 San José de Ocoa
0%
Mexico 29,758 San José el Alto
0%
Mexico 21,834 San José el Verde
0%
Mexico 27,593 San José Iturbide
0%
Mexico 12,466 San José las Palmas
0%
Guatemala 67,327 San José Pinula
0%
El Salvador 10,126 San José Villanueva
0%
Mexico 103,609 San Juan Bautista Tuxtepec
0%
USA 35,196 San Juan Capistrano
0%
Guatemala 13,264 San Juan Chamelco
0%
Guatemala 14,032 San Juan Cotzal
0%
Mexico 36,620 San Juan Cuautlancingo
0%
Mexico 11,090 San Juan de Abajo
0%
Dominican Republic 78,716 San Juan de la Maguana
0%
Mexico 14,230 San Juan de las Huertas
0%
Mexico 10,559 San Juan de la Vega
0%
Mexico 53,539 San Juan de los Lagos
0%
Mexico 177,719 San Juan del Río
0%
Nicaragua 13,120 San Juan de Río Coco
0%
Mexico 10,741 San Juanito
0%
Mexico 28,027 San Juan Ixtayopan
0%
El Salvador 10,671 San Juan Opico
0%
Honduras 11,170 San Juan Pueblo
0%
Guatemala 155,965 San Juan Sacatepéquez
0%
Mexico 10,288 San Juan Tepulco
0%
Mexico 13,127 San Juan Tezompa
0%
Cuba 12,759 San Juan y Martínez
0%
Mexico 20,537 San Juan Zitlaltepec
0%
Mexico 14,520 San Julián
0%
Mexico 26,042 San Lorenzo Acopilco
0%
Mexico 18,303 San Lorenzo Almecatla
0%
Mexico 10,465 San Lorenzo Cacaotepec
0%
Mexico 35,292 San Lorenzo Tepaltitlán
0%
Guatemala 20,723 San Lucas Sacatepéquez
0%
Guatemala 17,101 San Lucas Tolimán
0%
Mexico 51,894 San Luis de la Paz
0%
Mexico 12,327 San Luis Huexotla
0%
Guatemala 11,675 San Luis Jilotepeque
0%
El Salvador 44,991 San Luis Mariona
0%
Mexico 29,788 San Luis Mextepec
0%
Honduras 13,920 San Marcos de Colón
0%
Mexico 14,776 San Marcos Huixtoco
0%
Mexico 10,509 San Marcos Tlacoyalco
0%
USA 12,513 San Marino
0%
Mexico 34,391 San Martín Azcatepec
0%
Mexico 15,994 San Martín Cuautlalpan
0%
Mexico 14,283 San Martín de las Pirámides
0%
Guatemala 10,812 San Martín Jilotepeque
0%
Mexico 78,264 San Martín Texmelucan de Labastida
0%
Mexico 88,734 San Mateo Atenco
0%
Guatemala 15,090 San Mateo Ixtatán
0%
Mexico 10,854 San Mateo Mexicaltzingo
0%
Mexico 22,574 San Mateo Otzacatipan
0%
Mexico 22,500 San Mateo Oxtotitlán
0%
Mexico 10,698 San Mateo Tezoquipan Miraflores
0%
Mexico 11,824 San Mateo Tlaixpan
0%
Mexico 10,787 San Mateo Xoloc
0%
Mexico 11,571 San Matías Tlalancaleca
0%
Mexico 37,282 San Miguel Ajusco
0%
Mexico 15,070 San Miguel Canoa
0%
Mexico 13,705 San Miguel Coatlinchán
0%
Mexico 72,452 San Miguel de Allende
0%
Costa Rica 12,200 San Miguel de Santo Domingo
0%
Mexico 25,925 San Miguel el Alto
0%
Mexico 14,969 San Miguel Octopan
0%
Mexico 13,442 San Miguel Tocuila
0%
Mexico 41,087 San Miguel Topilejo
0%
Mexico 10,470 San Miguel Xaltepec
0%
Mexico 12,060 San Miguel Xoxtla
0%
Mexico 32,738 San Miguel Zinacantepec
0%
Cuba 12,830 San Nicolás de Bari
0%
Mexico 412,199 San Nicolás de los Garza
0%
Mexico 11,322 San Nicolás Galeana
0%
Mexico 18,751 San Pablo Atlazalpan
0%
Mexico 47,932 San Pablo Autopan=
0%
Mexico 157,998 San Pablo de las Salinas
0%
Guatemala 16,872 San Pablo Jocopilas
0%
Mexico 13,032 San Pedro Apatlaco
0%
Guatemala 48,727 San Pedro Ayampuc
0%
Guatemala 16,353 San Pedro Carchá
0%
Mexico 13,400 San Pedro de los Baños
0%
Mexico 132,128 San Pedro Garza García
0%
Guatemala 10,705 San Pedro La Laguna
0%
Mexico 31,677 San Pedro Mártir
0%
Mexico 14,071 San Pedro Pochutla
0%
Guatemala 49,589 San Pedro Sacatepéquez
0%
Guatemala 36,932 San Pedro Sacatepéquez
0%
Guatemala 14,166 San Pedro Soloma
0%
Mexico 14,063 San Pedro Tlaltizapan
0%
Mexico 22,374 San Pedro Totoltepec
0%
Mexico 15,052 San Pedro Tultepec
0%
Costa Rica 57,500 San Rafael de Alajuela
0%
Nicaragua 37,965 San Rafael del Sur
0%
Mexico 19,663 San Rafael Tlanalapan
0%
Guatemala 15,447 San Raimundo
0%
Costa Rica 40,600 San Ramón de los Palmares
0%
Mexico 19,823 San Salvador Atenco
0%
Mexico 19,648 San Salvador el Seco
0%
Mexico 14,268 San Salvador Huixcolotla
0%
Mexico 70,013 San Salvador Tizatlalli
0%
Mexico 11,950 San Sebastián Chimalpa
0%
Mexico 28,770 San Sebastián el Grande
0%
Mexico 17,918 San Sebastián Zinacatepec
0%
Mexico 53,373 Santa Ana Chiautempan
0%
Mexico 16,596 Santa Ana Nextlalpan
0%
Mexico 33,089 Santa Ana Tlapaltitlán
0%
Mexico 17,865 Santa Ana Xalmimilulco
0%
Guatemala 20,552 Santa Catalina la Tinta
0%
Mexico 11,126 Santa Catarina Ayotzingo
0%
Guatemala 19,560 Santa Catarina Ixtahuacan
0%
Guatemala 14,520 Santa Catarina Mita
0%
Guatemala 70,982 Santa Catarina Pinula
0%
Mexico 13,200 Santa Cruz Amilpas
0%
Mexico 10,873 Santa Cruz Atizapán
0%
Mexico 13,812 Santa Cruz Atzcapotzaltongo
0%
Costa Rica 16,600 Santa Cruz de Guanacaste
0%
Mexico 12,233 Santa Cruz de las Flores
0%
Cuba 12,336 Santa Cruz del Norte
0%
Guatemala 78,279 Santa Cruz del Quiché
0%
Cuba 16,569 Santa Cruz del Sur
0%
Mexico 30,849 Santa Cruz del Valle
0%
Honduras 20,960 Santa Cruz de Yojoa
0%
Mexico 81,848 Santa Cruz Xoxocotlán
0%
Mexico 20,042 Santa Eulalia
0%
Mexico 11,507 Santa Isabel Tepetzala
0%
Guatemala 58,877 Santa Lucía Cotzumalguapa
0%
Mexico 45,895 Santa Lucía del Camino
0%
Guatemala 12,234 Santa Lucía Milpas Altas
0%
Mexico 17,197 Santa María Acuitlapilco
0%
Mexico 20,576 Santa María Ajoloapan
0%
Mexico 10,563 Santa María Ajoloapan
0%
Mexico 15,486 Santa María Atarasquillo
0%
Mexico 28,586 Santa María Atzompa
0%
Guatemala 15,919 Santa María Chiquimula
0%
Mexico 16,797 Santa María Coronango
0%
Guatemala 21,795 Santa María de Jesús
0%
Mexico 14,340 Santa María del Río
0%
Mexico 10,504 Santa María Huatulco
0%
Mexico 15,154 Santa María Huexoculco
0%
Mexico 11,304 Santa María Magdalena
0%
Mexico 29,426 Santa María Moyotzingo
0%
Mexico 31,689 Santa María Totoltepec
0%
Mexico 17,215 Santa María Xonacatepec
0%
Mexico 14,823 Santa María Zacatepec
0%
Mexico 11,281 Santa María Zolotepec
0%
USA 99,894 San Tan Valley
0%
USA 30,657 Santa Paula
0%
USA 13,725 Santaquin
0%
Honduras 61,800 Santa Rosa de Copán
0%
El Salvador 13,640 Santa Rosa de Lima
0%
Mexico 22,168 Santa Rosa Jáuregui
0%
Mexico 14,357 Santa Rosalía
0%
Mexico 42,019 Santa Rosalía de Camargo
0%
Mexico 17,186 Santa Rosa Treinta
0%
El Salvador 108,840 Santa Tecla
0%
Mexico 56,460 Santa Teresa
0%
Mexico 10,139 Santa Úrsula Zimatepec
0%
USA 60,037 Santee
0%
Guatemala 38,100 Santiago Atitlán
0%
Mexico 11,167 Santiago Cuautlalpan
0%
El Salvador 13,350 Santiago de María
0%
Panama 51,339 Santiago de Veraguas
0%
Mexico 18,023 Santiago Ixcuintla
0%
Mexico 10,387 Santiago Jamiltepec
0%
Mexico 10,611 Santiago Juxtlahuaca
0%
Mexico 16,426 Santiago Miahuatlán
0%
Mexico 13,546 Santiago Miltepec
0%
Mexico 20,283 Santiago Momoxpan
0%
Mexico 30,063 Santiago Papasquiaro
0%
Mexico 33,726 Santiago Pinotepa Nacional
0%
Guatemala 24,100 Santiago Sacatepéquez
0%
Mexico 69,677 Santiago Teyahualco
0%
Mexico 12,752 Santiago Tianguistenco de Galeana
0%
Mexico 11,299 Santiago Tilapa
0%
Mexico 19,744 Santiago Tlacotepec
0%
Mexico 17,449 Santiago Tulantepec
0%
Mexico 15,733 Santiago Tuxtla
0%
Mexico 12,776 Santiago Yancuitlalpan
0%
Mexico 11,746 Santiaguito Tlalcilalcalli
0%
Mexico 45,134 Santo Domingo Tehuantepec
0%
Guatemala 10,632 Santo Domingo Xenacoj
0%
El Salvador 16,167 Santo Tomás
0%
Nicaragua 14,547 Santo Tomás
0%
USA 21,929 Sapulpa
0%
USA 16,171 Saraland
0%
USA 12,521 Sarasota Springs
0%
USA 31,051 Saratoga
0%
USA 28,491 Saratoga Springs
0%
USA 37,696 Saratoga Springs
0%
Costa Rica 11,200 Sardinal
0%
USA 11,226 Satellite Beach
0%
Mexico 27,628 Sauces
0%
Mexico 10,805 Saucillo
0%
USA 13,862 Sauk Rapids
0%
Jamaica 22,633 Savanna-la-Mar
0%
Guatemala 13,780 Sayaxché
0%
USA 45,345 Sayreville
0%
Mexico 28,145 Sayula
0%
Mexico 15,116 Sayula de Alemán
0%
USA 16,569 Sayville
0%
USA 18,253 Scarsdale
0%
USA 10,458 Scenic Oaks
0%
USA 78,723 Schaumburg
0%
USA 29,646 Schererville
0%
USA 42,002 Schertz
0%
USA 11,709 Schiller Park
0%
Martinique 19,342 Schœlcher
0%
USA 10,578 Scotchtown
0%
USA 10698 Scottdale
0%
USA 14,436 Scottsbluff
0%
USA 15,578 Scottsboro
0%
USA 12,224 Scotts Valley
0%
USA 19,627 Seabrook
0%
USA 13,618 Seabrook
0%
USA 15,251 Seaford
0%
USA 18,446 Seagoville
0%
USA 25,242 Seal Beach
0%
USA 31,454 SeaTac
0%
Nicaragua 25,849 Sébaco
0%
USA 25,054 Sebastian
0%
USA 10,729 Sebring
0%
USA 22,181 Secaucus
0%
USA 38,639 Security-Widefield
0%
USA 21,725 Sedalia
0%
USA 12,421 Sedro-Woolley
0%
USA 29,433 Seguin
0%
USA 21,262 Selden
0%
USA 17,971 Selma
0%
USA 24,674 Selma
0%
USA 10,952 Selma
0%
USA 19,364 Seminole
0%
El Salvador 15,395 Sensuntepeque
0%
USA 11,720 Seven Hills
0%
USA 14,652 Seven Oaks
0%
USA 57,118 Severn
0%
USA 39,933 Severna Park
0%
USA 17,889 Sevierville
0%
USA 21,569 Seymour
0%
USA 14,705 Seymour
0%
USA 11,690 Shady Hills
0%
USA 19,953 Shafter
0%
USA 29,439 Shaker Heights
0%
USA 13,147 Sharon
0%
USA 14,117 Sharonville
0%
USA 10,371 Shasta Lake
0%
Canada 38,930 Shawinigan
0%
USA 21,918 Shelby
0%
USA 20,067 Shelbyville
0%
USA 17,282 Shelbyville
0%
USA 23,557 Shelbyville
0%
USA 19292 Shenandoah
0%
USA 14,201 Shepherdsville
0%
USA 43,645 Sherman
0%
USA 19,228 Sherrelwood
0%
USA 20,450 Sherwood
0%
USA 14,098 Shiloh
0%
USA 10,952 Shiloh
0%
USA 11,524 Shiloh
0%
USA 26,360 Shirley
0%
USA 15,636 Shively
0%
USA 58,608 Shoreline
0%
USA 26,921 Shoreview
0%
USA 18,186 Shorewood
0%
USA 13,859 Shorewood
0%
USA 14,422 Short Hills
0%
USA 30,626 Short Pump
0%
USA 11,732 Show Low
0%
Cuba 11,207 Sibanicú
0%
USA 45,084 Sicklerville
0%
USA 20,204 Sienna
0%
USA 11,268 Sierra Madre
0%
USA 45,308 Sierra Vista
0%
USA 14,428 Sierra Vista Southeast
0%
USA 11,848 Signal Hill
0%
Honduras 79,520 Siguatepeque
0%
USA 16,291 Sikeston
0%
Mexico 83,352 Silao de la Victoria
0%
USA 20,733 Silverdale
0%
USA 22,174 Silver Firs
0%
USA 81,015 Silver Spring
0%
USA 24,846 Silver Springs Shores
0%
USA 10,484 Silverton
0%
Canada 16,121 Simcoe
0%
Mexico 14,618 Simojovel de Allende
0%
USA 23,354 Simpsonville
0%
Guatemala 18,150 Siquinalá
0%
Costa Rica 22,800 Siquirres
0%
Nicaragua 25,014 Siuna
0%
USA 67,824 Skokie
0%
USA 11,292 Smithfield
0%
USA 13,571 Smithfield
0%
USA 20573 Snellville
0%
USA 11,438 Snyder
0%
USA 22,213 Socastee
0%
USA 13,070 Soddy-Daisy
0%
USA 12,941 Solana Beach
0%
USA 24,925 Soledad
0%
Mexico 13,716 Soledad de Doblado
0%
Mexico 310,192 Soledad de Graciano Sánchez
0%
Guatemala 88,612 Sololá
0%
USA 24,262 Solon
0%
Mexico 25,068 Sombrerete
0%
USA 10,469 Somers Point
0%
USA 11,855 Somersworth
0%
USA 14,197 Somerton
0%
Nicaragua 20,582 Somotillo
0%
Nicaragua 21,299 Somoto
0%
Honduras 15,730 Sonaguera
0%
El Salvador 25,005 Sonzacate
0%
Canada 11,583 Sooke
0%
Mexico 11,311 Soto la Marina
0%
USA 26,858 South Bradenton
0%
USA 17,740 Southbridge Town
0%
USA 20,292 South Burlington
0%
USA 13,647 South Charleston
0%
USA 16,276 Southchase
0%
USA 12,865 South Daytona
0%
USA 23,865 South Elgin
0%
USA 19,567 South El Monte
0%
USA 15,545 Southern Pines
0%
USA 21,883 South Euclid
0%
USA 14,345 South Farmingdale
0%
USA 76,618 Southfield
0%
USA 107436 South Fulton
0%
USA 64,708 South Hill
0%
USA 21,465 South Holland
0%
USA 16,153 South Houston
0%
USA 31,265 Southlake
0%
USA 21,330 South Lake Tahoe
0%
USA 29,602 South Laurel
0%
USA 11,746 South Lyon
0%
USA 12,026 South Miami
0%
USA 36,770 South Miami Heights
0%
USA 20,795 South Milwaukee
0%
USA 17,488 South Ogden
0%
USA 26,943 South Pasadena
0%
USA 24,338 South Plainfield
0%
USA 26,498 South Portland
0%
USA 33,877 South Riding
0%
USA 16,118 South River
0%
USA 26,777 South Salt Lake
0%
USA 66,105 South San Francisco
0%
USA 19,855 South San Jose Hills
0%
USA 14,043 South Sioux City
0%
USA 15,619 South Venice
0%
USA 56,415 South Whittier
0%
USA 11,703 South Yarmouth
0%
El Salvador 241,403 Soyapango
0%
USA 35,476 Spanaway
0%
USA 42,602 Spanish Fork
0%
USA 10,049 Spanish Fort
0%
USA 18,413 Spanish Lake
0%
USA 17,314 Spanish Springs
0%
USA 13,952 Speedway
0%
USA 11,040 Spout Springs
0%
USA 19,062 Springboro
0%
USA 14,967 Spring Creek
0%
USA 30,998 Spring Valley
0%
USA 215,597 Spring Valley
0%
USA 33,066 Spring Valley
0%
Canada 39,348 Spruce Grove
0%
USA 16,112 Stallings
0%
Jamaica 11,173 St. Ann's Bay
0%
USA 11,117 Star
0%
USA 24,360 Starkville
0%
USA 40,501 State College
0%
USA 33438 Statesboro
0%
USA 28,419 Statesville
0%
USA 25,750 Staunton
0%
USA 58,874 St. Clair Shores
0%
USA 13,224 Steamboat Springs
0%
Canada 17,589 Steinbach
0%
USA 16,713 Steiner Ranch
0%
USA 20,897 Stephenville
0%
USA 18,161 Steubenville
0%
USA 20,178 Stevenson Ranch
0%
USA 72,473 St. Joseph
0%
USA 50,010 St. Louis Park
0%
USA 17,534 St. Matthews
0%
USA 28973 Stockbridge
0%
USA 59194 Stonecrest
0%
USA 23,244 Stoneham
0%
USA 15,039 Stone Ridge
0%
USA 10,409 Stony Brook University
0%
Canada 17,253 Stony Plain
0%
USA 12,126 Stony Point
0%
USA 11,269 Storm Lake
0%
USA 15,979 Storrs
0%
Canada 36,753 Stouffville
0%
USA 13,173 Stoughton
0%
Canada 13,851 Strathmore
0%
Canada 16,056 Strathroy
0%
USA 39,577 Streamwood
0%
USA 12,500 Streator
0%
USA 17,260 Streetsboro
0%
USA 46,491 Strongsville
0%
USA 10,063 Struthers
0%
USA 14982 St. Simons
0%
USA 17,425 Stuart
0%
USA 12,142 Stuarts Draft
0%
USA 12,820 Suamico
0%
USA 10,338 Succasunna
0%
Mexico 19,571 Suchiapa
0%
USA 19,008 Sudley
0%
USA 11,441 Suffern
0%
USA 25076 Sugar Hill
0%
USA 12,345 Sugarland Run
0%
USA 11,204 Sugarmill Woods
0%
USA 29,518 Suisun City
0%
USA 25,839 Suitland
0%
USA 21809 Sulphur
0%
USA 15,941 Sulphur Springs
0%
USA 14,758 Summerfield
0%
USA 10,951 Summerfield
0%
USA 30,744 Summerlin South
0%
Canada 14,952 Summerside
0%
USA 11,161 Summit
0%
USA 22,719 Summit
0%
USA 10,621 Sumner
0%
Guatemala 28,488 Sumpango
0%
USA 39,931 Sun City
0%
USA 30,952 Sun City Center
0%
USA 25,806 Sun City West
0%
USA 14,868 Sun Lakes
0%
USA 16,702 Sunland Park
0%
USA 22,342 Sunny Isles Beach
0%
USA 16,375 Sunnyside
0%
USA 35,967 Sun Prairie
0%
USA 205,618 Sunrise Manor
0%
USA 15,912 Sunset
0%
USA 21,178 Sun Valley
0%
USA 12,345 Sun Village
0%
USA 16,728 Susanville
0%
USA 20786 Suwanee
0%
USA 15,111 Swampscott
0%
USA 14,386 Swansea
0%
Canada 16,304 Swift Current
0%
USA 18,577 Sycamore
0%
Canada 12,353 Sydney Mines
0%
USA 12,578 Sylacauga
0%
USA 19,011 Sylvania
0%
Canada 16,142 Sylvan Lake
0%
USA 19,259 Syosset
0%
Haiti 99,011 Tabarre
0%
Mexico 10,083 Tacoaleche
0%
Guatemala 15,213 Tactic
0%
USA 16,209 Tahlequah
0%
USA 17,629 Takoma Park
0%
Honduras 20,610 Talanga
0%
USA 15,861 Talladega
0%
USA 18,394 Tallmadge
0%
Mexico 10,112 Talpa de Allende
0%
USA 11,492 Tamalpais-Homestead Valley
0%
USA 71,897 Tamarac
0%
Mexico 19,113 Tamazula de Gordiano
0%
Mexico 24,258 Tamazunchale
0%
Dominican Republic 24,820 Tamboril
0%
USA 54,212 Tamiami
0%
Mexico 297,373 Tampico
0%
Mexico 16,582 Tamuín
0%
USA 16,250 Tanque Verde
0%
Mexico 33,226 Tantoyuca
0%
Mexico 217,550 Tapachula de Córdova y Ordóñez
0%
USA 10,721 Tarboro
0%
Mexico 12,426 Tarimoro
0%
USA 25,117 Tarpon Springs
0%
USA 19,003 Tavares
0%
Mexico 50,399 Taxco de Alarcón
0%
USA 23,222 Taylors
0%
USA 60,448 Taylorsville
0%
USA 10,506 Taylorville
0%
Mexico 29,068 Teapa
0%
USA 14,350 Teays Valley
0%
Mexico 13,243 Tecalitlán
0%
Mexico 18,226 Tecámac de Felipe Villanueva
0%
Mexico 31,315 Tecamachalco
0%
Mexico 10,017 Tecoh
0%
Mexico 10,734 Tecolutilla
0%
Mexico 88,337 Tecomán
0%
Mexico 16,447 Técpan de Galeana
0%
Guatemala 34,519 Tecpán Guatemala
0%
Mexico 13,620 Tecuala
0%
USA 12,832 Tega Cay
0%
USA 12,939 Tehachapi
0%
Mexico 293,825 Tehuacán
0%
Mexico 30,967 Tejupilco de Hidalgo
0%
Mexico 28,461 Tekax de Álvaro Obregón
0%
Mexico 11,015 Tekit
0%
Honduras 39,920 Tela
0%
Nicaragua 10,175 Telica
0%
Mexico 25,148 Teloloapan
0%
Mexico 14,091 Temascalcingo de José María Velasco
0%
USA 26,232 Temescal Valley
0%
Mexico 104,461 Temixco
0%
USA 82,073 Temple
0%
USA 36,494 Temple City
0%
USA 26,690 Temple Terrace
0%
Mexico 12,494 Tempoal de Sánchez
0%
USA 15,409 Tenafly
0%
Mexico 12,892 Tenancingo
0%
Mexico 14,038 Tenancingo de Degollado
0%
Mexico 24,612 Tenango de Arista
0%
Mexico 34,946 Tenosique de Pino Suárez
0%
Mexico 24,580 Teocaltiche
0%
Mexico 10,581 Teocelo
0%
Mexico 19,147 Teolocholco
0%
Mexico 52,828 Teoloyucan
0%
Mexico 20,044 Teopisca
0%
Mexico 24,575 Teotihuacán de Arista
0%
Mexico 13,403 Tepalcingo
0%
Mexico 11,335 Tepatepec
0%
Mexico 98,842 Tepatitlán de Morelos
0%
Mexico 18,374 Tepatlaxco de Hidalgo
0%
Mexico 29,123 Tepeaca
0%
Mexico 16,368 Tepeapulco
0%
Mexico 36,618 Tepeji del Río de Ocampo
0%
Mexico 14,944 Tepetlixpa
0%
Mexico 120,778 Tepexpan
0%
Mexico 40,279 Tepotzotlán
0%
Mexico 14,719 Tepoztlán
0%
Mexico 31,115 Tequila
0%
Mexico 34,955 Tequisquiapan
0%
Mexico 25,697 Tequixquiac
0%
Canada 14,633 Terrace
0%
USA 17,465 Terrell
0%
USA 25278 Terrytown
0%
USA 11,472 Terryville
0%
Mexico 91,631 Tesistán
0%
Mexico 12,162 Tetela del Volcán
0%
Mexico 17,480 Tetla
0%
Mexico 35,491 Texcoco de Mora
0%
Mexico 62,849 Teziutlán
0%
Mexico 17,892 Tezoyuca
0%
USA 41,654 The Acreage
0%
USA 44,534 The Colony
0%
USA 23,276 The Crossings
0%
USA 16,010 The Dalles
0%
USA 59,480 The Hammocks
0%
USA 11,410 The Hills
0%
USA 11,311 The Pinery
0%
Canada 17,046 Thetford Mines
0%
USA 15948 Thibodaux
0%
Haiti 17,195 Thomassin
0%
USA 15,238 Thonotosassa
0%
USA 16,540 Three Lakes
0%
Nicaragua 18,489 Ticuantepe
0%
Mexico 35,183 Ticul
0%
Mexico 47,035 Tierra Blanca
0%
Mexico 12,262 Tierra Colorada
0%
USA 17,953 Tiffin
0%
USA 17045 Tifton
0%
Mexico 15,305 Tihuatlán
0%
USA 17,731 Tillmans Corner
0%
Canada 18,573 Tillsonburg
0%
USA 13,267 Timberlake
0%
USA 10364 Timberlane
0%
USA 35,217 Timberwood Park
0%
USA 10,458 Timonium
0%
USA 55,971 Tinley Park
0%
USA 19,181 Tinton Falls
0%
Nicaragua 150,597 Tipitapa
0%
USA 10,274 Tipp City
0%
Guatemala 29,193 Tiquisate
0%
USA 48,789 Titusville
0%
Mexico 11,904 Tixkokob
0%
Mexico 24,920 Tixtla de Guerrero
0%
Mexico 16,324 Tizapán el Alto
0%
Mexico 60,265 Tizayuca
0%
Mexico 15,298 Tlacolula de Matamoros
0%
Mexico 44,103 Tlajomulco de Zúñiga
0%
Mexico 11,400 Tlalixtac de Cabrera
0%
Mexico 14,518 Tlalmanalco de Velázquez
0%
Mexico 658,907 Tlalnepantla
0%
Mexico 17,882 Tlaltenango de Sánchez Román
0%
Mexico 10,779 Tlaltizapán
0%
Mexico 35,893 Tlapacoyan
0%
Mexico 59,580 Tlapa de Comonfort
0%
Mexico 650,123 Tlaquepaque
0%
Mexico 18,342 Tlaquiltenango
0%
Mexico 13,555 Tlaxcala de Xicohténcatl
0%
Mexico 17,978 Tlaxco
0%
Mexico 14,689 Tlaxcoapan
0%
Costa Rica 12,100 Tobosi
0%
Honduras 63,320 Tocoa
0%
Mexico 223,876 Toluca de Lerdo
0%
USA 12,341 Tomball
0%
USA 92,830 Toms River
0%
USA 57,431 Tonawanda Town
0%
USA 35,742 Tooele
0%
Mexico 13,809 Tototlán
0%
USA 11,065 Totowa
0%
USA 11,640 Town and Country
0%
USA 85,951 Town 'n' Country
0%
Mexico 17,021 Trancoso
0%
USA 11,985 Travilah
0%
Mexico 20,950 Tres de Mayo
0%
Mexico 16,758 Tres Valles
0%
USA 11,924 Trinity
0%
USA 13,688 Trophy Club
0%
USA 23,070 Trotwood
0%
Haiti 21,805 Trou-du-Nord
0%
USA 16,729 Truckee
0%
Puerto Rico 43,712 Trujillo Alto
0%
Canada 23,583 Truro
0%
USA 26,123 Trussville
0%
Canada 23,940 Tsawwassen
0%
USA 27,942 Tualatin
0%
USA 48,051 Tuckahoe
0%
USA 37005 Tucker
0%
USA 12,069 Tucson Estates
0%
USA 10,862 Tucson Mountains
0%
USA 21,798 Tukwila
0%
Mexico 29,390 Tula de Allende
0%
Mexico 106,163 Tulancingo
0%
USA 68,875 Tulare
0%
USA 20,339 Tullahoma
0%
Mexico 72,525 Tultepec
0%
Mexico 30,929 Tultitlán de Mariano Escobedo
0%
USA 25,350 Tumwater
0%
Trinidad and Tobago 16,701 Tunapuna
0%
USA 72,740 Turlock
0%
Costa Rica 29,900 Turrialba
0%
USA 80,276 Tustin
0%
Mexico 89,557 Túxpam de Rodríguez Cano
0%
Mexico 30,471 Tuxpan
0%
Mexico 22,013 Tuxpan
0%
USA 28,065 Twentynine Palms
0%
USA 19,248 Twinsburg
0%
USA 11,271 Two Rivers
0%
Mexico 10,879 Tzucacab
0%
USA 16,607 Ukiah
0%
Mexico 56,409 Umán
0%
Mexico 11,805 Unidad Habitacional José María Morelos y Pavón
0%
USA 32,473 Uniondale
0%
Mexico 13,949 Unión Hidalgo
0%
USA 22,683 Union Hill-Novelty Hill
0%
USA 10,452 Union Park
0%
Mexico 10,209 Unión y Progreso
0%
USA 19,720 Universal City
0%
USA 35,065 University City
0%
USA 25,278 University Park
0%
USA 34,866 University Place
0%
USA 79,040 Upland
0%
USA 36,800 Upper Arlington
0%
USA 15,778 Upper Grand Lagoon
0%
USA 13,146 Upper Montclair
0%
USA 38,336 Urbana
0%
USA 13,304 Urbana
0%
USA 11,115 Urbana
0%
USA 45,580 Urbandale
0%
Mexico 52,156 Uriangato
0%
USA 15,217 Uvalde
0%
Canada 11,794 Uxbridge
0%
USA 12,912 Vadnais Heights
0%
USA 13,604 Vail
0%
Canada 25,473 Val-d'Or
0%
USA 14,101 Valencia West
0%
Mexico 36,818 Valente Díaz
0%
USA 22,437 Valinda
0%
Mexico 24,167 Valle de Bravo
0%
Mexico 39,998 Valle de Lincoln
0%
Mexico 14,305 Valle del Norte
0%
Mexico 39,327 Valle de los Molinos
0%
Mexico 29,183 Valle del Roble
0%
Mexico 22,496 Valle de Santa Elena
0%
Mexico 40,703 Valle de Santa María
0%
Mexico 72,663 Valle de Santiago
0%
Mexico 13,037 Valle Dorado Inn
0%
Mexico 48,172 Valle Hermoso
0%
USA 16,194 Valle Vista
0%
USA 10,087 Valley Center
0%
Canada 17,251 Valley East
0%
USA 12,094 Valley Falls
0%
USA 40,634 Valley Stream
0%
USA 34,151 Valparaiso
0%
Mexico 13,577 Valparaíso
0%
USA 37,895 Valrico
0%
Mexico 12,986 Valtierrilla
0%
USA 15,209 Vandalia
0%
USA 11,092 Van Wert
0%
Canada 20,591 Varennes
0%
USA 11,055 Vashon
0%
Cuba 10,726 Vázquez
0%
Puerto Rico 23,415 Vega Baja
0%
Mexico 16,708 Veintidós de Febrero
0%
Cuba 12,807 Velasco
0%
Mexico 21,352 Venceremos
0%
Cuba 10,760 Venezuela
0%
Mexico 16,144 Venustiano Carranza
0%
USA 12,019 Verde Village
0%
USA 10,659 Vermilion
0%
USA 10,079 Vernal
0%
USA 16,354 Vero Beach
0%
USA 28,020 Vero Beach South
0%
USA 14,030 Verona
0%
Haiti 14,015 Verrettes
0%
USA 10,347 Versailles
0%
Cuba 28,890 Vertientes
0%
USA 39,102 Vestavia Hills
0%
Haiti 15,554 Vialet
0%
Mexico 13,876 Vicente Guerrero
0%
Mexico 17,967 Vicente Guerrero
0%
Mexico 15,910 Vicente Guerrero
0%
Dominican Republic 13,302 Vicente Noble
0%
USA 21,573 Vicksburg
0%
Mexico 616,068 Victoria de Durango
0%
Mexico 38,193 Víctor Rosales
0%
USA 10785 Vidalia
0%
USA 11,687 Viera East
0%
USA 16,688 Viera West
0%
USA 11,419 View Park-Windsor Hills
0%
Mexico 10,897 Villa Alberto Andrés Alvarado Arámburo
0%
Dominican Republic 42,624 Villa Altagracia
0%
Dominican Republic 37,463 Villa Bisonó
0%
Guatemala 124,680 Villa Canales
0%
Mexico 11,556 Villa Corzo
0%
Mexico 12,863 Villa Cuauhtémoc
0%
Mexico 14,004 Villa de El Carmen Tequexquitla
0%
Mexico 33,360 Villa del Campo
0%
Mexico 12,017 Villa de Reyes
0%
Mexico 16,788 Villa de Zaachila
0%
Mexico 11,425 Villa de Zaragoza
0%
Nicaragua 12,603 Villa El Carmen
0%
Mexico 37,546 Villaflores
0%
Dominican Republic 11,758 Villa González
0%
Mexico 28,109 Villagrán
0%
Mexico 10,336 Villa Guerrero
0%
Mexico 15,594 Villa Hidalgo
0%
Dominican Republic 11,329 Villa Jaragua
0%
Mexico 13,153 Villa Juárez
0%
Dominican Republic 11,588 Villa Montellano
0%
USA 22,263 Villa Park
0%
USA 16970 Villa Rica
0%
USA 12,687 Villas
0%
Mexico 15,659 Villa San Martín
0%
Mexico 11,849 Villa Santiago Cuautlalpan
0%
Mexico 15,306 Villas de la Laguna
0%
Mexico 21,275 Villas del Arco
0%
Mexico 11,509 Villa Unión
0%
Mexico 16,934 Villa Unión
0%
Dominican Republic 12,302 Villa Vásquez
0%
USA 16,759 Vincennes
0%
USA 15,714 Vincent
0%
USA 43,935 Vineyard
0%
USA 12,543 Vineyard
0%
USA 12581 Vinings
0%
Panama 128,973 Vista Alegre
0%
Panama 11,294 Volcán
0%
USA 13,033 Waconia
0%
USA 21,482 Wade Hampton
0%
USA 24,007 Wadsworth
0%
USA 27,090 Wakefield
0%
USA 11,805 Wakefield
0%
USA 47,601 Wake Forest
0%
USA 81,410 Waldorf
0%
USA 10,058 Waldwick
0%
USA 12,187 Walker Mill
0%
Canada 10,323 Wallaceburg
0%
USA 18,278 Wallingford Center
0%
USA 11,868 Wallington
0%
USA 28,430 Walnut
0%
USA 70,127 Walnut Creek
0%
USA 15,214 Walnut Park
0%
USA 11,317 Wanaque
0%
USA 18,613 Wantagh
0%
Canada 12,362 Warman
0%
USA 80308 Warner Robins
0%
USA 10,452 Warr Acres
0%
USA 19,337 Warrensburg
0%
USA 13,789 Warrensville Heights
0%
USA 10,057 Warrenton
0%
USA 13,553 Warrenville
0%
USA 15,218 Warrington
0%
Canada 22,194 Wasaga Beach
0%
USA 27,047 Wasco
0%
USA 14,401 Washington Court House
0%
USA 17,039 Washougal
0%
Nicaragua 13,166 Waslala
0%
Nicaragua 14,211 Waspám
0%
USA 23,650 Watauga
0%
USA 35,329 Watertown Town
0%
USA 15,828 Waterville
0%
USA 10,375 Watervliet
0%
USA 52,590 Watsonville
0%
USA 14,084 Wauconda
0%
USA 23,940 Waukee
0%
USA 14,879 Waunakee
0%
USA 11,344 Waupun
0%
USA 48,387 Wauwatosa
0%
USA 41,140 Waxahachie
0%
USA 20,534 Waxhaw
0%
USA 13942 Waycross
0%
USA 10,951 Waynesboro
0%
USA 22,196 Waynesboro
0%
USA 10,140 Waynesville
0%
USA 12,076 Weatherford
0%
USA 30,854 Weatherford
0%
USA 13,031 Webb City
0%
USA 12,194 Webster
0%
USA 12,499 Webster
0%
USA 24,010 Webster Groves
0%
USA 13,181 Weddington
0%
USA 15,136 Weigelstown
0%
USA 19,163 Weirton
0%
USA 23,428 Wekiwa Springs
0%
USA 15,553 Welby
0%
USA 29,550 Wellesley
0%
USA 14,000 Wells Branch
0%
USA 35,508 Wenatchee
0%
USA 44,372 Wentzville
0%
USA 40,160 Weslaco
0%
USA 64,866 Wesley Chapel
0%
USA 60,325 West Allis
0%
USA 43,213 West Babylon
0%
Cayman Islands 15,335 West Bay
0%
USA 31,752 West Bend
0%
USA 20,400 Westbrook
0%
USA 15,864 Westbury
0%
USA 13,129 West Carrollton
0%
USA 22,870 West Carson
0%
USA 25,952 Westchase
0%
USA 17,416 West Columbia
0%
USA 109,501 West Covina
0%
USA 68,723 West Des Moines
0%
USA 13,629 Western Springs
0%
USA 39,190 Westerville
0%
USA 30,243 West Falls Church
0%
USA 38,626 West Fargo
0%
USA 13,596 West Freehold
0%
USA 10,678 West Haverstraw
0%
USA 19,835 West Hempstead
0%
USA 27,048 West Islip
0%
USA 44,595 West Lafayette
0%
USA 34,228 Westlake
0%
USA 85,420 Westland
0%
USA 16,438 West Lealman
0%
USA 34,128 West Little River
0%
USA 25,924 West Melbourne
0%
USA 19,589 West Mifflin
0%
USA 13103 West Monroe
0%
USA 33,913 Westmont
0%
USA 24,429 Westmont
0%
USA 13,726 Westmont
0%
USA 52,912 West New York
0%
USA 33,340 West Odessa
0%
USA 15,130 West Park
0%
USA 21,019 West Pensacola
0%
USA 10,602 West Perrine
0%
USA 11,770 Westphalia
0%
USA 12,184 West Plains
0%
USA 22,959 West Puente Valley
0%
USA 24,347 West Rancho Dominguez
0%
USA 16,295 West Richland
0%
USA 53,915 West Sacramento
0%
USA 45,500 West Seneca
0%
USA 23,369 West Springfield
0%
USA 28,835 West Springfield Town
0%
USA 14,955 West University Place
0%
USA 140,230 West Valley City
0%
USA 10,039 West Vero Corridor
0%
USA 25,325 West Whittier-Los Nietos
0%
USA 11,373 Westwood Lakes
0%
Canada 12,438 Wetaskiwin
0%
Canada 10,883 Weyburn
0%
USA 57,437 Weymouth Town
0%
USA 32,398 Wheat Ridge
0%
USA 24,883 White Bear Lake
0%
USA 16,631 White Center
0%
USA 14,954 Whitefish Bay
0%
USA 20,127 Whitehall
0%
USA 15,064 Whitehall
0%
USA 12,982 White House
0%
USA 10,287 White Marsh
0%
USA 16,347 White Oak
0%
USA 19,541 White Oak
0%
USA 18,269 White Settlement
0%
USA 10,178 Whitestown
0%
USA 14,889 Whitewater
0%
USA 12,652 Wickliffe
0%
USA 36,875 Wildomar
0%
USA 15,730 Wildwood
0%
USA 35,417 Wildwood
0%
USA 14,349 Wilkinsburg
0%
Canada 11,906 Williams Lake
0%
USA 27,754 Williamsport
0%
USA 18,149 Willimantic
0%
USA 21,015 Willmar
0%
USA 23,959 Willoughby
0%
USA 10,019 Willoughby Hills
0%
USA 24,295 Willowbrook
0%
USA 13,730 Willow Grove
0%
USA 14,204 Willowick
0%
USA 28,170 Wilmette
0%
USA 15129 Wilmington Island
0%
USA 26,664 Wilsonville
0%
USA 11,426 Wilton Manors
0%
USA 18338 Winder
0%
USA 12,613 Windsor Locks
0%
USA 11,777 Winfield
0%
Canada 15,335 Winkler
0%
USA 12,744 Winnetka
0%
USA 22,380 Winter Gardens
0%
USA 38,342 Winter Springs
0%
USA 10,462 Winterville
0%
USA 19,316 Winthrop Town
0%
USA 11,709 Winton
0%
USA 18,877 Wisconsin Rapids
0%
Nicaragua 15,528 Wiwilí de Jinotega
0%
USA 17,193 Wixom
0%
USA 16,496 Wolf Trap
0%
USA 19,839 Woodbridge
0%
USA 44,668 Woodbridge
0%
USA 26,013 Woodburn
0%
USA 15,378 Woodcrest
0%
USA 14,012 Wood Dale
0%
USA 12,941 Woodhaven
0%
USA 13,069 Woodinville
0%
USA 61,032 Woodland
0%
USA 13,484 Woodland Park
0%
USA 39,986 Woodlawn
0%
USA 20,859 Woodlawn
0%
USA 11238 Woodmere
0%
USA 18,669 Woodmere
0%
USA 34,158 Woodridge
0%
USA 10,137 Wood-Ridge
0%
USA 10,464 Wood River
0%
USA 11,410 Woods Cross
0%
Canada 46,296 Woodstock
0%
USA 35065 Woodstock
0%
USA 25,630 Woodstock
0%
USA 12,133 Woodward
0%
USA 22,117 World Golf Village
0%
USA 26,277 Wright
0%
USA 12,990 Wyandanch
0%
USA 25,058 Wyandotte
0%
USA 57,526 Wylie
0%
USA 11,087 Wyndham
0%
USA 11,114 Wyomissing
0%
Mexico 443,063 Xalapa-Enríquez
0%
Mexico 17,121 Xalatlaco
0%
Mexico 48,170 Xalisco
0%
Mexico 11,838 Xaloztoc
0%
Mexico 384,327 Xico
0%
Mexico 21,585 Xico
0%
Mexico 14,197 Xicohtzinco
0%
Mexico 10,327 Xicoténcatl
0%
Mexico 41,455 Xicotepec de Juárez
0%
Mexico 21,862 Xochitepec
0%
Mexico 22,953 Xonacatlán
0%
Mexico 24,073 Xoxocotla
0%
Cuba 11,878 Yaguajay
0%
Mexico 14,497 Yahualica de González Gallo
0%
Mexico 18,926 Yajalón
0%
Jamaica 10,849 Yallahs
0%
Dominican Republic 15,064 Yamasá
0%
USA 15,411 Yankton
0%
Cuba 13,142 Yara
0%
Puerto Rico 13,569 Yauco
0%
Mexico 44,353 Yautepec de Zaragoza
0%
USA 10,316 Yazoo City
0%
USA 12,054 Yeadon
0%
Mexico 19,104 Yecapixtla
0%
USA 10,617 Yelm
0%
Guatemala 17,021 Yepocapa
0%
USA 68,336 Yorba Linda
0%
USA 10,992 Yorkshire
0%
Canada 15,969 Yorkton
0%
USA 21,533 Yorkville
0%
Honduras 27,460 Yoro
0%
USA 15929 Youngsville
0%
USA 20,648 Ypsilanti
0%
USA 54,542 Yucaipa
0%
USA 21,738 Yucca Valley
0%
USA 14,195 Yulee
0%
Mexico 25,845 Yuriria
0%
Guatemala 60,370 Zacapa
0%
El Salvador 41,341 Zacatecoluca
0%
Mexico 45,587 Zacatelco
0%
Mexico 21,375 Zacatepec de Hidalgo
0%
Mexico 39,203 Zacatlán
0%
USA 19316 Zachary
0%
Mexico 20,345 Zacoalco de Torres
0%
Mexico 29,472 Zacualtipán
0%
USA 24,765 Zanesville
0%
Mexico 27,260 Zapotiltic
0%
Mexico 33,284 Zapotlanejo
0%
USA 17,194 Zephyrhills
0%
Mexico 70,760 Zihuatanejo
0%
Mexico 14,732 Zimapán
0%
Mexico 14,226 Zimatlán de Álvarez
0%
Mexico 27,944 Zumpango del Río
0%
Mexico 53,362 Zumpango de Ocampo
0%
No matching quizzes found
Score Distribution
Percent of People with Each Score
Percentile by Number Answered
Your Score History
You have not taken this quiz